{"text_format":"3","workbook":"xlsx","n_sheets":4,"sheets":["Rekapitulácia stavby","01 - Rekonštrukcia chodní...","Časť 4 - Ukrajinská od Ba...","Časť 5 - Ukrajinská od mo..."],"not_rendered":{"defined_names":11},"read":"whole","date_system":"1900"}

{"sheet":"Rekapitulácia stavby","index":0,"n_rows":98,"n_cols":91,"rows_kept":98,"merged":[[1,43,1,56],[4,10,4,40],[4,56,33,56],[5,10,5,40],[13,4,13,35],[22,4,22,39],[25,36,25,40],[27,11,27,15],[27,22,27,30],[27,36,27,40],[28,11,28,15],[28,22,28,30],[28,36,28,40],[29,11,29,15],[29,22,29,30],[29,36,29,40],[30,11,30,15],[30,22,30,30],[30,36,30,40],[31,11,31,15],[31,22,31,30],[31,36,31,40],[32,11,32,15],[32,22,32,30],[32,36,32,40],[34,23,34,27],[34,36,34,40],[84,11,84,40],[86,38,86,39],[88,38,88,41],[88,44,90,45],[89,38,89,41],[91,2,91,6],[91,8,91,31],[91,32,91,38],[91,39,91,41],[93,32,93,38],[93,39,93,41],[94,3,94,7],[94,9,94,31],[94,32,94,38],[94,39,94,41],[95,3,95,7],[95,9,95,31],[95,32,95,38],[95,39,95,41],[96,4,96,8],[96,10,96,31],[96,32,96,38],[96,39,96,41],[97,4,97,8],[97,10,97,31],[97,32,97,38],[97,39,97,41]]}
["Export Komplet",{"$nulls":50},"","2.0","",{"$nulls":17},"False","False","{c634e916-e5e0-4fb8-885a-a66370a39176}"]
[{"$nulls":43},">>  skryté stĺpce  <<",{"$nulls":26},"0,01","23"]
[{"$nulls":70},"0,01","23"]
[{"$nulls":3},"REKAPITULÁCIA STAVBY",{"$nulls":40},"v ---  nižšie sa nachádzajú doplnkové a pomocné údaje k zostavám  --- v",{"$nulls":11},"Návod na vyplnenie",{"$nulls":13},"0,001"]
[{"$nulls":3},"Kód:",{"$nulls":6},"01",{"$nulls":45},"Meniť je možné iba bunky so žltým podfarbením!\r\n\r\n1) na prvom liste Rekapitulácie stavby vyplňte v zostave\r\n\r\n    a) Rekapitulácia stavby\r\n       - údaje o Zhotoviteľovi\r\n         (prenesú sa do ostatných zostáv aj v iných listoch)\r\n\r\n    b) Rekapitulácia objektov stavby\r\n       - potrebné Ostatné náklady\r\n\r\n2) na vybraných listoch vyplňte v zostave\r\n\r\n    a) Krycí list\r\n       - údaje o Zhotoviteľovi, pokiaľ sa líšia od údajov o Zhotoviteľovi na Rekapitulácii stavby\r\n         (údaje se prenesú do ostatných zostav v danom liste)\r\n\r\n    b) Rekapitulácia rozpočtu\r\n       - potrebné Ostatné náklady\r\n\r\n    c) Celkové náklady za stavbu\r\n       - ceny na položkách\r\n       - množstvo, pokiaľ má žlté podfarbenie\r\n       - a v prípade potreby poznámku (tá je v skrytom stĺpci)",{"$nulls":13},"0,01"]
[{"$nulls":3},"Stavba:",{"$nulls":6},"Miestne komunikácie Krásna",{"$nulls":59},"0,01"]
[{"$nulls":3},"JKSO:",{"$nulls":6},"",{"$nulls":25},"ČS:",null,null,"",{"$nulls":30},"0,01"]
[{"$nulls":3},"Miesto:",{"$nulls":6},"Mestská časť Košice - Krásna",{"$nulls":25},"Dátum:",null,null,"4. 3. 2026",{"$nulls":30},"0,01"]
[{"$nulls":70},"0,01"]
[{"$nulls":3},"Objednávateľ:",{"$nulls":32},"IČO:",null,null,"",{"$nulls":30},"0,01"]
[{"$nulls":4},"Mestská časť Košice - Krásna, Opátska18, Košice",{"$nulls":31},"IČ DPH:",null,null,"",{"$nulls":30},"0,01"]
[{"$nulls":70},"0,01"]
[{"$nulls":3},"Zhotoviteľ:",{"$nulls":32},"IČO:",null,null,"Vyplň údaj",{"$nulls":30},"0,01"]
[{"$nulls":4},"Vyplň údaj",{"$nulls":31},"IČ DPH:",null,null,"Vyplň údaj",{"$nulls":30},"0,01"]
[{"$nulls":70},"False"]
[{"$nulls":3},"Projektant:",{"$nulls":32},"IČO:",null,null,"",{"$nulls":30},"False"]
[{"$nulls":4}," ",{"$nulls":31},"IČ DPH:",null,null,"",{"$nulls":30},"True"]
[{"$nulls":70},"0,01"]
[{"$nulls":3},"Spracovateľ:",{"$nulls":32},"IČO:",null,null,"",{"$nulls":30},"0,01"]
[{"$nulls":4}," ",{"$nulls":31},"IČ DPH:",null,null,"",{"$nulls":30},"True"]
[]
[{"$nulls":3},"Poznámka:"]
[{"$nulls":4},""]
[]
[]
[{"$nulls":3},"Cena bez DPH",{"$nulls":32},{"$f":"ROUND(AG94,2)","v":{"v":0,"d":"0.00"}}]
[]
[{"$nulls":11},"Sadzba dane",{"$nulls":10},"Základ dane",{"$nulls":13},"Výška dane"]
[{"$nulls":3},"DPH",null,"základná",{"$nulls":5},{"v":0.23,"d":"23.00%"},{"$nulls":10},{"$f":"ROUND(AZ94, 2)","v":{"v":0,"d":"0.00"}},{"$nulls":13},{"$f":"ROUND(AV94, 2)","v":{"v":0,"d":"0.00"}}]
[{"$nulls":5},"znížená",{"$nulls":5},{"v":0.23,"d":"23.00%"},{"$nulls":10},{"$f":"ROUND(BA94, 2)","v":{"v":0,"d":"0.00"}},{"$nulls":13},{"$f":"ROUND(AW94, 2)","v":{"v":0,"d":"0.00"}}]
[{"$nulls":5},"zákl. prenesená",{"$nulls":5},{"v":0.23,"d":"23.00%"},{"$nulls":10},{"$f":"ROUND(BB94, 2)","v":{"v":0,"d":"0.00"}},{"$nulls":13},{"v":0,"d":"0.00"}]
[{"$nulls":5},"zníž. prenesená",{"$nulls":5},{"v":0.23,"d":"23.00%"},{"$nulls":10},{"$f":"ROUND(BC94, 2)","v":{"v":0,"d":"0.00"}},{"$nulls":13},{"v":0,"d":"0.00"}]
[{"$nulls":5},"nulová",{"$nulls":5},{"v":0,"d":"0.00%"},{"$nulls":10},{"$f":"ROUND(BD94, 2)","v":{"v":0,"d":"0.00"}},{"$nulls":13},{"v":0,"d":"0.00"}]
[]
[{"$nulls":3},"Cena s DPH",{"$nulls":15},"v",{"$nulls":3},"EUR",{"$nulls":12},{"$f":"SUM(AK26:AK33)","v":{"v":0,"d":"0.00"}}]
{"$rows_empty":13}
[{"$nulls":3},"Projektant",{"$nulls":29},"Spracovateľ"]
{"$rows_empty":10}
[{"$nulls":3},"Dátum a podpis:",{"$nulls":17},"Pečiatka",{"$nulls":11},"Dátum a podpis:",{"$nulls":4},"Pečiatka"]
[]
[]
[]
[{"$nulls":3},"Objednávateľ",{"$nulls":29},"Zhotoviteľ"]
{"$rows_empty":10}
[{"$nulls":3},"Dátum a podpis:",{"$nulls":17},"Pečiatka",{"$nulls":11},"Dátum a podpis:",{"$nulls":4},"Pečiatka"]
[]
[]
[]
[]
[]
[]
[null,null,"REKAPITULÁCIA OBJEKTOV STAVBY"]
[]
[null,null,"Kód:",{"$nulls":8},{"$f":"K5","v":"01"}]
[null,null,"Stavba:",{"$nulls":8},{"$f":"K6","v":"Miestne komunikácie Krásna"}]
[]
[null,null,"Miesto:",{"$nulls":8},{"$f":"IF(K8=\"\",\"\",K8)","v":"Mestská časť Košice - Krásna"},{"$nulls":22},"Dátum:",{"$nulls":3},{"$f":"IF(AN8= \"\",\"\",AN8)","v":"4. 3. 2026"}]
[]
[null,null,"Objednávateľ:",{"$nulls":8},{"$f":"IF(E11= \"\",\"\",E11)","v":"Mestská časť Košice - Krásna, Opátska18, Košice"},{"$nulls":22},"Projektant:",{"$nulls":3},{"$f":"IF(E17=\"\",\"\",E17)","v":" "},{"$nulls":5},"Informatívne údaje z listov zákaziek"]
[null,null,"Zhotoviteľ:",{"$nulls":8},{"$f":"IF(E14= \"Vyplň údaj\",\"\",E14)","v":""},{"$nulls":22},"Spracovateľ:",{"$nulls":3},{"$f":"IF(E20=\"\",\"\",E20)","v":" "}]
[]
[null,null,"Kód",{"$nulls":5},"Popis",{"$nulls":23},"Cena bez DPH [EUR]",{"$nulls":6},"Cena s DPH [EUR]",null,null,"Typ",null,"z toho Ostat.\r\nnáklady [EUR]","DPH [EUR]","Normohodiny [h]","DPH základná [EUR]","DPH znížená [EUR]","DPH základná prenesená\r\n[EUR]","DPH znížená prenesená\r\n[EUR]","Základňa\r\nDPH základná","Základňa\r\nDPH znížená","Základňa\r\nDPH zákl. prenesená","Základňa\r\nDPH zníž. prenesená","Základňa\r\nDPH nulová"]
[]
[null,null,"Náklady z rozpočtov",{"$nulls":29},{"$f":"ROUND(AG95+AG96,2)","v":{"v":0,"d":"0.00"}},{"$nulls":6},{"$f":"SUM(AG94,AT94)","v":{"v":0,"d":"0.00"}},null,null,"",null,{"$f":"ROUND(AS95+AS96,2)","v":{"v":0,"d":"0.00"}},{"$f":"ROUND(SUM(AV94:AW94),2)","v":{"v":0,"d":"0.00"}},{"$f":"ROUND(AU95+AU96,5)","v":{"v":0,"d":"0.00000"}},{"$f":"ROUND(AZ94*L29,2)","v":{"v":0,"d":"0.00"}},{"$f":"ROUND(BA94*L30,2)","v":{"v":0,"d":"0.00"}},{"$f":"ROUND(BB94*L29,2)","v":{"v":0,"d":"0.00"}},{"$f":"ROUND(BC94*L30,2)","v":{"v":0,"d":"0.00"}},{"$f":"ROUND(AZ95+AZ96,2)","v":{"v":0,"d":"0.00"}},{"$f":"ROUND(BA95+BA96,2)","v":{"v":0,"d":"0.00"}},{"$f":"ROUND(BB95+BB96,2)","v":{"v":0,"d":"0.00"}},{"$f":"ROUND(BC95+BC96,2)","v":{"v":0,"d":"0.00"}},{"$f":"ROUND(BD95+BD96,2)","v":{"v":0,"d":"0.00"}},{"$nulls":14},"D","0","###NOIMPORT###","IMPORT","{c634e916-e5e0-4fb8-885a-a66370a39176}","{00000000-0000-0000-0000-000000000000}",{"$nulls":13},""]
["/",null,null,"01",{"$nulls":5},"Rekonštrukcia chodníka - Ulica k Majeru",{"$nulls":22},{"$f":"'01 - Rekonštrukcia chodní...'!J32","v":{"v":0,"d":"0.00"}},{"$nulls":6},{"$f":"SUM(AG95,AT95)","v":{"v":0,"d":"0.00"}},null,null,"STA",null,{"v":0,"d":"0.00"},{"$f":"ROUND(SUM(AV95:AW95),2)","v":{"v":0,"d":"0.00"}},{"$f":"'01 - Rekonštrukcia chodní...'!P136","v":{"v":0,"d":"0.00000"}},{"$f":"'01 - Rekonštrukcia chodní...'!J35","v":{"v":0,"d":"0.00"}},{"$f":"'01 - Rekonštrukcia chodní...'!J36","v":{"v":0,"d":"0.00"}},{"$f":"'01 - Rekonštrukcia chodní...'!J37","v":{"v":0,"d":"0.00"}},{"$f":"'01 - Rekonštrukcia chodní...'!J38","v":{"v":0,"d":"0.00"}},{"$f":"'01 - Rekonštrukcia chodní...'!F35","v":{"v":0,"d":"0.00"}},{"$f":"'01 - Rekonštrukcia chodní...'!F36","v":{"v":0,"d":"0.00"}},{"$f":"'01 - Rekonštrukcia chodní...'!F37","v":{"v":0,"d":"0.00"}},{"$f":"'01 - Rekonštrukcia chodní...'!F38","v":{"v":0,"d":"0.00"}},{"$f":"'01 - Rekonštrukcia chodní...'!F39","v":{"v":0,"d":"0.00"}},{"$nulls":15},"1",null,"IMPORT","{dc30183c-db91-44c0-b7d6-def2c477578b}","{c634e916-e5e0-4fb8-885a-a66370a39176}",{"$nulls":13}," 822596","0"]
[{"$nulls":3},"02",{"$nulls":5},"Výstavba chodníkov na Ukrajinskej ",{"$nulls":22},{"$f":"ROUND(SUM(AG97:AG98),2)","v":{"v":0,"d":"0.00"}},{"$nulls":6},{"$f":"SUM(AG96,AT96)","v":{"v":0,"d":"0.00"}},null,null,"STA",null,{"$f":"ROUND(SUM(AS97:AS98),2)","v":{"v":0,"d":"0.00"}},{"$f":"ROUND(SUM(AV96:AW96),2)","v":{"v":0,"d":"0.00"}},{"$f":"ROUND(SUM(AU97:AU98),5)","v":{"v":0,"d":"0.00000"}},{"$f":"ROUND(AZ96*L29,2)","v":{"v":0,"d":"0.00"}},{"$f":"ROUND(BA96*L30,2)","v":{"v":0,"d":"0.00"}},{"$f":"ROUND(BB96*L29,2)","v":{"v":0,"d":"0.00"}},{"$f":"ROUND(BC96*L30,2)","v":{"v":0,"d":"0.00"}},{"$f":"ROUND(SUM(AZ97:AZ98),2)","v":{"v":0,"d":"0.00"}},{"$f":"ROUND(SUM(BA97:BA98),2)","v":{"v":0,"d":"0.00"}},{"$f":"ROUND(SUM(BB97:BB98),2)","v":{"v":0,"d":"0.00"}},{"$f":"ROUND(SUM(BC97:BC98),2)","v":{"v":0,"d":"0.00"}},{"$f":"ROUND(SUM(BD97:BD98),2)","v":{"v":0,"d":"0.00"}},{"$nulls":14},"D","1","###NOIMPORT###","IMPORT","{08e37655-5c00-4828-9db8-e104fa0a76ea}","{c634e916-e5e0-4fb8-885a-a66370a39176}",{"$nulls":13},"","0"]
["/",{"$nulls":3},"Časť 4",{"$nulls":5},"Ukrajinská od Banisegy po most cez Hornád",{"$nulls":21},{"$f":"'Časť 4 - Ukrajinská od Ba...'!J34","v":{"v":0,"d":"0.00"}},{"$nulls":6},{"$f":"SUM(AG97,AT97)","v":{"v":0,"d":"0.00"}},null,null,"Časť",null,{"v":0,"d":"0.00"},{"$f":"ROUND(SUM(AV97:AW97),2)","v":{"v":0,"d":"0.00"}},{"$f":"'Časť 4 - Ukrajinská od Ba...'!P142","v":{"v":0,"d":"0.00000"}},{"$f":"'Časť 4 - Ukrajinská od Ba...'!J37","v":{"v":0,"d":"0.00"}},{"$f":"'Časť 4 - Ukrajinská od Ba...'!J38","v":{"v":0,"d":"0.00"}},{"$f":"'Časť 4 - Ukrajinská od Ba...'!J39","v":{"v":0,"d":"0.00"}},{"$f":"'Časť 4 - Ukrajinská od Ba...'!J40","v":{"v":0,"d":"0.00"}},{"$f":"'Časť 4 - Ukrajinská od Ba...'!F37","v":{"v":0,"d":"0.00"}},{"$f":"'Časť 4 - Ukrajinská od Ba...'!F38","v":{"v":0,"d":"0.00"}},{"$f":"'Časť 4 - Ukrajinská od Ba...'!F39","v":{"v":0,"d":"0.00"}},{"$f":"'Časť 4 - Ukrajinská od Ba...'!F40","v":{"v":0,"d":"0.00"}},{"$f":"'Časť 4 - Ukrajinská od Ba...'!F41","v":{"v":0,"d":"0.00"}},{"$nulls":15},"2",null,"IMPORT","{b4efcaf6-5a7f-40a1-bcc5-ec8f7cb0e73d}","{08e37655-5c00-4828-9db8-e104fa0a76ea}",{"$nulls":13}," "]
["/",{"$nulls":3},"Časť 5",{"$nulls":5},"Ukrajinská od mostu cez Hornád po Átrium",{"$nulls":21},{"$f":"'Časť 5 - Ukrajinská od mo...'!J34","v":{"v":0,"d":"0.00"}},{"$nulls":6},{"$f":"SUM(AG98,AT98)","v":{"v":0,"d":"0.00"}},null,null,"Časť",null,{"v":0,"d":"0.00"},{"$f":"ROUND(SUM(AV98:AW98),2)","v":{"v":0,"d":"0.00"}},{"$f":"'Časť 5 - Ukrajinská od mo...'!P142","v":{"v":0,"d":"0.00000"}},{"$f":"'Časť 5 - Ukrajinská od mo...'!J37","v":{"v":0,"d":"0.00"}},{"$f":"'Časť 5 - Ukrajinská od mo...'!J38","v":{"v":0,"d":"0.00"}},{"$f":"'Časť 5 - Ukrajinská od mo...'!J39","v":{"v":0,"d":"0.00"}},{"$f":"'Časť 5 - Ukrajinská od mo...'!J40","v":{"v":0,"d":"0.00"}},{"$f":"'Časť 5 - Ukrajinská od mo...'!F37","v":{"v":0,"d":"0.00"}},{"$f":"'Časť 5 - Ukrajinská od mo...'!F38","v":{"v":0,"d":"0.00"}},{"$f":"'Časť 5 - Ukrajinská od mo...'!F39","v":{"v":0,"d":"0.00"}},{"$f":"'Časť 5 - Ukrajinská od mo...'!F40","v":{"v":0,"d":"0.00"}},{"$f":"'Časť 5 - Ukrajinská od mo...'!F41","v":{"v":0,"d":"0.00"}},{"$nulls":15},"2",null,"IMPORT","{589de97d-d6d0-4898-a74a-c5dd4576b7b7}","{08e37655-5c00-4828-9db8-e104fa0a76ea}",{"$nulls":13}," "]

{"sheet":"01 - Rekonštrukcia chodní...","index":1,"n_rows":209,"n_cols":65,"rows_kept":209,"merged":[[1,11,1,21],[6,4,6,7],[8,4,8,7],[17,4,17,7],[26,4,26,7],[84,4,84,7],[86,4,86,7],[109,3,109,5],[110,3,110,5],[111,3,111,5],[112,3,112,5],[113,3,113,5],[125,4,125,7],[127,4,127,7]]}
[]
[{"$nulls":11},">>  skryté stĺpce  <<",{"$nulls":33},"{dc30183c-db91-44c0-b7d6-def2c477578b}"]
[{"$nulls":45},"0"]
[{"$nulls":3},"KRYCÍ LIST ROZPOČTU",{"$nulls":8},"v ---  nižšie sa nachádzajú doplnkové a pomocné údaje k zostavám  --- v",{"$nulls":32},"False"]
[]
[{"$nulls":3},"Stavba:"]
[{"$nulls":4},{"$f":"'Rekapitulácia stavby'!K6","v":"Miestne komunikácie Krásna"}]
[{"$nulls":3},"Objekt:"]
[{"$nulls":4},"01 - Rekonštrukcia chodníka - Ulica k Majeru"]
[]
[{"$nulls":3},"JKSO:",null," 822596",null,null,"ČS:",""]
[{"$nulls":3},"Miesto:",null,"Mestská časť Košice - Krásna",null,null,"Dátum:",{"$f":"'Rekapitulácia stavby'!AN8","v":"4. 3. 2026"}]
[]
[{"$nulls":3},"Objednávateľ:",{"$nulls":4},"IČO:",""]
[{"$nulls":4},"Mestská časť Košice - Krásna, Opátska18, Košice",{"$nulls":3},"IČ DPH:",""]
[]
[{"$nulls":3},"Zhotoviteľ:",{"$nulls":4},"IČO:",{"$f":"'Rekapitulácia stavby'!AN13","v":"Vyplň údaj"}]
[{"$nulls":4},{"$f":"'Rekapitulácia stavby'!E14","v":"Vyplň údaj"},{"$nulls":3},"IČ DPH:",{"$f":"'Rekapitulácia stavby'!AN14","v":"Vyplň údaj"}]
[]
[{"$nulls":3},"Projektant:",{"$nulls":4},"IČO:",{"$f":"IF('Rekapitulácia stavby'!AN16=\"\",\"\",'Rekapitulácia stavby'!AN16)","v":""}]
[{"$nulls":4},{"$f":"IF('Rekapitulácia stavby'!E17=\"\",\"\",'Rekapitulácia stavby'!E17)","v":" "},{"$nulls":3},"IČ DPH:",{"$f":"IF('Rekapitulácia stavby'!AN17=\"\",\"\",'Rekapitulácia stavby'!AN17)","v":""}]
[]
[{"$nulls":3},"Spracovateľ:",{"$nulls":4},"IČO:",{"$f":"IF('Rekapitulácia stavby'!AN19=\"\",\"\",'Rekapitulácia stavby'!AN19)","v":""}]
[{"$nulls":4},{"$f":"IF('Rekapitulácia stavby'!E20=\"\",\"\",'Rekapitulácia stavby'!E20)","v":" "},{"$nulls":3},"IČ DPH:",{"$f":"IF('Rekapitulácia stavby'!AN20=\"\",\"\",'Rekapitulácia stavby'!AN20)","v":""}]
[]
[{"$nulls":3},"Poznámka:"]
[{"$nulls":4},""]
[]
[]
[{"$nulls":3},"Náklady z rozpočtu",{"$nulls":5},{"$f":"J96","v":{"v":0,"d":"0.00"}}]
[{"$nulls":3},"Ostatné náklady",{"$nulls":5},{"$f":"J109","v":{"v":0,"d":"0.00"}}]
[{"$nulls":3},"Cena bez DPH",{"$nulls":5},{"$f":"ROUND(J30 + J31, 2)","v":{"v":0,"d":"0.00"}}]
[]
[{"$nulls":5},"Základ dane",null,null,"Sadzba dane","Výška dane"]
[{"$nulls":3},"DPH","základná",{"$f":"ROUND((SUM(BE109:BE116) + SUM(BE136:BE209)),  2)","v":{"v":0,"d":"0.00"}},null,null,{"v":0.23,"d":"23.00%"},{"$f":"ROUND(((SUM(BE109:BE116) + SUM(BE136:BE209))*I35),  2)","v":{"v":0,"d":"0.00"}}]
[{"$nulls":4},"znížená",{"$f":"ROUND((SUM(BF109:BF116) + SUM(BF136:BF209)),  2)","v":{"v":0,"d":"0.00"}},null,null,{"v":0.23,"d":"23.00%"},{"$f":"ROUND(((SUM(BF109:BF116) + SUM(BF136:BF209))*I36),  2)","v":{"v":0,"d":"0.00"}}]
[{"$nulls":4},"zákl. prenesená",{"$f":"ROUND((SUM(BG109:BG116) + SUM(BG136:BG209)),  2)","v":{"v":0,"d":"0.00"}},null,null,{"v":0.23,"d":"23.00%"},{"$f":"0","v":{"v":0,"d":"0.00"}}]
[{"$nulls":4},"zníž. prenesená",{"$f":"ROUND((SUM(BH109:BH116) + SUM(BH136:BH209)),  2)","v":{"v":0,"d":"0.00"}},null,null,{"v":0.23,"d":"23.00%"},{"$f":"0","v":{"v":0,"d":"0.00"}}]
[{"$nulls":4},"nulová",{"$f":"ROUND((SUM(BI109:BI116) + SUM(BI136:BI209)),  2)","v":{"v":0,"d":"0.00"}},null,null,{"v":0,"d":"0.00%"},{"$f":"0","v":{"v":0,"d":"0.00"}}]
[]
[{"$nulls":3},"Cena s DPH",null,null,"v","EUR",null,{"$f":"SUM(J32:J39)","v":{"v":0,"d":"0.00"}}]
{"$rows_empty":8}
[{"$nulls":3},"Projektant",null,null,"Spracovateľ"]
{"$rows_empty":10}
[{"$nulls":3},"Dátum a podpis:",null,"Pečiatka","Dátum a podpis:",null,null,"Pečiatka"]
[]
[]
[]
[{"$nulls":3},"Objednávateľ",null,null,"Zhotoviteľ"]
{"$rows_empty":10}
[{"$nulls":3},"Dátum a podpis:",null,"Pečiatka","Dátum a podpis:",null,null,"Pečiatka"]
[]
[]
[]
[]
[]
[null,null,"REKAPITULÁCIA ROZPOČTU"]
[]
[null,null,"Stavba:"]
[{"$nulls":4},{"$f":"E7","v":"Miestne komunikácie Krásna"}]
[null,null,"Objekt:"]
[{"$nulls":4},{"$f":"E9","v":"01 - Rekonštrukcia chodníka - Ulica k Majeru"}]
[]
[null,null,"Miesto:",null,null,{"$f":"F12","v":"Mestská časť Košice - Krásna"},null,null,"Dátum:",{"$f":"IF(J12=\"\",\"\",J12)","v":"4. 3. 2026"}]
[]
[null,null,"Objednávateľ:",null,null,{"$f":"E15","v":"Mestská časť Košice - Krásna, Opátska18, Košice"},null,null,"Projektant:",{"$f":"E21","v":" "}]
[null,null,"Zhotoviteľ:",null,null,{"$f":"IF(E18=\"\",\"\",E18)","v":"Vyplň údaj"},null,null,"Spracovateľ:",{"$f":"E24","v":" "}]
[]
[null,null,"Kód dielu - Popis",{"$nulls":6},"Cena celkom [EUR]"]
[]
[null,null,"1) Náklady z rozpočtu",{"$nulls":6},{"$f":"J136","v":{"v":0,"d":"0.00"}},{"$nulls":36},"-1"]
[{"$nulls":3},"D1 - PRÁCE A DODÁVKY HSV",{"$nulls":5},{"$f":"J137","v":{"v":0,"d":"0.00"}}]
[{"$nulls":3},"    1 - ZEMNE PRÁCE",{"$nulls":5},{"$f":"J138","v":{"v":0,"d":"0.00"}}]
[{"$nulls":3},"    2 - ZÁKLADY",{"$nulls":5},{"$f":"J150","v":{"v":0,"d":"0.00"}}]
[{"$nulls":3},"    3 - ZVISLÉ A KOMPLETNÉ KONŠTRUKCIE",{"$nulls":5},{"$f":"J157","v":{"v":0,"d":"0.00"}}]
[{"$nulls":3},"    5 - KOMUNIKÁCIE",{"$nulls":5},{"$f":"J159","v":{"v":0,"d":"0.00"}}]
[{"$nulls":3},"    8 - RÚROVÉ VEDENIA",{"$nulls":5},{"$f":"J171","v":{"v":0,"d":"0.00"}}]
[{"$nulls":3},"    9 - OSTATNÉ KONŠTRUKCIE A PRÁCE",{"$nulls":5},{"$f":"J175","v":{"v":0,"d":"0.00"}}]
[{"$nulls":3},"D2 - PRÁCE A DODÁVKY PSV",{"$nulls":5},{"$f":"J203","v":{"v":0,"d":"0.00"}}]
[{"$nulls":3},"    767 - Konštrukcie doplnk. kovové stavebné",{"$nulls":5},{"$f":"J204","v":{"v":0,"d":"0.00"}}]
[{"$nulls":3},"    783 - Nátery",{"$nulls":5},{"$f":"J207","v":{"v":0,"d":"0.00"}}]
[]
[]
[null,null,"2) Ostatné náklady",{"$nulls":6},{"$f":"ROUND(J110 + J111 + J112 + J113 + J114 + J115,2)","v":{"v":0,"d":"0.00"}},{"$nulls":3},"DPH"]
[{"$nulls":3},"GZS",{"$nulls":5},{"v":0,"d":"0.00"},{"$nulls":3},"znížená",{"$nulls":36},"VRN",{"$nulls":5},{"$f":"IF(N110=\"základná\",J110,0)","v":{"v":0,"d":"0.00"}},{"$f":"IF(N110=\"znížená\",J110,0)","v":{"v":0,"d":"0.00"}},{"$f":"IF(N110=\"zákl. prenesená\",J110,0)","v":{"v":0,"d":"0.00"}},{"$f":"IF(N110=\"zníž. prenesená\",J110,0)","v":{"v":0,"d":"0.00"}},{"$f":"IF(N110=\"nulová\",J110,0)","v":{"v":0,"d":"0.00"}},"2"]
[{"$nulls":3},"Projektové práce",{"$nulls":5},{"v":0,"d":"0.00"},{"$nulls":3},"znížená",{"$nulls":36},"VRN",{"$nulls":5},{"v":0,"d":"0.00"},{"v":0,"d":"0.00"},{"v":0,"d":"0.00"},{"v":0,"d":"0.00"},{"v":0,"d":"0.00"},"2"]
[{"$nulls":3},"Sťažené podmienky",{"$nulls":5},{"v":0,"d":"0.00"},{"$nulls":3},"znížená",{"$nulls":36},"VRN",{"$nulls":5},{"v":0,"d":"0.00"},{"v":0,"d":"0.00"},{"v":0,"d":"0.00"},{"v":0,"d":"0.00"},{"v":0,"d":"0.00"},"2"]
[{"$nulls":3},"Vplyv prostredia",{"$nulls":5},{"v":0,"d":"0.00"},{"$nulls":3},"znížená",{"$nulls":36},"VRN",{"$nulls":5},{"v":0,"d":"0.00"},{"v":0,"d":"0.00"},{"v":0,"d":"0.00"},{"v":0,"d":"0.00"},{"v":0,"d":"0.00"},"2"]
[{"$nulls":3},"Iné VRN",{"$nulls":5},{"v":0,"d":"0.00"},{"$nulls":3},"znížená",{"$nulls":36},"VRN",{"$nulls":5},{"v":0,"d":"0.00"},{"v":0,"d":"0.00"},{"v":0,"d":"0.00"},{"v":0,"d":"0.00"},{"v":0,"d":"0.00"},"2"]
[{"$nulls":3},"Kompletačná činnosť",{"$nulls":5},{"$f":"ROUND(J30*T115,2)","v":{"v":0,"d":"0.00"}},{"$nulls":3},"znížená",{"$nulls":36},"KOMPLETACNA",{"$nulls":5},{"v":0,"d":"0.00"},{"v":0,"d":"0.00"},{"v":0,"d":"0.00"},{"v":0,"d":"0.00"},{"v":0,"d":"0.00"},"2"]
[]
[null,null,"Celkové náklady za stavbu 1) + 2)",{"$nulls":6},{"$f":"ROUND(J96+J109,2)","v":{"v":0,"d":"0.00"}}]
[]
[]
[]
[]
[]
[null,null,"ROZPOČET"]
[]
[null,null,"Stavba:"]
[{"$nulls":4},{"$f":"E7","v":"Miestne komunikácie Krásna"}]
[null,null,"Objekt:"]
[{"$nulls":4},{"$f":"E9","v":"01 - Rekonštrukcia chodníka - Ulica k Majeru"}]
[]
[null,null,"Miesto:",null,null,{"$f":"F12","v":"Mestská časť Košice - Krásna"},null,null,"Dátum:",{"$f":"IF(J12=\"\",\"\",J12)","v":"4. 3. 2026"}]
[]
[null,null,"Objednávateľ:",null,null,{"$f":"E15","v":"Mestská časť Košice - Krásna, Opátska18, Košice"},null,null,"Projektant:",{"$f":"E21","v":" "}]
[null,null,"Zhotoviteľ:",null,null,{"$f":"IF(E18=\"\",\"\",E18)","v":"Vyplň údaj"},null,null,"Spracovateľ:",{"$f":"E24","v":" "}]
[]
[null,null,"PČ","Typ","Kód","Popis","MJ","Množstvo","J.cena [EUR]","Cena celkom [EUR]","Cenová sústava",null,"","DPH","J. Nh [h]","Nh celkom [h]","J. hmotnosť [t]","Hmotnosť celkom [t]","J. suť [t]","Suť Celkom [t]"]
[null,null,"Náklady z rozpočtu",{"$nulls":6},{"$f":"BK136","v":{"v":0,"d":"0.00"}},{"$nulls":5},{"$f":"P137+P203","v":{"v":0,"d":"0.00000"}},null,{"$f":"R137+R203","v":{"v":549.26648488,"d":"549.26648"}},null,{"$f":"T137+T203","v":{"v":205.44199999999998,"d":"205.44200"}},{"$nulls":25},"D","-1",{"$nulls":15},{"$f":"BK137+BK203","v":{"v":0,"d":"0.00"}}]
[{"$nulls":3},"D","D1","PRÁCE A DODÁVKY HSV",{"$nulls":3},{"$f":"BK137","v":{"v":0,"d":"0.00"}},{"$nulls":5},{"$f":"P138+P150+P157+P159+P171+P175","v":{"v":0,"d":"0.00000"}},null,{"$f":"R138+R150+R157+R159+R171+R175","v":{"v":549.17308168,"d":"549.17308"}},null,{"$f":"T138+T150+T157+T159+T171+T175","v":{"v":205.44199999999998,"d":"205.44200"}},{"$nulls":23},"1",null,"D","0",{"$nulls":3},"ROZPOCET",{"$nulls":11},{"$f":"BK138+BK150+BK157+BK159+BK171+BK175","v":{"v":0,"d":"0.00"}}]
[{"$nulls":3},"D","1","ZEMNE PRÁCE",{"$nulls":3},{"$f":"BK138","v":{"v":0,"d":"0.00"}},{"$nulls":5},{"$f":"SUM(P139:P149)","v":{"v":0,"d":"0.00000"}},null,{"$f":"SUM(R139:R149)","v":{"v":0,"d":"0.00000"}},null,{"$f":"SUM(T139:T149)","v":{"v":199.76299999999998,"d":"199.76300"}},{"$nulls":23},"1",null,"D","1",{"$nulls":3},"ROZPOCET",{"$nulls":11},{"$f":"SUM(BK139:BK149)","v":{"v":0,"d":"0.00"}}]
[null,null,"1","K","113106511","Rozobratie dlažby vozov. z cestných panelov, lôžko z kameniva nad 200 m2","m2",{"v":455,"d":"455.000"},null,{"$f":"ROUND(I139*H139,2)","v":{"v":0,"d":"0.00"}},null,null,"","znížená",null,{"$f":"O139*H139","v":{"v":0,"d":"0.00000"}},{"v":0,"d":"0.00000"},{"$f":"Q139*H139","v":{"v":0,"d":"0.00000"}},{"v":0.417,"d":"0.41700"},{"$f":"S139*H139","v":{"v":189.73499999999999,"d":"189.73500"}},{"$nulls":23},"4",null,"K","2",{"$nulls":3},"ROZPOCET",{"$nulls":5},{"$f":"IF(N139=\"základná\",J139,0)","v":{"v":0,"d":"0.00"}},{"$f":"IF(N139=\"znížená\",J139,0)","v":{"v":0,"d":"0.00"}},{"$f":"IF(N139=\"zákl. prenesená\",J139,0)","v":{"v":0,"d":"0.00"}},{"$f":"IF(N139=\"zníž. prenesená\",J139,0)","v":{"v":0,"d":"0.00"}},{"$f":"IF(N139=\"nulová\",J139,0)","v":{"v":0,"d":"0.00"}},"2",{"$f":"ROUND(I139*H139,2)","v":{"v":0,"d":"0.00"}},"4","2"]
[null,null,"2","K","113107122","Odstránenie podkladov alebo krytov z kameniva drv. hr. 100-200 mm, do 200 m2","m2",{"v":4,"d":"4.000"},null,{"v":0,"d":"0.00"},null,null,"","znížená",null,{"v":0,"d":"0.00000"},{"v":0,"d":"0.00000"},{"v":0,"d":"0.00000"},{"v":0.235,"d":"0.23500"},{"v":0.94,"d":"0.94000"},{"$nulls":23},"4",null,"K","2",{"$nulls":3},"ROZPOCET",{"$nulls":5},{"v":0,"d":"0.00"},{"v":0,"d":"0.00"},{"v":0,"d":"0.00"},{"v":0,"d":"0.00"},{"v":0,"d":"0.00"},"2",{"v":0,"d":"0.00"},"4","4"]
[null,null,"3","K","113107130","Odstránenie podkladov alebo krytov z betónu prost. hr. do 100 mm, do 200 m2","m2",{"v":4,"d":"4.000"},null,{"v":0,"d":"0.00"},null,null,"","znížená",null,{"v":0,"d":"0.00000"},{"v":0,"d":"0.00000"},{"v":0,"d":"0.00000"},{"v":0.16,"d":"0.16000"},{"v":0.64,"d":"0.64000"},{"$nulls":23},"4",null,"K","2",{"$nulls":3},"ROZPOCET",{"$nulls":5},{"v":0,"d":"0.00"},{"v":0,"d":"0.00"},{"v":0,"d":"0.00"},{"v":0,"d":"0.00"},{"v":0,"d":"0.00"},"2",{"v":0,"d":"0.00"},"4","6"]
[null,null,"4","K","113151114","Frézovanie živ. krytu hr. do 50 mm, š. do 750 mm alebo do 500 m2","m2",{"v":66,"d":"66.000"},null,{"v":0,"d":"0.00"},null,null,"","znížená",null,{"v":0,"d":"0.00000"},{"v":0,"d":"0.00000"},{"v":0,"d":"0.00000"},{"v":0.128,"d":"0.12800"},{"v":8.448,"d":"8.44800"},{"$nulls":23},"4",null,"K","2",{"$nulls":3},"ROZPOCET",{"$nulls":5},{"v":0,"d":"0.00"},{"v":0,"d":"0.00"},{"v":0,"d":"0.00"},{"v":0,"d":"0.00"},{"v":0,"d":"0.00"},"2",{"v":0,"d":"0.00"},"4","8"]
[null,null,"5","K","122201102","Odkopávky a prekopávky nezapaž. v horn. tr. 3 nad 100 do 1 000 m3","m3",{"v":102,"d":"102.000"},null,{"v":0,"d":"0.00"},null,null,"","znížená",null,{"v":0,"d":"0.00000"},{"v":0,"d":"0.00000"},{"v":0,"d":"0.00000"},{"v":0,"d":"0.00000"},{"v":0,"d":"0.00000"},{"$nulls":23},"4",null,"K","2",{"$nulls":3},"ROZPOCET",{"$nulls":5},{"v":0,"d":"0.00"},{"v":0,"d":"0.00"},{"v":0,"d":"0.00"},{"v":0,"d":"0.00"},{"v":0,"d":"0.00"},"2",{"v":0,"d":"0.00"},"4","10"]
[null,null,"6","K","122201109","Príplatok za lepivosť horniny tr.3","m3",{"v":102,"d":"102.000"},null,{"v":0,"d":"0.00"},null,null,"","znížená",null,{"v":0,"d":"0.00000"},{"v":0,"d":"0.00000"},{"v":0,"d":"0.00000"},{"v":0,"d":"0.00000"},{"v":0,"d":"0.00000"},{"$nulls":23},"4",null,"K","2",{"$nulls":3},"ROZPOCET",{"$nulls":5},{"v":0,"d":"0.00"},{"v":0,"d":"0.00"},{"v":0,"d":"0.00"},{"v":0,"d":"0.00"},{"v":0,"d":"0.00"},"2",{"v":0,"d":"0.00"},"4","12"]
[null,null,"7","K","132201101","Hĺbenie rýh šírka do 60 cm v horn. tr. 3 do 100 m3","m3",{"v":2.98,"d":"2.980"},null,{"v":0,"d":"0.00"},null,null,"","znížená",null,{"v":0,"d":"0.00000"},{"v":0,"d":"0.00000"},{"v":0,"d":"0.00000"},{"v":0,"d":"0.00000"},{"v":0,"d":"0.00000"},{"$nulls":23},"4",null,"K","2",{"$nulls":3},"ROZPOCET",{"$nulls":5},{"v":0,"d":"0.00"},{"v":0,"d":"0.00"},{"v":0,"d":"0.00"},{"v":0,"d":"0.00"},{"v":0,"d":"0.00"},"2",{"v":0,"d":"0.00"},"4","14"]
[null,null,"8","K","132201110","Príplatok za lepivosť horniny tr. 3 v rýhach š. do 60 cm s urovnaním dna","m3",{"v":2.98,"d":"2.980"},null,{"v":0,"d":"0.00"},null,null,"","znížená",null,{"v":0,"d":"0.00000"},{"v":0,"d":"0.00000"},{"v":0,"d":"0.00000"},{"v":0,"d":"0.00000"},{"v":0,"d":"0.00000"},{"$nulls":23},"4",null,"K","2",{"$nulls":3},"ROZPOCET",{"$nulls":5},{"v":0,"d":"0.00"},{"v":0,"d":"0.00"},{"v":0,"d":"0.00"},{"v":0,"d":"0.00"},{"v":0,"d":"0.00"},"2",{"v":0,"d":"0.00"},"4","16"]
[null,null,"9","K","162501101","Vodorovné premiestnenie výkopu do 2500 m horn. tr. 1-4","m3",{"v":104.98,"d":"104.980"},null,{"v":0,"d":"0.00"},null,null,"","znížená",null,{"v":0,"d":"0.00000"},{"v":0,"d":"0.00000"},{"v":0,"d":"0.00000"},{"v":0,"d":"0.00000"},{"v":0,"d":"0.00000"},{"$nulls":23},"4",null,"K","2",{"$nulls":3},"ROZPOCET",{"$nulls":5},{"v":0,"d":"0.00"},{"v":0,"d":"0.00"},{"v":0,"d":"0.00"},{"v":0,"d":"0.00"},{"v":0,"d":"0.00"},"2",{"v":0,"d":"0.00"},"4","18"]
[null,null,"10","K","167101102","Nakladanie výkopku nad 100 m3 v horn. tr. 1-4","m3",105.984,null,{"v":0,"d":"0.00"},null,null,"","znížená",null,{"v":0,"d":"0.00000"},{"v":0,"d":"0.00000"},{"v":0,"d":"0.00000"},{"v":0,"d":"0.00000"},{"v":0,"d":"0.00000"},{"$nulls":23},"4",null,"K","2",{"$nulls":3},"ROZPOCET",{"$nulls":5},{"v":0,"d":"0.00"},{"v":0,"d":"0.00"},{"v":0,"d":"0.00"},{"v":0,"d":"0.00"},{"v":0,"d":"0.00"},"2",{"v":0,"d":"0.00"},"4","20"]
[null,null,"11","K","181101102","Úprava pláne v zárezoch v horn. tr. 1-4 so zhutnením","m2",{"v":737,"d":"737.000"},null,{"v":0,"d":"0.00"},null,null,"","znížená",null,{"v":0,"d":"0.00000"},{"v":0,"d":"0.00000"},{"v":0,"d":"0.00000"},{"v":0,"d":"0.00000"},{"v":0,"d":"0.00000"},{"$nulls":23},"4",null,"K","2",{"$nulls":3},"ROZPOCET",{"$nulls":5},{"v":0,"d":"0.00"},{"v":0,"d":"0.00"},{"v":0,"d":"0.00"},{"v":0,"d":"0.00"},{"v":0,"d":"0.00"},"2",{"v":0,"d":"0.00"},"4","22"]
[{"$nulls":3},"D","2","ZÁKLADY",{"$nulls":3},{"$f":"BK150","v":{"v":0,"d":"0.00"}},{"$nulls":5},{"$f":"SUM(P151:P156)","v":{"v":0,"d":"0.00000"}},null,{"$f":"SUM(R151:R156)","v":{"v":19.46776458,"d":"19.46776"}},null,{"$f":"SUM(T151:T156)","v":{"v":0,"d":"0.00000"}},{"$nulls":23},"1",null,"D","1",{"$nulls":3},"ROZPOCET",{"$nulls":11},{"$f":"SUM(BK151:BK156)","v":{"v":0,"d":"0.00"}}]
[null,null,"12","K","271571111","Vankúš pod základy zo štrkopiesku triedeného","m3",{"v":3.59,"d":"3.590"},null,{"$f":"ROUND(I151*H151,2)","v":{"v":0,"d":"0.00"}},null,null,"","znížená",null,{"$f":"O151*H151","v":{"v":0,"d":"0.00000"}},1.93971,{"$f":"Q151*H151","v":{"v":6.9635589,"d":"6.96356"}},{"v":0,"d":"0.00000"},{"$f":"S151*H151","v":{"v":0,"d":"0.00000"}},{"$nulls":23},"4",null,"K","2",{"$nulls":3},"ROZPOCET",{"$nulls":5},{"$f":"IF(N151=\"základná\",J151,0)","v":{"v":0,"d":"0.00"}},{"$f":"IF(N151=\"znížená\",J151,0)","v":{"v":0,"d":"0.00"}},{"$f":"IF(N151=\"zákl. prenesená\",J151,0)","v":{"v":0,"d":"0.00"}},{"$f":"IF(N151=\"zníž. prenesená\",J151,0)","v":{"v":0,"d":"0.00"}},{"$f":"IF(N151=\"nulová\",J151,0)","v":{"v":0,"d":"0.00"}},"2",{"$f":"ROUND(I151*H151,2)","v":{"v":0,"d":"0.00"}},"4","24"]
[null,null,"13","K","273321411","Základové dosky zo železobetónu tr. C25/30","m3",2.925,null,{"v":0,"d":"0.00"},null,null,"","znížená",null,{"v":0,"d":"0.00000"},2.23706,{"v":6.5434005,"d":"6.54340"},{"v":0,"d":"0.00000"},{"v":0,"d":"0.00000"},{"$nulls":23},"4",null,"K","2",{"$nulls":3},"ROZPOCET",{"$nulls":5},{"v":0,"d":"0.00"},{"v":0,"d":"0.00"},{"v":0,"d":"0.00"},{"v":0,"d":"0.00"},{"v":0,"d":"0.00"},"2",{"v":0,"d":"0.00"},"4","26"]
[null,null,"14","K","273361411","Výstuž dosiek zo zvarovaných sietí","t",0.117,null,{"v":0,"d":"0.00"},null,null,"","znížená",null,{"v":0,"d":"0.00000"},1.17134,{"v":0.13704678,"d":"0.13705"},{"v":0,"d":"0.00000"},{"v":0,"d":"0.00000"},{"$nulls":23},"4",null,"K","2",{"$nulls":3},"ROZPOCET",{"$nulls":5},{"v":0,"d":"0.00"},{"v":0,"d":"0.00"},{"v":0,"d":"0.00"},{"v":0,"d":"0.00"},{"v":0,"d":"0.00"},"2",{"v":0,"d":"0.00"},"4","28"]
[null,null,"15","K","274311117","Základové pásy mostných konštrukcií z betónu prostého tr. C 25/30 cement portlanský","m3",2.295,null,{"v":0,"d":"0.00"},null,null,"","znížená",null,{"v":0,"d":"0.00000"},2.50552,{"v":5.750168400000001,"d":"5.75017"},{"v":0,"d":"0.00000"},{"v":0,"d":"0.00000"},{"$nulls":23},"4",null,"K","2",{"$nulls":3},"ROZPOCET",{"$nulls":5},{"v":0,"d":"0.00"},{"v":0,"d":"0.00"},{"v":0,"d":"0.00"},{"v":0,"d":"0.00"},{"v":0,"d":"0.00"},"2",{"v":0,"d":"0.00"},"4","30"]
[null,null,"16","K","274351215","Debnenie základových pásov zhotovenie","m2",{"v":33,"d":"33.000"},null,{"v":0,"d":"0.00"},null,null,"","znížená",null,{"v":0,"d":"0.00000"},0.00223,0.07359,{"v":0,"d":"0.00000"},{"v":0,"d":"0.00000"},{"$nulls":23},"4",null,"K","2",{"$nulls":3},"ROZPOCET",{"$nulls":5},{"v":0,"d":"0.00"},{"v":0,"d":"0.00"},{"v":0,"d":"0.00"},{"v":0,"d":"0.00"},{"v":0,"d":"0.00"},"2",{"v":0,"d":"0.00"},"4","32"]
[null,null,"17","K","274351216","Debnenie základových pásov odstránenie","m2",{"v":33,"d":"33.000"},null,{"v":0,"d":"0.00"},null,null,"","znížená",null,{"v":0,"d":"0.00000"},{"v":0,"d":"0.00000"},{"v":0,"d":"0.00000"},{"v":0,"d":"0.00000"},{"v":0,"d":"0.00000"},{"$nulls":23},"4",null,"K","2",{"$nulls":3},"ROZPOCET",{"$nulls":5},{"v":0,"d":"0.00"},{"v":0,"d":"0.00"},{"v":0,"d":"0.00"},{"v":0,"d":"0.00"},{"v":0,"d":"0.00"},"2",{"v":0,"d":"0.00"},"4","34"]
[{"$nulls":3},"D","3","ZVISLÉ A KOMPLETNÉ KONŠTRUKCIE",{"$nulls":3},{"$f":"BK157","v":{"v":0,"d":"0.00"}},{"$nulls":5},{"$f":"P158","v":{"v":0,"d":"0.00000"}},null,{"$f":"R158","v":{"v":0.019352,"d":"0.01935"}},null,{"$f":"T158","v":{"v":0,"d":"0.00000"}},{"$nulls":23},"1",null,"D","1",{"$nulls":3},"ROZPOCET",{"$nulls":11},{"$f":"BK158","v":{"v":0,"d":"0.00"}}]
[null,null,"18","K","348171111","Osadenie zábradlia oceľového do 100 kg/m","m",{"v":5.9,"d":"5.900"},null,{"$f":"ROUND(I158*H158,2)","v":{"v":0,"d":"0.00"}},null,null,"","znížená",null,{"$f":"O158*H158","v":{"v":0,"d":"0.00000"}},0.00328,{"$f":"Q158*H158","v":{"v":0.019352,"d":"0.01935"}},{"v":0,"d":"0.00000"},{"$f":"S158*H158","v":{"v":0,"d":"0.00000"}},{"$nulls":23},"4",null,"K","2",{"$nulls":3},"ROZPOCET",{"$nulls":5},{"$f":"IF(N158=\"základná\",J158,0)","v":{"v":0,"d":"0.00"}},{"$f":"IF(N158=\"znížená\",J158,0)","v":{"v":0,"d":"0.00"}},{"$f":"IF(N158=\"zákl. prenesená\",J158,0)","v":{"v":0,"d":"0.00"}},{"$f":"IF(N158=\"zníž. prenesená\",J158,0)","v":{"v":0,"d":"0.00"}},{"$f":"IF(N158=\"nulová\",J158,0)","v":{"v":0,"d":"0.00"}},"2",{"$f":"ROUND(I158*H158,2)","v":{"v":0,"d":"0.00"}},"4","36"]
[{"$nulls":3},"D","5","KOMUNIKÁCIE",{"$nulls":3},{"$f":"BK159","v":{"v":0,"d":"0.00"}},{"$nulls":5},{"$f":"SUM(P160:P170)","v":{"v":0,"d":"0.00000"}},null,{"$f":"SUM(R160:R170)","v":{"v":279.30035599999997,"d":"279.30036"}},null,{"$f":"SUM(T160:T170)","v":{"v":0,"d":"0.00000"}},{"$nulls":23},"1",null,"D","1",{"$nulls":3},"ROZPOCET",{"$nulls":11},{"$f":"SUM(BK160:BK170)","v":{"v":0,"d":"0.00"}}]
[null,null,"19","K","564761111","Podklad z vibrovaného štrku hr. 200 mm","m2",{"v":12,"d":"12.000"},null,{"$f":"ROUND(I160*H160,2)","v":{"v":0,"d":"0.00"}},null,null,"","znížená",null,{"$f":"O160*H160","v":{"v":0,"d":"0.00000"}},0.38625,{"$f":"Q160*H160","v":{"v":4.635,"d":"4.63500"}},{"v":0,"d":"0.00000"},{"$f":"S160*H160","v":{"v":0,"d":"0.00000"}},{"$nulls":23},"4",null,"K","2",{"$nulls":3},"ROZPOCET",{"$nulls":5},{"$f":"IF(N160=\"základná\",J160,0)","v":{"v":0,"d":"0.00"}},{"$f":"IF(N160=\"znížená\",J160,0)","v":{"v":0,"d":"0.00"}},{"$f":"IF(N160=\"zákl. prenesená\",J160,0)","v":{"v":0,"d":"0.00"}},{"$f":"IF(N160=\"zníž. prenesená\",J160,0)","v":{"v":0,"d":"0.00"}},{"$f":"IF(N160=\"nulová\",J160,0)","v":{"v":0,"d":"0.00"}},"2",{"$f":"ROUND(I160*H160,2)","v":{"v":0,"d":"0.00"}},"4","38"]
[null,null,"20","K","564861111","Podklad zo štrkodrte hr. 200 mm","m2",{"v":449,"d":"449.000"},null,{"v":0,"d":"0.00"},null,null,"","znížená",null,{"v":0,"d":"0.00000"},{"v":0.3708,"d":"0.37080"},{"v":166.4892,"d":"166.48920"},{"v":0,"d":"0.00000"},{"v":0,"d":"0.00000"},{"$nulls":23},"4",null,"K","2",{"$nulls":3},"ROZPOCET",{"$nulls":5},{"v":0,"d":"0.00"},{"v":0,"d":"0.00"},{"v":0,"d":"0.00"},{"v":0,"d":"0.00"},{"v":0,"d":"0.00"},"2",{"v":0,"d":"0.00"},"4","40"]
[null,null,"21","K","565211311","Podklad z betónového recyklátu hr. 40 mm","m2",{"v":437,"d":"437.000"},null,{"v":0,"d":"0.00"},null,null,"","znížená",null,{"v":0,"d":"0.00000"},{"v":0,"d":"0.00000"},{"v":0,"d":"0.00000"},{"v":0,"d":"0.00000"},{"v":0,"d":"0.00000"},{"$nulls":23},"4",null,"K","2",{"$nulls":3},"ROZPOCET",{"$nulls":5},{"v":0,"d":"0.00"},{"v":0,"d":"0.00"},{"v":0,"d":"0.00"},{"v":0,"d":"0.00"},{"v":0,"d":"0.00"},"2",{"v":0,"d":"0.00"},"4","42"]
[null,null,"22","K","567118113","Podklad z prostého betónu tr. C 25/30 hr. 100 mm (podklad pod betónové dosky)","m2",{"v":7.8,"d":"7.800"},null,{"v":0,"d":"0.00"},null,null,"","znížená",null,{"v":0,"d":"0.00000"},0.24657,{"v":1.923246,"d":"1.92325"},{"v":0,"d":"0.00000"},{"v":0,"d":"0.00000"},{"$nulls":23},"4",null,"K","2",{"$nulls":3},"ROZPOCET",{"$nulls":5},{"v":0,"d":"0.00"},{"v":0,"d":"0.00"},{"v":0,"d":"0.00"},{"v":0,"d":"0.00"},{"v":0,"d":"0.00"},"2",{"v":0,"d":"0.00"},"4","44"]
[null,null,"23","K","569811111","Spevnenie krajníc alebo komunik. štrkodrťou hr. 40 mm","m2",{"v":72,"d":"72.000"},null,{"v":0,"d":"0.00"},null,null,"","znížená",null,{"v":0,"d":"0.00000"},0.09738,7.01136,{"v":0,"d":"0.00000"},{"v":0,"d":"0.00000"},{"$nulls":23},"4",null,"K","2",{"$nulls":3},"ROZPOCET",{"$nulls":5},{"v":0,"d":"0.00"},{"v":0,"d":"0.00"},{"v":0,"d":"0.00"},{"v":0,"d":"0.00"},{"v":0,"d":"0.00"},"2",{"v":0,"d":"0.00"},"4","46"]
[null,null,"24","K","573111111","Postrek živ. infiltračný s posypom kam. z asfaltu 0,6 kg/m2","m2",{"v":12,"d":"12.000"},null,{"v":0,"d":"0.00"},null,null,"","znížená",null,{"v":0,"d":"0.00000"},0.00561,0.06732,{"v":0,"d":"0.00000"},{"v":0,"d":"0.00000"},{"$nulls":23},"4",null,"K","2",{"$nulls":3},"ROZPOCET",{"$nulls":5},{"v":0,"d":"0.00"},{"v":0,"d":"0.00"},{"v":0,"d":"0.00"},{"v":0,"d":"0.00"},{"v":0,"d":"0.00"},"2",{"v":0,"d":"0.00"},"4","48"]
[null,null,"25","K","573221111","Postrek živičný spojovací z cestného dechtu 0,5-0,7 kg/m2","m2",{"v":12,"d":"12.000"},null,{"v":0,"d":"0.00"},null,null,"","znížená",null,{"v":0,"d":"0.00000"},0.00061,0.00732,{"v":0,"d":"0.00000"},{"v":0,"d":"0.00000"},{"$nulls":23},"4",null,"K","2",{"$nulls":3},"ROZPOCET",{"$nulls":5},{"v":0,"d":"0.00"},{"v":0,"d":"0.00"},{"v":0,"d":"0.00"},{"v":0,"d":"0.00"},{"v":0,"d":"0.00"},"2",{"v":0,"d":"0.00"},"4","50"]
[null,null,"26","K","577134111","Asfaltový betón hr. 40 mm, š. do 3 m","m2",{"v":33,"d":"33.000"},null,{"v":0,"d":"0.00"},null,null,"","znížená",null,{"v":0,"d":"0.00000"},0.09867,{"v":3.2561099999999996,"d":"3.25611"},{"v":0,"d":"0.00000"},{"v":0,"d":"0.00000"},{"$nulls":23},"4",null,"K","2",{"$nulls":3},"ROZPOCET",{"$nulls":5},{"v":0,"d":"0.00"},{"v":0,"d":"0.00"},{"v":0,"d":"0.00"},{"v":0,"d":"0.00"},{"v":0,"d":"0.00"},"2",{"v":0,"d":"0.00"},"4","52"]
[null,null,"27","K","577156113","Asfaltový betón hr. 80 mm, š. do 3 m","m2",{"v":12,"d":"12.000"},null,{"v":0,"d":"0.00"},null,null,"","znížená",null,{"v":0,"d":"0.00000"},{"v":0.1994,"d":"0.19940"},{"v":2.3928,"d":"2.39280"},{"v":0,"d":"0.00000"},{"v":0,"d":"0.00000"},{"$nulls":23},"4",null,"K","2",{"$nulls":3},"ROZPOCET",{"$nulls":5},{"v":0,"d":"0.00"},{"v":0,"d":"0.00"},{"v":0,"d":"0.00"},{"v":0,"d":"0.00"},{"v":0,"d":"0.00"},"2",{"v":0,"d":"0.00"},"4","54"]
[null,null,"28","K","596211113","Kladenie betónovej dlažby pre chodcov hr. 60 mm nad 300 m2","m2",{"v":437,"d":"437.000"},null,{"v":0,"d":"0.00"},null,null,"","znížená",null,{"v":0,"d":"0.00000"},{"v":0.074,"d":"0.07400"},{"v":32.338,"d":"32.33800"},{"v":0,"d":"0.00000"},{"v":0,"d":"0.00000"},{"$nulls":23},"4",null,"K","2",{"$nulls":3},"ROZPOCET",{"$nulls":5},{"v":0,"d":"0.00"},{"v":0,"d":"0.00"},{"v":0,"d":"0.00"},{"v":0,"d":"0.00"},{"v":0,"d":"0.00"},"2",{"v":0,"d":"0.00"},"4","56"]
[null,null,"29","M","592450010","Dlažba betónová hr. 60 mm","m2",{"v":437,"d":"437.000"},null,{"v":0,"d":"0.00"},null,null,"","znížená",null,{"v":0,"d":"0.00000"},{"v":0.14,"d":"0.14000"},{"v":61.18000000000001,"d":"61.18000"},{"v":0,"d":"0.00000"},{"v":0,"d":"0.00000"},{"$nulls":23},"8",null,"M","2",{"$nulls":3},"ROZPOCET",{"$nulls":5},{"v":0,"d":"0.00"},{"v":0,"d":"0.00"},{"v":0,"d":"0.00"},{"v":0,"d":"0.00"},{"v":0,"d":"0.00"},"2",{"v":0,"d":"0.00"},"4","58"]
[{"$nulls":3},"D","8","RÚROVÉ VEDENIA",{"$nulls":3},{"$f":"BK171","v":{"v":0,"d":"0.00"}},{"$nulls":5},{"$f":"SUM(P172:P174)","v":{"v":0,"d":"0.00000"}},null,{"$f":"SUM(R172:R174)","v":{"v":1.2902,"d":"1.29020"}},null,{"$f":"SUM(T172:T174)","v":{"v":0,"d":"0.00000"}},{"$nulls":23},"1",null,"D","1",{"$nulls":3},"ROZPOCET",{"$nulls":11},{"$f":"SUM(BK172:BK174)","v":{"v":0,"d":"0.00"}}]
[null,null,"30","K","899211114","Osadenie liatinových mreží s rámom, hmotnosť jednotlivo nad 150 kg","kus",{"v":26,"d":"26.000"},null,{"$f":"ROUND(I172*H172,2)","v":{"v":0,"d":"0.00"}},null,null,"","znížená",null,{"$f":"O172*H172","v":{"v":0,"d":"0.00000"}},{"v":0.0117,"d":"0.01170"},{"$f":"Q172*H172","v":{"v":0.3042,"d":"0.30420"}},{"v":0,"d":"0.00000"},{"$f":"S172*H172","v":{"v":0,"d":"0.00000"}},{"$nulls":23},"4",null,"K","2",{"$nulls":3},"ROZPOCET",{"$nulls":5},{"$f":"IF(N172=\"základná\",J172,0)","v":{"v":0,"d":"0.00"}},{"$f":"IF(N172=\"znížená\",J172,0)","v":{"v":0,"d":"0.00"}},{"$f":"IF(N172=\"zákl. prenesená\",J172,0)","v":{"v":0,"d":"0.00"}},{"$f":"IF(N172=\"zníž. prenesená\",J172,0)","v":{"v":0,"d":"0.00"}},{"$f":"IF(N172=\"nulová\",J172,0)","v":{"v":0,"d":"0.00"}},"2",{"$f":"ROUND(I172*H172,2)","v":{"v":0,"d":"0.00"}},"4","60"]
[null,null,"31","M","592276300","Doska betónová 500x500x100 mm","kus",{"v":17,"d":"17.000"},null,{"$f":"ROUND(I173*H173,2)","v":{"v":0,"d":"0.00"}},null,null,"","znížená",null,{"$f":"O173*H173","v":{"v":0,"d":"0.00000"}},{"v":0.058,"d":"0.05800"},{"$f":"Q173*H173","v":{"v":0.9860000000000001,"d":"0.98600"}},{"v":0,"d":"0.00000"},{"$f":"S173*H173","v":{"v":0,"d":"0.00000"}},{"$nulls":23},"8",null,"M","2",{"$nulls":3},"ROZPOCET",{"$nulls":5},{"$f":"IF(N173=\"základná\",J173,0)","v":{"v":0,"d":"0.00"}},{"$f":"IF(N173=\"znížená\",J173,0)","v":{"v":0,"d":"0.00"}},{"$f":"IF(N173=\"zákl. prenesená\",J173,0)","v":{"v":0,"d":"0.00"}},{"$f":"IF(N173=\"zníž. prenesená\",J173,0)","v":{"v":0,"d":"0.00"}},{"$f":"IF(N173=\"nulová\",J173,0)","v":{"v":0,"d":"0.00"}},"2",{"$f":"ROUND(I173*H173,2)","v":{"v":0,"d":"0.00"}},"4","62"]
[null,null,"32","M","DODÁVKA","Líniový betónový žľab pre vysokú záťaž šírky 300 mm s liatinovou hranou výšky 395 mm","kus",{"v":13,"d":"13.000"},null,{"$f":"ROUND(I174*H174,2)","v":{"v":0,"d":"0.00"}},null,null,"","znížená",null,{"$f":"O174*H174","v":{"v":0,"d":"0.00000"}},{"v":0,"d":"0.00000"},{"$f":"Q174*H174","v":{"v":0,"d":"0.00000"}},{"v":0,"d":"0.00000"},{"$f":"S174*H174","v":{"v":0,"d":"0.00000"}},{"$nulls":23},"8",null,"M","2",{"$nulls":3},"ROZPOCET",{"$nulls":5},{"$f":"IF(N174=\"základná\",J174,0)","v":{"v":0,"d":"0.00"}},{"$f":"IF(N174=\"znížená\",J174,0)","v":{"v":0,"d":"0.00"}},{"$f":"IF(N174=\"zákl. prenesená\",J174,0)","v":{"v":0,"d":"0.00"}},{"$f":"IF(N174=\"zníž. prenesená\",J174,0)","v":{"v":0,"d":"0.00"}},{"$f":"IF(N174=\"nulová\",J174,0)","v":{"v":0,"d":"0.00"}},"2",{"$f":"ROUND(I174*H174,2)","v":{"v":0,"d":"0.00"}},"4","64"]
[{"$nulls":3},"D","9","OSTATNÉ KONŠTRUKCIE A PRÁCE",{"$nulls":3},{"$f":"BK175","v":{"v":0,"d":"0.00"}},{"$nulls":5},{"$f":"SUM(P176:P202)","v":{"v":0,"d":"0.00000"}},null,{"$f":"SUM(R176:R202)","v":{"v":249.0954091,"d":"249.09541"}},null,{"$f":"SUM(T176:T202)","v":{"v":5.679,"d":"5.67900"}},{"$nulls":23},"1",null,"D","1",{"$nulls":3},"ROZPOCET",{"$nulls":11},{"$f":"SUM(BK176:BK202)","v":{"v":0,"d":"0.00"}}]
[null,null,"33","K","914001111","Osadenie zvislých cestných dopravných značiek na stĺpiky, konzoly alebo objekty","kus",{"v":2,"d":"2.000"},null,{"$f":"ROUND(I176*H176,2)","v":{"v":0,"d":"0.00"}},null,null,"","znížená",null,{"$f":"O176*H176","v":{"v":0,"d":"0.00000"}},{"v":0.2457,"d":"0.24570"},{"$f":"Q176*H176","v":{"v":0.4914,"d":"0.49140"}},{"v":0,"d":"0.00000"},{"$f":"S176*H176","v":{"v":0,"d":"0.00000"}},{"$nulls":23},"4",null,"K","2",{"$nulls":3},"ROZPOCET",{"$nulls":5},{"$f":"IF(N176=\"základná\",J176,0)","v":{"v":0,"d":"0.00"}},{"$f":"IF(N176=\"znížená\",J176,0)","v":{"v":0,"d":"0.00"}},{"$f":"IF(N176=\"zákl. prenesená\",J176,0)","v":{"v":0,"d":"0.00"}},{"$f":"IF(N176=\"zníž. prenesená\",J176,0)","v":{"v":0,"d":"0.00"}},{"$f":"IF(N176=\"nulová\",J176,0)","v":{"v":0,"d":"0.00"}},"2",{"$f":"ROUND(I176*H176,2)","v":{"v":0,"d":"0.00"}},"4","66"]
[null,null,"34","K","914511111","Montáž stĺpika dopravných značiek dĺžky do 3,5 m s betónovým základom","kus",{"v":2,"d":"2.000"},null,{"v":0,"d":"0.00"},null,null,"","znížená",null,{"v":0,"d":"0.00000"},0.10941,0.21882,{"v":0,"d":"0.00000"},{"v":0,"d":"0.00000"},{"$nulls":23},"4",null,"K","2",{"$nulls":3},"ROZPOCET",{"$nulls":5},{"v":0,"d":"0.00"},{"v":0,"d":"0.00"},{"v":0,"d":"0.00"},{"v":0,"d":"0.00"},{"v":0,"d":"0.00"},"2",{"v":0,"d":"0.00"},"4","68"]
[null,null,"35","M","404421311","Značka dopravná 325 - 335 Al plech reflex. tr. 1 Al. okraj 600x600 mm","kus",{"v":2,"d":"2.000"},null,{"v":0,"d":"0.00"},null,null,"","znížená",null,{"v":0,"d":"0.00000"},{"v":0.003,"d":"0.00300"},{"v":0.006,"d":"0.00600"},{"v":0,"d":"0.00000"},{"v":0,"d":"0.00000"},{"$nulls":23},"8",null,"M","2",{"$nulls":3},"ROZPOCET",{"$nulls":5},{"v":0,"d":"0.00"},{"v":0,"d":"0.00"},{"v":0,"d":"0.00"},{"v":0,"d":"0.00"},{"v":0,"d":"0.00"},"2",{"v":0,"d":"0.00"},"4","70"]
[null,null,"36","K","915321111","Predformátované vodorovné dopravné značenie, prechod pre chodcov","m2",{"v":9,"d":"9.000"},null,{"v":0,"d":"0.00"},null,null,"","znížená",null,{"v":0,"d":"0.00000"},{"v":7e-05,"d":"0.00007"},{"v":6.2999999999999992E-4,"d":"0.00063"},{"v":0,"d":"0.00000"},{"v":0,"d":"0.00000"},{"$nulls":23},"4",null,"K","2",{"$nulls":3},"ROZPOCET",{"$nulls":5},{"v":0,"d":"0.00"},{"v":0,"d":"0.00"},{"v":0,"d":"0.00"},{"v":0,"d":"0.00"},{"v":0,"d":"0.00"},"2",{"v":0,"d":"0.00"},"4","72"]
[null,null,"37","K","915331111","Predformátované vodorovné dopravné značenie, čiara šírky 120 mm","m",{"v":106,"d":"106.000"},null,{"v":0,"d":"0.00"},null,null,"","znížená",null,{"v":0,"d":"0.00000"},{"v":4e-05,"d":"0.00004"},{"v":0.004240000000000001,"d":"0.00424"},{"v":0,"d":"0.00000"},{"v":0,"d":"0.00000"},{"$nulls":23},"4",null,"K","2",{"$nulls":3},"ROZPOCET",{"$nulls":5},{"v":0,"d":"0.00"},{"v":0,"d":"0.00"},{"v":0,"d":"0.00"},{"v":0,"d":"0.00"},{"v":0,"d":"0.00"},"2",{"v":0,"d":"0.00"},"4","74"]
[null,null,"38","K","915711111","Vodorovné značenie krytov striek. farbou, deliace čiary š. 120 mm","m",{"v":106,"d":"106.000"},null,{"v":0,"d":"0.00"},null,null,"","znížená",null,{"v":0,"d":"0.00000"},{"v":9e-05,"d":"0.00009"},0.00954,{"v":0,"d":"0.00000"},{"v":0,"d":"0.00000"},{"$nulls":23},"4",null,"K","2",{"$nulls":3},"ROZPOCET",{"$nulls":5},{"v":0,"d":"0.00"},{"v":0,"d":"0.00"},{"v":0,"d":"0.00"},{"v":0,"d":"0.00"},{"v":0,"d":"0.00"},"2",{"v":0,"d":"0.00"},"4","76"]
[null,null,"39","K","915719111","Príplatok za reflexnú úpravu balotinovú, deliace čiary š. 120 mm","m",{"v":106,"d":"106.000"},null,{"v":0,"d":"0.00"},null,null,"","znížená",null,{"v":0,"d":"0.00000"},{"v":4e-05,"d":"0.00004"},{"v":0.004240000000000001,"d":"0.00424"},{"v":0,"d":"0.00000"},{"v":0,"d":"0.00000"},{"$nulls":23},"4",null,"K","2",{"$nulls":3},"ROZPOCET",{"$nulls":5},{"v":0,"d":"0.00"},{"v":0,"d":"0.00"},{"v":0,"d":"0.00"},{"v":0,"d":"0.00"},{"v":0,"d":"0.00"},"2",{"v":0,"d":"0.00"},"4","78"]
[null,null,"40","K","915721111","Vodorovné značenie krytov striek. farbou, čiary, zebry, šípky, nápisy a pod.","m2",{"v":9,"d":"9.000"},null,{"v":0,"d":"0.00"},null,null,"","znížená",null,{"v":0,"d":"0.00000"},{"v":6.6E-4,"d":"0.00066"},{"v":5.94E-3,"d":"0.00594"},{"v":0,"d":"0.00000"},{"v":0,"d":"0.00000"},{"$nulls":23},"4",null,"K","2",{"$nulls":3},"ROZPOCET",{"$nulls":5},{"v":0,"d":"0.00"},{"v":0,"d":"0.00"},{"v":0,"d":"0.00"},{"v":0,"d":"0.00"},{"v":0,"d":"0.00"},"2",{"v":0,"d":"0.00"},"4","80"]
[null,null,"41","K","916311123","Osadenie cest. obrubníka bet. stojatého, lôžko betón tr. C 12/15 s bočnou oporou","m",{"v":16,"d":"16.000"},null,{"v":0,"d":"0.00"},null,null,"","znížená",null,{"v":0,"d":"0.00000"},0.15555,{"v":2.4888,"d":"2.48880"},{"v":0,"d":"0.00000"},{"v":0,"d":"0.00000"},{"$nulls":23},"4",null,"K","2",{"$nulls":3},"ROZPOCET",{"$nulls":5},{"v":0,"d":"0.00"},{"v":0,"d":"0.00"},{"v":0,"d":"0.00"},{"v":0,"d":"0.00"},{"v":0,"d":"0.00"},"2",{"v":0,"d":"0.00"},"4","82"]
[null,null,"42","K","916561111","Osadenie záhon. obrubníka betón. do lôžka z betónu tr. C 12/15 s bočnou oporou","m",{"v":352,"d":"352.000"},null,{"v":0,"d":"0.00"},null,null,"","znížená",null,{"v":0,"d":"0.00000"},0.10562,37.17824,{"v":0,"d":"0.00000"},{"v":0,"d":"0.00000"},{"$nulls":23},"4",null,"K","2",{"$nulls":3},"ROZPOCET",{"$nulls":5},{"v":0,"d":"0.00"},{"v":0,"d":"0.00"},{"v":0,"d":"0.00"},{"v":0,"d":"0.00"},{"v":0,"d":"0.00"},"2",{"v":0,"d":"0.00"},"4","84"]
[null,null,"43","K","917862111","Osad. chodník. obrubníka betón. stojatého s oporou do lôžka z betónu tr. C 12/15","m",{"v":70,"d":"70.000"},null,{"v":0,"d":"0.00"},null,null,"","znížená",null,{"v":0,"d":"0.00000"},0.13553,{"v":9.487100000000002,"d":"9.48710"},{"v":0,"d":"0.00000"},{"v":0,"d":"0.00000"},{"$nulls":23},"4",null,"K","2",{"$nulls":3},"ROZPOCET",{"$nulls":5},{"v":0,"d":"0.00"},{"v":0,"d":"0.00"},{"v":0,"d":"0.00"},{"v":0,"d":"0.00"},{"v":0,"d":"0.00"},"2",{"v":0,"d":"0.00"},"4","86"]
[null,null,"44","M","592173050","Obrubník záhonový 1000*50*200 mm","kus",{"v":352,"d":"352.000"},null,{"v":0,"d":"0.00"},null,null,"","znížená",null,{"v":0,"d":"0.00000"},{"v":0.012,"d":"0.01200"},{"v":4.224,"d":"4.22400"},{"v":0,"d":"0.00000"},{"v":0,"d":"0.00000"},{"$nulls":23},"8",null,"M","2",{"$nulls":3},"ROZPOCET",{"$nulls":5},{"v":0,"d":"0.00"},{"v":0,"d":"0.00"},{"v":0,"d":"0.00"},{"v":0,"d":"0.00"},{"v":0,"d":"0.00"},"2",{"v":0,"d":"0.00"},"4","88"]
[null,null,"45","M","592174320","Obrubník chodníkový 1000x100x200 mm","kus",{"v":70,"d":"70.000"},null,{"v":0,"d":"0.00"},null,null,"","znížená",null,{"v":0,"d":"0.00000"},{"v":0.064,"d":"0.06400"},{"v":4.48,"d":"4.48000"},{"v":0,"d":"0.00000"},{"v":0,"d":"0.00000"},{"$nulls":23},"8",null,"M","2",{"$nulls":3},"ROZPOCET",{"$nulls":5},{"v":0,"d":"0.00"},{"v":0,"d":"0.00"},{"v":0,"d":"0.00"},{"v":0,"d":"0.00"},{"v":0,"d":"0.00"},"2",{"v":0,"d":"0.00"},"4","90"]
[null,null,"46","M","592174920","Obrubník cestný 1000x150x300 mm","kus",{"v":16,"d":"16.000"},null,{"v":0,"d":"0.00"},null,null,"","znížená",null,{"v":0,"d":"0.00000"},{"v":0.097,"d":"0.09700"},{"v":1.552,"d":"1.55200"},{"v":0,"d":"0.00000"},{"v":0,"d":"0.00000"},{"$nulls":23},"8",null,"M","2",{"$nulls":3},"ROZPOCET",{"$nulls":5},{"v":0,"d":"0.00"},{"v":0,"d":"0.00"},{"v":0,"d":"0.00"},{"v":0,"d":"0.00"},{"v":0,"d":"0.00"},"2",{"v":0,"d":"0.00"},"4","92"]
[null,null,"47","K","918101111","Lôžko pod obrubníky, krajníky, obruby z betónu tr. C 12/15","m3",{"v":19.44,"d":"19.440"},null,{"v":0,"d":"0.00"},null,null,"","znížená",null,{"v":0,"d":"0.00000"},2.36285,{"v":45.933804,"d":"45.93380"},{"v":0,"d":"0.00000"},{"v":0,"d":"0.00000"},{"$nulls":23},"4",null,"K","2",{"$nulls":3},"ROZPOCET",{"$nulls":5},{"v":0,"d":"0.00"},{"v":0,"d":"0.00"},{"v":0,"d":"0.00"},{"v":0,"d":"0.00"},{"v":0,"d":"0.00"},"2",{"v":0,"d":"0.00"},"4","94"]
[null,null,"48","K","919411131","Čelo priepustu z bet. prost. vodost. tr. C 16/20 pre priepust z rúr DN 300-500 mm","kus",{"v":18,"d":"18.000"},null,{"v":0,"d":"0.00"},null,null,"","znížená",null,{"v":0,"d":"0.00000"},5.80039,104.40702,{"v":0,"d":"0.00000"},{"v":0,"d":"0.00000"},{"$nulls":23},"4",null,"K","2",{"$nulls":3},"ROZPOCET",{"$nulls":5},{"v":0,"d":"0.00"},{"v":0,"d":"0.00"},{"v":0,"d":"0.00"},{"v":0,"d":"0.00"},{"v":0,"d":"0.00"},"2",{"v":0,"d":"0.00"},"4","96"]
[null,null,"49","K","919511111","Zhotovenie priepustu z rúr betónových alebo železobetónových DN 300 mm","m",{"v":58,"d":"58.000"},null,{"v":0,"d":"0.00"},null,null,"","znížená",null,{"v":0,"d":"0.00000"},0.62616,{"v":36.317280000000004,"d":"36.31728"},{"v":0,"d":"0.00000"},{"v":0,"d":"0.00000"},{"$nulls":23},"4",null,"K","2",{"$nulls":3},"ROZPOCET",{"$nulls":5},{"v":0,"d":"0.00"},{"v":0,"d":"0.00"},{"v":0,"d":"0.00"},{"v":0,"d":"0.00"},{"v":0,"d":"0.00"},"2",{"v":0,"d":"0.00"},"4","98"]
[null,null,"50","K","919735111","Rezanie stávajúceho živičného krytu alebo podkladu hr. do 50 mm","m",{"v":13.5,"d":"13.500"},null,{"v":0,"d":"0.00"},null,null,"","znížená",null,{"v":0,"d":"0.00000"},{"v":2e-05,"d":"0.00002"},{"v":2.7E-4,"d":"0.00027"},{"v":0,"d":"0.00000"},{"v":0,"d":"0.00000"},{"$nulls":23},"4",null,"K","2",{"$nulls":3},"ROZPOCET",{"$nulls":5},{"v":0,"d":"0.00"},{"v":0,"d":"0.00"},{"v":0,"d":"0.00"},{"v":0,"d":"0.00"},{"v":0,"d":"0.00"},"2",{"v":0,"d":"0.00"},"4","100"]
[null,null,"51","K","935112112","Osadenie bet. dosiek do lôžka z betónu tr. C 12/15 hr. 100 mm","m2",{"v":7.8,"d":"7.800"},null,{"v":0,"d":"0.00"},null,null,"","znížená",null,{"v":0,"d":"0.00000"},0.29304,{"v":2.285712,"d":"2.28571"},{"v":0,"d":"0.00000"},{"v":0,"d":"0.00000"},{"$nulls":23},"4",null,"K","2",{"$nulls":3},"ROZPOCET",{"$nulls":5},{"v":0,"d":"0.00"},{"v":0,"d":"0.00"},{"v":0,"d":"0.00"},{"v":0,"d":"0.00"},{"v":0,"d":"0.00"},"2",{"v":0,"d":"0.00"},"4","102"]
[null,null,"52","K","938902102","Čistenie priekop nespev. šírka dna do 40 cm nános do 0,30 m3/m","m",{"v":186,"d":"186.000"},null,{"v":0,"d":"0.00"},null,null,"","znížená",null,{"v":0,"d":"0.00000"},{"v":0,"d":"0.00000"},{"v":0,"d":"0.00000"},{"v":0,"d":"0.00000"},{"v":0,"d":"0.00000"},{"$nulls":23},"4",null,"K","2",{"$nulls":3},"ROZPOCET",{"$nulls":5},{"v":0,"d":"0.00"},{"v":0,"d":"0.00"},{"v":0,"d":"0.00"},{"v":0,"d":"0.00"},{"v":0,"d":"0.00"},"2",{"v":0,"d":"0.00"},"4","104"]
[null,null,"53","K","960321271","Búranie konštrukcií vodných stavieb zo železobetónu","m3",0.455,null,{"v":0,"d":"0.00"},null,null,"","znížená",null,{"v":0,"d":"0.00000"},0.00082,{"v":0.0003731,"d":"0.00037"},{"v":2.2,"d":"2.20000"},{"v":1.0010000000000001,"d":"1.00100"},{"$nulls":23},"4",null,"K","2",{"$nulls":3},"ROZPOCET",{"$nulls":5},{"v":0,"d":"0.00"},{"v":0,"d":"0.00"},{"v":0,"d":"0.00"},{"v":0,"d":"0.00"},{"v":0,"d":"0.00"},"2",{"v":0,"d":"0.00"},"4","106"]
[null,null,"54","K","966008111","Búranie rúrového priepustu z rúr DN do 300 mm","m",{"v":6,"d":"6.000"},null,{"v":0,"d":"0.00"},null,null,"","znížená",null,{"v":0,"d":"0.00000"},{"v":0,"d":"0.00000"},{"v":0,"d":"0.00000"},{"v":0.753,"d":"0.75300"},{"v":4.518,"d":"4.51800"},{"$nulls":23},"4",null,"K","2",{"$nulls":3},"ROZPOCET",{"$nulls":5},{"v":0,"d":"0.00"},{"v":0,"d":"0.00"},{"v":0,"d":"0.00"},{"v":0,"d":"0.00"},{"v":0,"d":"0.00"},"2",{"v":0,"d":"0.00"},"4","108"]
[null,null,"55","K","966077111","Odstránenie rôznych konštrukcií na mostoch, oceľ. doplnkových do 20 kg (odstránenie kovových roštov - 2ks, celk. dĺžka 9m)","kus",{"v":2,"d":"2.000"},null,{"v":0,"d":"0.00"},null,null,"","znížená",null,{"v":0,"d":"0.00000"},{"v":0,"d":"0.00000"},{"v":0,"d":"0.00000"},{"v":0.08,"d":"0.08000"},{"v":0.16,"d":"0.16000"},{"$nulls":23},"4",null,"K","2",{"$nulls":3},"ROZPOCET",{"$nulls":5},{"v":0,"d":"0.00"},{"v":0,"d":"0.00"},{"v":0,"d":"0.00"},{"v":0,"d":"0.00"},{"v":0,"d":"0.00"},"2",{"v":0,"d":"0.00"},"4","110"]
[null,null,"56","K","979082113","Vodorovná doprava sute do 1000 m","t",{"v":0.16,"d":"0.160"},null,{"v":0,"d":"0.00"},null,null,"","znížená",null,{"v":0,"d":"0.00000"},{"v":0,"d":"0.00000"},{"v":0,"d":"0.00000"},{"v":0,"d":"0.00000"},{"v":0,"d":"0.00000"},{"$nulls":23},"4",null,"K","2",{"$nulls":3},"ROZPOCET",{"$nulls":5},{"v":0,"d":"0.00"},{"v":0,"d":"0.00"},{"v":0,"d":"0.00"},{"v":0,"d":"0.00"},{"v":0,"d":"0.00"},"2",{"v":0,"d":"0.00"},"4","112"]
[null,null,"57","K","979082119","Príplatok za ďalších 1000 m","t",{"v":1.44,"d":"1.440"},null,{"v":0,"d":"0.00"},null,null,"","znížená",null,{"v":0,"d":"0.00000"},{"v":0,"d":"0.00000"},{"v":0,"d":"0.00000"},{"v":0,"d":"0.00000"},{"v":0,"d":"0.00000"},{"$nulls":23},"4",null,"K","2",{"$nulls":3},"ROZPOCET",{"$nulls":5},{"v":0,"d":"0.00"},{"v":0,"d":"0.00"},{"v":0,"d":"0.00"},{"v":0,"d":"0.00"},{"v":0,"d":"0.00"},"2",{"v":0,"d":"0.00"},"4","114"]
[null,null,"58","K","979087212","Nakladanie sute na dopravný prostriedok","t",204.281,null,{"v":0,"d":"0.00"},null,null,"","znížená",null,{"v":0,"d":"0.00000"},{"v":0,"d":"0.00000"},{"v":0,"d":"0.00000"},{"v":0,"d":"0.00000"},{"v":0,"d":"0.00000"},{"$nulls":23},"4",null,"K","2",{"$nulls":3},"ROZPOCET",{"$nulls":5},{"v":0,"d":"0.00"},{"v":0,"d":"0.00"},{"v":0,"d":"0.00"},{"v":0,"d":"0.00"},{"v":0,"d":"0.00"},"2",{"v":0,"d":"0.00"},"4","116"]
[null,null,"59","K","998223011","Presun hmôt pre pozemné komunikácie, kryt dláždený","t",549.173,null,{"v":0,"d":"0.00"},null,null,"","znížená",null,{"v":0,"d":"0.00000"},{"v":0,"d":"0.00000"},{"v":0,"d":"0.00000"},{"v":0,"d":"0.00000"},{"v":0,"d":"0.00000"},{"$nulls":23},"4",null,"K","2",{"$nulls":3},"ROZPOCET",{"$nulls":5},{"v":0,"d":"0.00"},{"v":0,"d":"0.00"},{"v":0,"d":"0.00"},{"v":0,"d":"0.00"},{"v":0,"d":"0.00"},"2",{"v":0,"d":"0.00"},"4","118"]
[{"$nulls":3},"D","D2","PRÁCE A DODÁVKY PSV",{"$nulls":3},{"$f":"BK203","v":{"v":0,"d":"0.00"}},{"$nulls":5},{"$f":"P204+P207","v":{"v":0,"d":"0.00000"}},null,{"$f":"R204+R207","v":{"v":0.0934032,"d":"0.09340"}},null,{"$f":"T204+T207","v":{"v":0,"d":"0.00000"}},{"$nulls":23},"1",null,"D","0",{"$nulls":3},"ROZPOCET",{"$nulls":11},{"$f":"BK204+BK207","v":{"v":0,"d":"0.00"}}]
[{"$nulls":3},"D","767","Konštrukcie doplnk. kovové stavebné",{"$nulls":3},{"$f":"BK204","v":{"v":0,"d":"0.00"}},{"$nulls":5},{"$f":"SUM(P205:P206)","v":{"v":0,"d":"0.00000"}},null,{"$f":"SUM(R205:R206)","v":{"v":0.0929544,"d":"0.09295"}},null,{"$f":"SUM(T205:T206)","v":{"v":0,"d":"0.00000"}},{"$nulls":23},"2",null,"D","1",{"$nulls":3},"ROZPOCET",{"$nulls":11},{"$f":"SUM(BK205:BK206)","v":{"v":0,"d":"0.00"}}]
[null,null,"60","K","767995104","Montáž atypických stavebných doplnk. konštrukcií do 50 kg","kg",88.528,null,{"$f":"ROUND(I205*H205,2)","v":{"v":0,"d":"0.00"}},null,null,"","znížená",null,{"$f":"O205*H205","v":{"v":0,"d":"0.00000"}},{"v":5e-05,"d":"0.00005"},{"$f":"Q205*H205","v":{"v":4.4264000000000005E-3,"d":"0.00443"}},{"v":0,"d":"0.00000"},{"$f":"S205*H205","v":{"v":0,"d":"0.00000"}},{"$nulls":23},"16",null,"K","2",{"$nulls":3},"ROZPOCET",{"$nulls":5},{"$f":"IF(N205=\"základná\",J205,0)","v":{"v":0,"d":"0.00"}},{"$f":"IF(N205=\"znížená\",J205,0)","v":{"v":0,"d":"0.00"}},{"$f":"IF(N205=\"zákl. prenesená\",J205,0)","v":{"v":0,"d":"0.00"}},{"$f":"IF(N205=\"zníž. prenesená\",J205,0)","v":{"v":0,"d":"0.00"}},{"$f":"IF(N205=\"nulová\",J205,0)","v":{"v":0,"d":"0.00"}},"2",{"$f":"ROUND(I205*H205,2)","v":{"v":0,"d":"0.00"}},"16","120"]
[null,null,"61","M","553000010","Oceľové konštrukcie - predbežná cena","kg",88.528,null,{"$f":"ROUND(I206*H206,2)","v":{"v":0,"d":"0.00"}},null,null,"","znížená",null,{"$f":"O206*H206","v":{"v":0,"d":"0.00000"}},{"v":1E-3,"d":"0.00100"},{"$f":"Q206*H206","v":{"v":0.08852800000000001,"d":"0.08853"}},{"v":0,"d":"0.00000"},{"$f":"S206*H206","v":{"v":0,"d":"0.00000"}},{"$nulls":23},"32",null,"M","2",{"$nulls":3},"ROZPOCET",{"$nulls":5},{"$f":"IF(N206=\"základná\",J206,0)","v":{"v":0,"d":"0.00"}},{"$f":"IF(N206=\"znížená\",J206,0)","v":{"v":0,"d":"0.00"}},{"$f":"IF(N206=\"zákl. prenesená\",J206,0)","v":{"v":0,"d":"0.00"}},{"$f":"IF(N206=\"zníž. prenesená\",J206,0)","v":{"v":0,"d":"0.00"}},{"$f":"IF(N206=\"nulová\",J206,0)","v":{"v":0,"d":"0.00"}},"2",{"$f":"ROUND(I206*H206,2)","v":{"v":0,"d":"0.00"}},"16","122"]
[{"$nulls":3},"D","783","Nátery",{"$nulls":3},{"$f":"BK207","v":{"v":0,"d":"0.00"}},{"$nulls":5},{"$f":"SUM(P208:P209)","v":{"v":0,"d":"0.00000"}},null,{"$f":"SUM(R208:R209)","v":{"v":4.4880000000000007E-4,"d":"0.00045"}},null,{"$f":"SUM(T208:T209)","v":{"v":0,"d":"0.00000"}},{"$nulls":23},"2",null,"D","1",{"$nulls":3},"ROZPOCET",{"$nulls":11},{"$f":"SUM(BK208:BK209)","v":{"v":0,"d":"0.00"}}]
[null,null,"62","K","783222100","Nátery kov. stav. doplnk. konštr. syntet. dvojnásobné","m2",{"v":1.87,"d":"1.870"},null,{"$f":"ROUND(I208*H208,2)","v":{"v":0,"d":"0.00"}},null,null,"","znížená",null,{"$f":"O208*H208","v":{"v":0,"d":"0.00000"}},0.00016,{"$f":"Q208*H208","v":{"v":2.9920000000000006E-4,"d":"0.00030"}},{"v":0,"d":"0.00000"},{"$f":"S208*H208","v":{"v":0,"d":"0.00000"}},{"$nulls":23},"16",null,"K","2",{"$nulls":3},"ROZPOCET",{"$nulls":5},{"$f":"IF(N208=\"základná\",J208,0)","v":{"v":0,"d":"0.00"}},{"$f":"IF(N208=\"znížená\",J208,0)","v":{"v":0,"d":"0.00"}},{"$f":"IF(N208=\"zákl. prenesená\",J208,0)","v":{"v":0,"d":"0.00"}},{"$f":"IF(N208=\"zníž. prenesená\",J208,0)","v":{"v":0,"d":"0.00"}},{"$f":"IF(N208=\"nulová\",J208,0)","v":{"v":0,"d":"0.00"}},"2",{"$f":"ROUND(I208*H208,2)","v":{"v":0,"d":"0.00"}},"16","124"]
[null,null,"63","K","783226100","Nátery kov. stav. doplnk. konštr. syntet. základné","m2",{"v":1.87,"d":"1.870"},null,{"$f":"ROUND(I209*H209,2)","v":{"v":0,"d":"0.00"}},null,null,"","znížená",null,{"$f":"O209*H209","v":{"v":0,"d":"0.00000"}},{"v":8e-05,"d":"0.00008"},{"$f":"Q209*H209","v":{"v":1.4960000000000003E-4,"d":"0.00015"}},{"v":0,"d":"0.00000"},{"$f":"S209*H209","v":{"v":0,"d":"0.00000"}},{"$nulls":23},"16",null,"K","2",{"$nulls":3},"ROZPOCET",{"$nulls":5},{"$f":"IF(N209=\"základná\",J209,0)","v":{"v":0,"d":"0.00"}},{"$f":"IF(N209=\"znížená\",J209,0)","v":{"v":0,"d":"0.00"}},{"$f":"IF(N209=\"zákl. prenesená\",J209,0)","v":{"v":0,"d":"0.00"}},{"$f":"IF(N209=\"zníž. prenesená\",J209,0)","v":{"v":0,"d":"0.00"}},{"$f":"IF(N209=\"nulová\",J209,0)","v":{"v":0,"d":"0.00"}},"2",{"$f":"ROUND(I209*H209,2)","v":{"v":0,"d":"0.00"}},"16","126"]

{"sheet":"Časť 4 - Ukrajinská od Ba...","index":2,"n_rows":229,"n_cols":65,"rows_kept":229,"merged":[[1,11,1,21],[6,4,6,7],[8,4,8,7],[10,4,10,7],[19,4,19,7],[28,4,28,7],[84,4,84,7],[86,4,86,7],[88,4,88,7],[113,3,113,5],[114,3,114,5],[115,3,115,5],[116,3,116,5],[117,3,117,5],[129,4,129,7],[131,4,131,7],[133,4,133,7]]}
[]
[{"$nulls":11},">>  skryté stĺpce  <<",{"$nulls":33},"{b4efcaf6-5a7f-40a1-bcc5-ec8f7cb0e73d}"]
[{"$nulls":45},"0"]
[{"$nulls":3},"KRYCÍ LIST ROZPOČTU",{"$nulls":8},"v ---  nižšie sa nachádzajú doplnkové a pomocné údaje k zostavám  --- v",{"$nulls":32},"False"]
[]
[{"$nulls":3},"Stavba:"]
[{"$nulls":4},{"$f":"'Rekapitulácia stavby'!K6","v":"Miestne komunikácie Krásna"}]
[{"$nulls":3},"Objekt:"]
[{"$nulls":4},"02 - Výstavba chodníkov na Ukrajinskej a Mozartovej ulici"]
[{"$nulls":3},"Časť:"]
[{"$nulls":4},"Časť 4 - Ukrajinská od Banisegy po most cez Hornád"]
[]
[{"$nulls":3},"JKSO:",null," ",null,null,"ČS:",""]
[{"$nulls":3},"Miesto:",null,"Mestská časť Košice - Krásna",null,null,"Dátum:",{"$f":"'Rekapitulácia stavby'!AN8","v":"4. 3. 2026"}]
[]
[{"$nulls":3},"Objednávateľ:",{"$nulls":4},"IČO:",""]
[{"$nulls":4},"Mestská časť Košice - Krásna, Opátska18, Košice",{"$nulls":3},"IČ DPH:",""]
[]
[{"$nulls":3},"Zhotoviteľ:",{"$nulls":4},"IČO:",{"$f":"'Rekapitulácia stavby'!AN13","v":"Vyplň údaj"}]
[{"$nulls":4},{"$f":"'Rekapitulácia stavby'!E14","v":"Vyplň údaj"},{"$nulls":3},"IČ DPH:",{"$f":"'Rekapitulácia stavby'!AN14","v":"Vyplň údaj"}]
[]
[{"$nulls":3},"Projektant:",{"$nulls":4},"IČO:",{"$f":"IF('Rekapitulácia stavby'!AN16=\"\",\"\",'Rekapitulácia stavby'!AN16)","v":""}]
[{"$nulls":4},{"$f":"IF('Rekapitulácia stavby'!E17=\"\",\"\",'Rekapitulácia stavby'!E17)","v":" "},{"$nulls":3},"IČ DPH:",{"$f":"IF('Rekapitulácia stavby'!AN17=\"\",\"\",'Rekapitulácia stavby'!AN17)","v":""}]
[]
[{"$nulls":3},"Spracovateľ:",{"$nulls":4},"IČO:",{"$f":"IF('Rekapitulácia stavby'!AN19=\"\",\"\",'Rekapitulácia stavby'!AN19)","v":""}]
[{"$nulls":4},{"$f":"IF('Rekapitulácia stavby'!E20=\"\",\"\",'Rekapitulácia stavby'!E20)","v":" "},{"$nulls":3},"IČ DPH:",{"$f":"IF('Rekapitulácia stavby'!AN20=\"\",\"\",'Rekapitulácia stavby'!AN20)","v":""}]
[]
[{"$nulls":3},"Poznámka:"]
[{"$nulls":4},""]
[]
[]
[{"$nulls":3},"Náklady z rozpočtu",{"$nulls":5},{"$f":"J98","v":{"v":0,"d":"0.00"}}]
[{"$nulls":3},"Ostatné náklady",{"$nulls":5},{"$f":"J113","v":{"v":0,"d":"0.00"}}]
[{"$nulls":3},"Cena bez DPH",{"$nulls":5},{"$f":"ROUND(J32 + J33, 2)","v":{"v":0,"d":"0.00"}}]
[]
[{"$nulls":5},"Základ dane",null,null,"Sadzba dane","Výška dane"]
[{"$nulls":3},"DPH","základná",{"$f":"ROUND((SUM(BE113:BE120) + SUM(BE142:BE229)),  2)","v":{"v":0,"d":"0.00"}},null,null,{"v":0.23,"d":"23.00%"},{"$f":"ROUND(((SUM(BE113:BE120) + SUM(BE142:BE229))*I37),  2)","v":{"v":0,"d":"0.00"}}]
[{"$nulls":4},"znížená",{"$f":"ROUND((SUM(BF113:BF120) + SUM(BF142:BF229)),  2)","v":{"v":0,"d":"0.00"}},null,null,{"v":0.23,"d":"23.00%"},{"$f":"ROUND(((SUM(BF113:BF120) + SUM(BF142:BF229))*I38),  2)","v":{"v":0,"d":"0.00"}}]
[{"$nulls":4},"zákl. prenesená",{"$f":"ROUND((SUM(BG113:BG120) + SUM(BG142:BG229)),  2)","v":{"v":0,"d":"0.00"}},null,null,{"v":0.23,"d":"23.00%"},{"$f":"0","v":{"v":0,"d":"0.00"}}]
[{"$nulls":4},"zníž. prenesená",{"$f":"ROUND((SUM(BH113:BH120) + SUM(BH142:BH229)),  2)","v":{"v":0,"d":"0.00"}},null,null,{"v":0.23,"d":"23.00%"},{"$f":"0","v":{"v":0,"d":"0.00"}}]
[{"$nulls":4},"nulová",{"$f":"ROUND((SUM(BI113:BI120) + SUM(BI142:BI229)),  2)","v":{"v":0,"d":"0.00"}},null,null,{"v":0,"d":"0.00%"},{"$f":"0","v":{"v":0,"d":"0.00"}}]
[]
[{"$nulls":3},"Cena s DPH",null,null,"v","EUR",null,{"$f":"SUM(J34:J41)","v":{"v":0,"d":"0.00"}}]
[]
[]
[]
[]
[]
[]
[{"$nulls":3},"Projektant",null,null,"Spracovateľ"]
{"$rows_empty":10}
[{"$nulls":3},"Dátum a podpis:",null,"Pečiatka","Dátum a podpis:",null,null,"Pečiatka"]
[]
[]
[]
[{"$nulls":3},"Objednávateľ",null,null,"Zhotoviteľ"]
{"$rows_empty":10}
[{"$nulls":3},"Dátum a podpis:",null,"Pečiatka","Dátum a podpis:",null,null,"Pečiatka"]
[]
[]
[]
[]
[]
[null,null,"REKAPITULÁCIA ROZPOČTU"]
[]
[null,null,"Stavba:"]
[{"$nulls":4},{"$f":"E7","v":"Miestne komunikácie Krásna"}]
[null,null,"Objekt:"]
[{"$nulls":4},"02 - Výstavba chodníkov na Ukrajinskej a Mozartovej ulici"]
[null,null,"Časť:"]
[{"$nulls":4},{"$f":"E11","v":"Časť 4 - Ukrajinská od Banisegy po most cez Hornád"}]
[]
[null,null,"Miesto:",null,null,{"$f":"F14","v":"Mestská časť Košice - Krásna"},null,null,"Dátum:",{"$f":"IF(J14=\"\",\"\",J14)","v":"4. 3. 2026"}]
[]
[null,null,"Objednávateľ:",null,null,{"$f":"E17","v":"Mestská časť Košice - Krásna, Opátska18, Košice"},null,null,"Projektant:",{"$f":"E23","v":" "}]
[null,null,"Zhotoviteľ:",null,null,{"$f":"IF(E20=\"\",\"\",E20)","v":"Vyplň údaj"},null,null,"Spracovateľ:",{"$f":"E26","v":" "}]
[]
[null,null,"Kód dielu - Popis",{"$nulls":6},"Cena celkom [EUR]"]
[]
[null,null,"1) Náklady z rozpočtu",{"$nulls":6},{"$f":"J142","v":{"v":0,"d":"0.00"}},{"$nulls":36},"-1"]
[{"$nulls":3},"D1 - PRÁCE A DODÁVKY HSV",{"$nulls":5},{"$f":"J143","v":{"v":0,"d":"0.00"}}]
[{"$nulls":3},"    1 - ZEMNE PRÁCE",{"$nulls":5},{"$f":"J144","v":{"v":0,"d":"0.00"}}]
[{"$nulls":3},"    2 - ZÁKLADY",{"$nulls":5},{"$f":"J169","v":{"v":0,"d":"0.00"}}]
[{"$nulls":3},"    3 - ZVISLÉ A KOMPLETNÉ KONŠTRUKCIE",{"$nulls":5},{"$f":"J183","v":{"v":0,"d":"0.00"}}]
[{"$nulls":3},"    4 - VODOROVNÉ KONŠTRUKCIE",{"$nulls":5},{"$f":"J189","v":{"v":0,"d":"0.00"}}]
[{"$nulls":3},"    5 - KOMUNIKÁCIE",{"$nulls":5},{"$f":"J193","v":{"v":0,"d":"0.00"}}]
[{"$nulls":3},"    9 - OSTATNÉ KONŠTRUKCIE A PRÁCE",{"$nulls":5},{"$f":"J202","v":{"v":0,"d":"0.00"}}]
[{"$nulls":3},"D2 - PRÁCE A DODÁVKY PSV",{"$nulls":5},{"$f":"J218","v":{"v":0,"d":"0.00"}}]
[{"$nulls":3},"    767 - Konštrukcie doplnk. kovové stavebné",{"$nulls":5},{"$f":"J219","v":{"v":0,"d":"0.00"}}]
[{"$nulls":3},"    783 - Nátery",{"$nulls":5},{"$f":"J223","v":{"v":0,"d":"0.00"}}]
[{"$nulls":3},"D3 - OSTATNÉ",{"$nulls":5},{"$f":"J227","v":{"v":0,"d":"0.00"}}]
[{"$nulls":3},"    OST - vedľajšie rozpočtové náklady",{"$nulls":5},{"$f":"J228","v":{"v":0,"d":"0.00"}}]
[]
[]
[null,null,"2) Ostatné náklady",{"$nulls":6},{"$f":"ROUND(J114 + J115 + J116 + J117 + J118 + J119,2)","v":{"v":0,"d":"0.00"}},{"$nulls":3},"DPH"]
[{"$nulls":3},"GZS",{"$nulls":5},{"v":0,"d":"0.00"},{"$nulls":3},"znížená",{"$nulls":36},"VRN",{"$nulls":5},{"$f":"IF(N114=\"základná\",J114,0)","v":{"v":0,"d":"0.00"}},{"$f":"IF(N114=\"znížená\",J114,0)","v":{"v":0,"d":"0.00"}},{"$f":"IF(N114=\"zákl. prenesená\",J114,0)","v":{"v":0,"d":"0.00"}},{"$f":"IF(N114=\"zníž. prenesená\",J114,0)","v":{"v":0,"d":"0.00"}},{"$f":"IF(N114=\"nulová\",J114,0)","v":{"v":0,"d":"0.00"}},"2"]
[{"$nulls":3},"Projektové práce",{"$nulls":5},{"v":0,"d":"0.00"},{"$nulls":3},"znížená",{"$nulls":36},"VRN",{"$nulls":5},{"v":0,"d":"0.00"},{"v":0,"d":"0.00"},{"v":0,"d":"0.00"},{"v":0,"d":"0.00"},{"v":0,"d":"0.00"},"2"]
[{"$nulls":3},"Sťažené podmienky",{"$nulls":5},{"v":0,"d":"0.00"},{"$nulls":3},"znížená",{"$nulls":36},"VRN",{"$nulls":5},{"v":0,"d":"0.00"},{"v":0,"d":"0.00"},{"v":0,"d":"0.00"},{"v":0,"d":"0.00"},{"v":0,"d":"0.00"},"2"]
[{"$nulls":3},"Vplyv prostredia",{"$nulls":5},{"v":0,"d":"0.00"},{"$nulls":3},"znížená",{"$nulls":36},"VRN",{"$nulls":5},{"v":0,"d":"0.00"},{"v":0,"d":"0.00"},{"v":0,"d":"0.00"},{"v":0,"d":"0.00"},{"v":0,"d":"0.00"},"2"]
[{"$nulls":3},"Iné VRN",{"$nulls":5},{"v":0,"d":"0.00"},{"$nulls":3},"znížená",{"$nulls":36},"VRN",{"$nulls":5},{"v":0,"d":"0.00"},{"v":0,"d":"0.00"},{"v":0,"d":"0.00"},{"v":0,"d":"0.00"},{"v":0,"d":"0.00"},"2"]
[{"$nulls":3},"Kompletačná činnosť",{"$nulls":5},{"$f":"ROUND(J32*T119,2)","v":{"v":0,"d":"0.00"}},{"$nulls":3},"znížená",{"$nulls":36},"KOMPLETACNA",{"$nulls":5},{"v":0,"d":"0.00"},{"v":0,"d":"0.00"},{"v":0,"d":"0.00"},{"v":0,"d":"0.00"},{"v":0,"d":"0.00"},"2"]
[]
[null,null,"Celkové náklady za stavbu 1) + 2)",{"$nulls":6},{"$f":"ROUND(J98+J113,2)","v":{"v":0,"d":"0.00"}}]
[]
[]
[]
[]
[]
[null,null,"ROZPOČET"]
[]
[null,null,"Stavba:"]
[{"$nulls":4},{"$f":"E7","v":"Miestne komunikácie Krásna"}]
[null,null,"Objekt:"]
[{"$nulls":4},"02 - Výstavba chodníkov na Ukrajinskej a Mozartovej ulici"]
[null,null,"Časť:"]
[{"$nulls":4},{"$f":"E11","v":"Časť 4 - Ukrajinská od Banisegy po most cez Hornád"}]
[]
[null,null,"Miesto:",null,null,{"$f":"F14","v":"Mestská časť Košice - Krásna"},null,null,"Dátum:",{"$f":"IF(J14=\"\",\"\",J14)","v":"4. 3. 2026"}]
[]
[null,null,"Objednávateľ:",null,null,{"$f":"E17","v":"Mestská časť Košice - Krásna, Opátska18, Košice"},null,null,"Projektant:",{"$f":"E23","v":" "}]
[null,null,"Zhotoviteľ:",null,null,{"$f":"IF(E20=\"\",\"\",E20)","v":"Vyplň údaj"},null,null,"Spracovateľ:",{"$f":"E26","v":" "}]
[]
[null,null,"PČ","Typ","Kód","Popis","MJ","Množstvo","J.cena [EUR]","Cena celkom [EUR]","Cenová sústava",null,"","DPH","J. Nh [h]","Nh celkom [h]","J. hmotnosť [t]","Hmotnosť celkom [t]","J. suť [t]","Suť Celkom [t]"]
[null,null,"Náklady z rozpočtu",{"$nulls":6},{"$f":"BK142","v":{"v":0,"d":"0.00"}},{"$nulls":5},{"$f":"P143+P218+P227","v":{"v":0,"d":"0.00000"}},null,{"$f":"R143+R218+R227","v":{"v":373.73491097,"d":"373.73491"}},null,{"$f":"T143+T218+T227","v":{"v":10.882755000000001,"d":"10.88276"}},{"$nulls":25},"D","-1",{"$nulls":15},{"$f":"BK143+BK218+BK227","v":{"v":0,"d":"0.00"}}]
[{"$nulls":3},"D","D1","PRÁCE A DODÁVKY HSV",{"$nulls":3},{"$f":"BK143","v":{"v":0,"d":"0.00"}},{"$nulls":5},{"$f":"P144+P169+P183+P189+P193+P202","v":{"v":0,"d":"0.00000"}},null,{"$f":"R144+R169+R183+R189+R193+R202","v":{"v":372.97625897,"d":"372.97626"}},null,{"$f":"T144+T169+T183+T189+T193+T202","v":{"v":10.882755000000001,"d":"10.88276"}},{"$nulls":23},"1",null,"D","0",{"$nulls":3},"ROZPOCET",{"$nulls":11},{"$f":"BK144+BK169+BK183+BK189+BK193+BK202","v":{"v":0,"d":"0.00"}}]
[{"$nulls":3},"D","1","ZEMNE PRÁCE",{"$nulls":3},{"$f":"BK144","v":{"v":0,"d":"0.00"}},{"$nulls":5},{"$f":"SUM(P145:P168)","v":{"v":0,"d":"0.00000"}},null,{"$f":"SUM(R145:R168)","v":{"v":0.010716,"d":"0.01072"}},null,{"$f":"SUM(T145:T168)","v":{"v":10.654875,"d":"10.65488"}},{"$nulls":23},"1",null,"D","1",{"$nulls":3},"ROZPOCET",{"$nulls":11},{"$f":"SUM(BK145:BK168)","v":{"v":0,"d":"0.00"}}]
[null,null,"1","K","120902113","Búranie betónu železového","m3",1.845,null,{"$f":"ROUND(I145*H145,2)","v":{"v":0,"d":"0.00"}},null,null,"","znížená",null,{"$f":"O145*H145","v":{"v":0,"d":"0.00000"}},{"v":0,"d":"0.00000"},{"$f":"Q145*H145","v":{"v":0,"d":"0.00000"}},{"v":5.775,"d":"5.77500"},{"$f":"S145*H145","v":{"v":10.654875,"d":"10.65488"}},{"$nulls":23},"4",null,"K","2",{"$nulls":3},"ROZPOCET",{"$nulls":5},{"$f":"IF(N145=\"základná\",J145,0)","v":{"v":0,"d":"0.00"}},{"$f":"IF(N145=\"znížená\",J145,0)","v":{"v":0,"d":"0.00"}},{"$f":"IF(N145=\"zákl. prenesená\",J145,0)","v":{"v":0,"d":"0.00"}},{"$f":"IF(N145=\"zníž. prenesená\",J145,0)","v":{"v":0,"d":"0.00"}},{"$f":"IF(N145=\"nulová\",J145,0)","v":{"v":0,"d":"0.00"}},"2",{"$f":"ROUND(I145*H145,2)","v":{"v":0,"d":"0.00"}},"4","2"]
[null,null,"2","K","122201101","Odkopávky a prekopávky nezapaž. v horn. tr. 3 do 100 m3","m3",{"v":5.85,"d":"5.850"},null,{"$f":"ROUND(I146*H146,2)","v":{"v":0,"d":"0.00"}},null,null,"","znížená",null,{"$f":"O146*H146","v":{"v":0,"d":"0.00000"}},{"v":0,"d":"0.00000"},{"$f":"Q146*H146","v":{"v":0,"d":"0.00000"}},{"v":0,"d":"0.00000"},{"$f":"S146*H146","v":{"v":0,"d":"0.00000"}},{"$nulls":23},"4",null,"K","2",{"$nulls":3},"ROZPOCET",{"$nulls":5},{"$f":"IF(N146=\"základná\",J146,0)","v":{"v":0,"d":"0.00"}},{"$f":"IF(N146=\"znížená\",J146,0)","v":{"v":0,"d":"0.00"}},{"$f":"IF(N146=\"zákl. prenesená\",J146,0)","v":{"v":0,"d":"0.00"}},{"$f":"IF(N146=\"zníž. prenesená\",J146,0)","v":{"v":0,"d":"0.00"}},{"$f":"IF(N146=\"nulová\",J146,0)","v":{"v":0,"d":"0.00"}},"2",{"$f":"ROUND(I146*H146,2)","v":{"v":0,"d":"0.00"}},"4","4"]
[{"$nulls":3},"P",null,"Poznámka k položke:\r\nhĺbka výkopu = 0,39m\r\nplocha výkopu = 15m2\r\ncelkovo : 0,39*15 = 5,85m3",{"$nulls":39},"P","2"]
[null,null,"3","K","122201109","Príplatok za lepivosť horniny tr.3","m3",{"v":5.85,"d":"5.850"},null,{"$f":"ROUND(I148*H148,2)","v":{"v":0,"d":"0.00"}},null,null,"","znížená",null,{"$f":"O148*H148","v":{"v":0,"d":"0.00000"}},{"v":0,"d":"0.00000"},{"$f":"Q148*H148","v":{"v":0,"d":"0.00000"}},{"v":0,"d":"0.00000"},{"$f":"S148*H148","v":{"v":0,"d":"0.00000"}},{"$nulls":23},"4",null,"K","2",{"$nulls":3},"ROZPOCET",{"$nulls":5},{"$f":"IF(N148=\"základná\",J148,0)","v":{"v":0,"d":"0.00"}},{"$f":"IF(N148=\"znížená\",J148,0)","v":{"v":0,"d":"0.00"}},{"$f":"IF(N148=\"zákl. prenesená\",J148,0)","v":{"v":0,"d":"0.00"}},{"$f":"IF(N148=\"zníž. prenesená\",J148,0)","v":{"v":0,"d":"0.00"}},{"$f":"IF(N148=\"nulová\",J148,0)","v":{"v":0,"d":"0.00"}},"2",{"$f":"ROUND(I148*H148,2)","v":{"v":0,"d":"0.00"}},"4","6"]
[null,null,"4","K","132201101","Hĺbenie rýh šírka do 60 cm v horn. tr. 3 do 100 m3","m3",{"v":1.68,"d":"1.680"},null,{"$f":"ROUND(I149*H149,2)","v":{"v":0,"d":"0.00"}},null,null,"","znížená",null,{"$f":"O149*H149","v":{"v":0,"d":"0.00000"}},{"v":0,"d":"0.00000"},{"$f":"Q149*H149","v":{"v":0,"d":"0.00000"}},{"v":0,"d":"0.00000"},{"$f":"S149*H149","v":{"v":0,"d":"0.00000"}},{"$nulls":23},"4",null,"K","2",{"$nulls":3},"ROZPOCET",{"$nulls":5},{"$f":"IF(N149=\"základná\",J149,0)","v":{"v":0,"d":"0.00"}},{"$f":"IF(N149=\"znížená\",J149,0)","v":{"v":0,"d":"0.00"}},{"$f":"IF(N149=\"zákl. prenesená\",J149,0)","v":{"v":0,"d":"0.00"}},{"$f":"IF(N149=\"zníž. prenesená\",J149,0)","v":{"v":0,"d":"0.00"}},{"$f":"IF(N149=\"nulová\",J149,0)","v":{"v":0,"d":"0.00"}},"2",{"$f":"ROUND(I149*H149,2)","v":{"v":0,"d":"0.00"}},"4","8"]
[{"$nulls":3},"P",null,"Poznámka k položke:\r\nnapojenie na most : 1,5*0,5*0,8 = 0,6m3\r\nschodiskové prahy : 1,2*0,5*0,9*2 = 1,08m3\r\ncelkovo : 0,6+1,08 = 1,68m3",{"$nulls":39},"P","2"]
[null,null,"5","K","132201109","Príplatok za lepivosť horniny tr. 3 v rýhach š. do 60 cm","m3",{"v":1.68,"d":"1.680"},null,{"$f":"ROUND(I151*H151,2)","v":{"v":0,"d":"0.00"}},null,null,"","znížená",null,{"$f":"O151*H151","v":{"v":0,"d":"0.00000"}},{"v":0,"d":"0.00000"},{"$f":"Q151*H151","v":{"v":0,"d":"0.00000"}},{"v":0,"d":"0.00000"},{"$f":"S151*H151","v":{"v":0,"d":"0.00000"}},{"$nulls":23},"4",null,"K","2",{"$nulls":3},"ROZPOCET",{"$nulls":5},{"$f":"IF(N151=\"základná\",J151,0)","v":{"v":0,"d":"0.00"}},{"$f":"IF(N151=\"znížená\",J151,0)","v":{"v":0,"d":"0.00"}},{"$f":"IF(N151=\"zákl. prenesená\",J151,0)","v":{"v":0,"d":"0.00"}},{"$f":"IF(N151=\"zníž. prenesená\",J151,0)","v":{"v":0,"d":"0.00"}},{"$f":"IF(N151=\"nulová\",J151,0)","v":{"v":0,"d":"0.00"}},"2",{"$f":"ROUND(I151*H151,2)","v":{"v":0,"d":"0.00"}},"4","10"]
[null,null,"6","K","132201201","Hĺbenie rýh šírka do 2 m v horn. tr. 3 do 100 m3","m3",{"v":79.68,"d":"79.680"},null,{"$f":"ROUND(I152*H152,2)","v":{"v":0,"d":"0.00"}},null,null,"","znížená",null,{"$f":"O152*H152","v":{"v":0,"d":"0.00000"}},{"v":0,"d":"0.00000"},{"$f":"Q152*H152","v":{"v":0,"d":"0.00000"}},{"v":0,"d":"0.00000"},{"$f":"S152*H152","v":{"v":0,"d":"0.00000"}},{"$nulls":23},"4",null,"K","2",{"$nulls":3},"ROZPOCET",{"$nulls":5},{"$f":"IF(N152=\"základná\",J152,0)","v":{"v":0,"d":"0.00"}},{"$f":"IF(N152=\"znížená\",J152,0)","v":{"v":0,"d":"0.00"}},{"$f":"IF(N152=\"zákl. prenesená\",J152,0)","v":{"v":0,"d":"0.00"}},{"$f":"IF(N152=\"zníž. prenesená\",J152,0)","v":{"v":0,"d":"0.00"}},{"$f":"IF(N152=\"nulová\",J152,0)","v":{"v":0,"d":"0.00"}},"2",{"$f":"ROUND(I152*H152,2)","v":{"v":0,"d":"0.00"}},"4","12"]
[{"$nulls":3},"P",null,"Poznámka k položke:\r\noporný múr : 0,8*1,4*54 = 60,48m3\r\ngabión : 0,8*2,0*12 = 19,2m3\r\ncelkovo : 60,48+19,2 = 79,68m3",{"$nulls":39},"P","2"]
[null,null,"7","K","132201209","Príplatok za lepivosť horniny tr.3 v rýhach š. do 200 cm","m3",{"v":79.68,"d":"79.680"},null,{"$f":"ROUND(I154*H154,2)","v":{"v":0,"d":"0.00"}},null,null,"","znížená",null,{"$f":"O154*H154","v":{"v":0,"d":"0.00000"}},{"v":0,"d":"0.00000"},{"$f":"Q154*H154","v":{"v":0,"d":"0.00000"}},{"v":0,"d":"0.00000"},{"$f":"S154*H154","v":{"v":0,"d":"0.00000"}},{"$nulls":23},"4",null,"K","2",{"$nulls":3},"ROZPOCET",{"$nulls":5},{"$f":"IF(N154=\"základná\",J154,0)","v":{"v":0,"d":"0.00"}},{"$f":"IF(N154=\"znížená\",J154,0)","v":{"v":0,"d":"0.00"}},{"$f":"IF(N154=\"zákl. prenesená\",J154,0)","v":{"v":0,"d":"0.00"}},{"$f":"IF(N154=\"zníž. prenesená\",J154,0)","v":{"v":0,"d":"0.00"}},{"$f":"IF(N154=\"nulová\",J154,0)","v":{"v":0,"d":"0.00"}},"2",{"$f":"ROUND(I154*H154,2)","v":{"v":0,"d":"0.00"}},"4","14"]
[null,null,"8","K","151101201","Zhotovenie paženia stien výkopu príložné hl. do 4 m","m2",{"v":42,"d":"42.000"},null,{"$f":"ROUND(I155*H155,2)","v":{"v":0,"d":"0.00"}},null,null,"","znížená",null,{"$f":"O155*H155","v":{"v":0,"d":"0.00000"}},0.00025,{"$f":"Q155*H155","v":{"v":0.0105,"d":"0.01050"}},{"v":0,"d":"0.00000"},{"$f":"S155*H155","v":{"v":0,"d":"0.00000"}},{"$nulls":23},"4",null,"K","2",{"$nulls":3},"ROZPOCET",{"$nulls":5},{"$f":"IF(N155=\"základná\",J155,0)","v":{"v":0,"d":"0.00"}},{"$f":"IF(N155=\"znížená\",J155,0)","v":{"v":0,"d":"0.00"}},{"$f":"IF(N155=\"zákl. prenesená\",J155,0)","v":{"v":0,"d":"0.00"}},{"$f":"IF(N155=\"zníž. prenesená\",J155,0)","v":{"v":0,"d":"0.00"}},{"$f":"IF(N155=\"nulová\",J155,0)","v":{"v":0,"d":"0.00"}},"2",{"$f":"ROUND(I155*H155,2)","v":{"v":0,"d":"0.00"}},"4","16"]
[{"$nulls":3},"P",null,"Poznámka k položke:\r\n(1,5*12)+(2,0*12) = 42m2",{"$nulls":39},"P","2"]
[null,null,"9","K","151101211","Odstránenie paženia stien výkopu príložné hl. do 4 m","m2",{"v":42,"d":"42.000"},null,{"$f":"ROUND(I157*H157,2)","v":{"v":0,"d":"0.00"}},null,null,"","znížená",null,{"$f":"O157*H157","v":{"v":0,"d":"0.00000"}},{"v":0,"d":"0.00000"},{"$f":"Q157*H157","v":{"v":0,"d":"0.00000"}},{"v":0,"d":"0.00000"},{"$f":"S157*H157","v":{"v":0,"d":"0.00000"}},{"$nulls":23},"4",null,"K","2",{"$nulls":3},"ROZPOCET",{"$nulls":5},{"$f":"IF(N157=\"základná\",J157,0)","v":{"v":0,"d":"0.00"}},{"$f":"IF(N157=\"znížená\",J157,0)","v":{"v":0,"d":"0.00"}},{"$f":"IF(N157=\"zákl. prenesená\",J157,0)","v":{"v":0,"d":"0.00"}},{"$f":"IF(N157=\"zníž. prenesená\",J157,0)","v":{"v":0,"d":"0.00"}},{"$f":"IF(N157=\"nulová\",J157,0)","v":{"v":0,"d":"0.00"}},"2",{"$f":"ROUND(I157*H157,2)","v":{"v":0,"d":"0.00"}},"4","18"]
[null,null,"10","K","151101301","Zhotovenie rozopretia stien príložného paženia hĺbka do 4 m","m3",{"v":0.48,"d":"0.480"},null,{"$f":"ROUND(I158*H158,2)","v":{"v":0,"d":"0.00"}},null,null,"","znížená",null,{"$f":"O158*H158","v":{"v":0,"d":"0.00000"}},0.00045,{"$f":"Q158*H158","v":{"v":0.000216,"d":"0.00022"}},{"v":0,"d":"0.00000"},{"$f":"S158*H158","v":{"v":0,"d":"0.00000"}},{"$nulls":23},"4",null,"K","2",{"$nulls":3},"ROZPOCET",{"$nulls":5},{"$f":"IF(N158=\"základná\",J158,0)","v":{"v":0,"d":"0.00"}},{"$f":"IF(N158=\"znížená\",J158,0)","v":{"v":0,"d":"0.00"}},{"$f":"IF(N158=\"zákl. prenesená\",J158,0)","v":{"v":0,"d":"0.00"}},{"$f":"IF(N158=\"zníž. prenesená\",J158,0)","v":{"v":0,"d":"0.00"}},{"$f":"IF(N158=\"nulová\",J158,0)","v":{"v":0,"d":"0.00"}},"2",{"$f":"ROUND(I158*H158,2)","v":{"v":0,"d":"0.00"}},"4","20"]
[null,null,"11","K","151101311","Odstránenie rozopretia stien príložného paženia hĺbka do 4 m","m3",{"v":0.48,"d":"0.480"},null,{"$f":"ROUND(I159*H159,2)","v":{"v":0,"d":"0.00"}},null,null,"","znížená",null,{"$f":"O159*H159","v":{"v":0,"d":"0.00000"}},{"v":0,"d":"0.00000"},{"$f":"Q159*H159","v":{"v":0,"d":"0.00000"}},{"v":0,"d":"0.00000"},{"$f":"S159*H159","v":{"v":0,"d":"0.00000"}},{"$nulls":23},"4",null,"K","2",{"$nulls":3},"ROZPOCET",{"$nulls":5},{"$f":"IF(N159=\"základná\",J159,0)","v":{"v":0,"d":"0.00"}},{"$f":"IF(N159=\"znížená\",J159,0)","v":{"v":0,"d":"0.00"}},{"$f":"IF(N159=\"zákl. prenesená\",J159,0)","v":{"v":0,"d":"0.00"}},{"$f":"IF(N159=\"zníž. prenesená\",J159,0)","v":{"v":0,"d":"0.00"}},{"$f":"IF(N159=\"nulová\",J159,0)","v":{"v":0,"d":"0.00"}},"2",{"$f":"ROUND(I159*H159,2)","v":{"v":0,"d":"0.00"}},"4","22"]
[null,null,"12","K","161101101","Zvislé premiestnenie výkopu horn. tr. 1-4 nad 1 m do 2,5 m","m3",{"v":79.68,"d":"79.680"},null,{"$f":"ROUND(I160*H160,2)","v":{"v":0,"d":"0.00"}},null,null,"","znížená",null,{"$f":"O160*H160","v":{"v":0,"d":"0.00000"}},{"v":0,"d":"0.00000"},{"$f":"Q160*H160","v":{"v":0,"d":"0.00000"}},{"v":0,"d":"0.00000"},{"$f":"S160*H160","v":{"v":0,"d":"0.00000"}},{"$nulls":23},"4",null,"K","2",{"$nulls":3},"ROZPOCET",{"$nulls":5},{"$f":"IF(N160=\"základná\",J160,0)","v":{"v":0,"d":"0.00"}},{"$f":"IF(N160=\"znížená\",J160,0)","v":{"v":0,"d":"0.00"}},{"$f":"IF(N160=\"zákl. prenesená\",J160,0)","v":{"v":0,"d":"0.00"}},{"$f":"IF(N160=\"zníž. prenesená\",J160,0)","v":{"v":0,"d":"0.00"}},{"$f":"IF(N160=\"nulová\",J160,0)","v":{"v":0,"d":"0.00"}},"2",{"$f":"ROUND(I160*H160,2)","v":{"v":0,"d":"0.00"}},"4","24"]
[null,null,"13","K","162201102","Vodorovné premiestnenie výkopu do 50 m horn. tr. 1-4","m3",{"v":87.21,"d":"87.210"},null,{"$f":"ROUND(I161*H161,2)","v":{"v":0,"d":"0.00"}},null,null,"","znížená",null,{"$f":"O161*H161","v":{"v":0,"d":"0.00000"}},{"v":0,"d":"0.00000"},{"$f":"Q161*H161","v":{"v":0,"d":"0.00000"}},{"v":0,"d":"0.00000"},{"$f":"S161*H161","v":{"v":0,"d":"0.00000"}},{"$nulls":23},"4",null,"K","2",{"$nulls":3},"ROZPOCET",{"$nulls":5},{"$f":"IF(N161=\"základná\",J161,0)","v":{"v":0,"d":"0.00"}},{"$f":"IF(N161=\"znížená\",J161,0)","v":{"v":0,"d":"0.00"}},{"$f":"IF(N161=\"zákl. prenesená\",J161,0)","v":{"v":0,"d":"0.00"}},{"$f":"IF(N161=\"zníž. prenesená\",J161,0)","v":{"v":0,"d":"0.00"}},{"$f":"IF(N161=\"nulová\",J161,0)","v":{"v":0,"d":"0.00"}},"2",{"$f":"ROUND(I161*H161,2)","v":{"v":0,"d":"0.00"}},"4","26"]
[{"$nulls":3},"P",null,"Poznámka k položke:\r\nodkopávky = 5,85m3\r\nhĺbenie rýh š.60cm = 1,68m3\r\nhĺbenie rýh š.do2m = 79,68m3\r\ncelkovo : 5,85+1,68+79,68 = 87,21m3",{"$nulls":39},"P","2"]
[null,null,"14","K","167101101","Nakladanie výkopku do 100 m3 v horn. tr. 1-4","m3",{"v":87.21,"d":"87.210"},null,{"$f":"ROUND(I163*H163,2)","v":{"v":0,"d":"0.00"}},null,null,"","znížená",null,{"$f":"O163*H163","v":{"v":0,"d":"0.00000"}},{"v":0,"d":"0.00000"},{"$f":"Q163*H163","v":{"v":0,"d":"0.00000"}},{"v":0,"d":"0.00000"},{"$f":"S163*H163","v":{"v":0,"d":"0.00000"}},{"$nulls":23},"4",null,"K","2",{"$nulls":3},"ROZPOCET",{"$nulls":5},{"$f":"IF(N163=\"základná\",J163,0)","v":{"v":0,"d":"0.00"}},{"$f":"IF(N163=\"znížená\",J163,0)","v":{"v":0,"d":"0.00"}},{"$f":"IF(N163=\"zákl. prenesená\",J163,0)","v":{"v":0,"d":"0.00"}},{"$f":"IF(N163=\"zníž. prenesená\",J163,0)","v":{"v":0,"d":"0.00"}},{"$f":"IF(N163=\"nulová\",J163,0)","v":{"v":0,"d":"0.00"}},"2",{"$f":"ROUND(I163*H163,2)","v":{"v":0,"d":"0.00"}},"4","28"]
[null,null,"15","K","171101141","Násypy zhut. z akýchkol. hornín do 0,75 m3 na 1 m2 pre cesty, železn.","m3",{"v":108.39,"d":"108.390"},null,{"v":0,"d":"0.00"},null,null,"","znížená",null,{"v":0,"d":"0.00000"},{"v":0,"d":"0.00000"},{"v":0,"d":"0.00000"},{"v":0,"d":"0.00000"},{"v":0,"d":"0.00000"},{"$nulls":23},"4",null,"K","2",{"$nulls":3},"ROZPOCET",{"$nulls":5},{"v":0,"d":"0.00"},{"v":0,"d":"0.00"},{"v":0,"d":"0.00"},{"v":0,"d":"0.00"},{"v":0,"d":"0.00"},"2",{"v":0,"d":"0.00"},"4","30"]
[null,null,"16","K","171201201","Uloženie sypaniny na skládku","m3",{"v":87.21,"d":"87.210"},null,{"v":0,"d":"0.00"},null,null,"","znížená",null,{"v":0,"d":"0.00000"},{"v":0,"d":"0.00000"},{"v":0,"d":"0.00000"},{"v":0,"d":"0.00000"},{"v":0,"d":"0.00000"},{"$nulls":23},"4",null,"K","2",{"$nulls":3},"ROZPOCET",{"$nulls":5},{"v":0,"d":"0.00"},{"v":0,"d":"0.00"},{"v":0,"d":"0.00"},{"v":0,"d":"0.00"},{"v":0,"d":"0.00"},"2",{"v":0,"d":"0.00"},"4","32"]
[null,null,"17","K","181101102","Úprava pláne v zárezoch v horn. tr. 1-4 so zhutnením","m2",{"v":110,"d":"110.000"},null,{"v":0,"d":"0.00"},null,null,"","znížená",null,{"v":0,"d":"0.00000"},{"v":0,"d":"0.00000"},{"v":0,"d":"0.00000"},{"v":0,"d":"0.00000"},{"v":0,"d":"0.00000"},{"$nulls":23},"4",null,"K","2",{"$nulls":3},"ROZPOCET",{"$nulls":5},{"v":0,"d":"0.00"},{"v":0,"d":"0.00"},{"v":0,"d":"0.00"},{"v":0,"d":"0.00"},{"v":0,"d":"0.00"},"2",{"v":0,"d":"0.00"},"4","34"]
[null,null,"18","K","181301102","Rozprestretie ornice, sklon do 1:5 do 500 m2 hr. do 15 cm","m2",{"v":131.3,"d":"131.300"},null,{"v":0,"d":"0.00"},null,null,"","znížená",null,{"v":0,"d":"0.00000"},{"v":0,"d":"0.00000"},{"v":0,"d":"0.00000"},{"v":0,"d":"0.00000"},{"v":0,"d":"0.00000"},{"$nulls":23},"4",null,"K","2",{"$nulls":3},"ROZPOCET",{"$nulls":5},{"v":0,"d":"0.00"},{"v":0,"d":"0.00"},{"v":0,"d":"0.00"},{"v":0,"d":"0.00"},{"v":0,"d":"0.00"},"2",{"v":0,"d":"0.00"},"4","36"]
[null,null,"19","K","182001123","Plošná úprava terénu, nerovnosti do +-150 mm vo svahu 1:2-1:1","m2",{"v":131.3,"d":"131.300"},null,{"v":0,"d":"0.00"},null,null,"","znížená",null,{"v":0,"d":"0.00000"},{"v":0,"d":"0.00000"},{"v":0,"d":"0.00000"},{"v":0,"d":"0.00000"},{"v":0,"d":"0.00000"},{"$nulls":23},"4",null,"K","2",{"$nulls":3},"ROZPOCET",{"$nulls":5},{"v":0,"d":"0.00"},{"v":0,"d":"0.00"},{"v":0,"d":"0.00"},{"v":0,"d":"0.00"},{"v":0,"d":"0.00"},"2",{"v":0,"d":"0.00"},"4","38"]
[{"$nulls":3},"D","2","ZÁKLADY",{"$nulls":3},{"$f":"BK169","v":{"v":0,"d":"0.00"}},{"$nulls":5},{"$f":"SUM(P170:P182)","v":{"v":0,"d":"0.00000"}},null,{"$f":"SUM(R170:R182)","v":{"v":225.83388817,"d":"225.83389"}},null,{"$f":"SUM(T170:T182)","v":{"v":0,"d":"0.00000"}},{"$nulls":23},"1",null,"D","1",{"$nulls":3},"ROZPOCET",{"$nulls":11},{"$f":"SUM(BK170:BK182)","v":{"v":0,"d":"0.00"}}]
[null,null,"20","K","270328136","Konštrukcie základov zo železobetónu tr. C25/30","m3",{"v":86.25,"d":"86.250"},null,{"$f":"ROUND(I170*H170,2)","v":{"v":0,"d":"0.00"}},null,null,"","znížená",null,{"$f":"O170*H170","v":{"v":0,"d":"0.00000"}},2.51712,{"$f":"Q170*H170","v":{"v":217.1016,"d":"217.10160"}},{"v":0,"d":"0.00000"},{"$f":"S170*H170","v":{"v":0,"d":"0.00000"}},{"$nulls":23},"4",null,"K","2",{"$nulls":3},"ROZPOCET",{"$nulls":5},{"$f":"IF(N170=\"základná\",J170,0)","v":{"v":0,"d":"0.00"}},{"$f":"IF(N170=\"znížená\",J170,0)","v":{"v":0,"d":"0.00"}},{"$f":"IF(N170=\"zákl. prenesená\",J170,0)","v":{"v":0,"d":"0.00"}},{"$f":"IF(N170=\"zníž. prenesená\",J170,0)","v":{"v":0,"d":"0.00"}},{"$f":"IF(N170=\"nulová\",J170,0)","v":{"v":0,"d":"0.00"}},"2",{"$f":"ROUND(I170*H170,2)","v":{"v":0,"d":"0.00"}},"4","40"]
[{"$nulls":3},"P",null,"Poznámka k položke:\r\nnapojenie na most : 1,5*0,5*0,7 = 0,525m3\r\nschodiskové prahy : 1,2*0,5*0,8*2 = 0,96m3\r\noporný múr : (0,3*1,2*21,5) + (0,3*1,5*32,5) + (0,8*1,0*54) = 65,565m3\r\ngabión : 0,8*2,0*12 = 19,2m3\r\ncelkovo : 0,525+0,96+65,565+19,2 = 86,25m3",{"$nulls":39},"P","2"]
[null,null,"21","K","270351131","Zrdn. kotv. otvor. V 0 1m2 hĺ. 1m","kus",{"v":4,"d":"4.000"},null,{"$f":"ROUND(I172*H172,2)","v":{"v":0,"d":"0.00"}},null,null,"","znížená",null,{"$f":"O172*H172","v":{"v":0,"d":"0.00000"}},0.01632,{"$f":"Q172*H172","v":0.06528},{"v":0,"d":"0.00000"},{"$f":"S172*H172","v":{"v":0,"d":"0.00000"}},{"$nulls":23},"4",null,"K","2",{"$nulls":3},"ROZPOCET",{"$nulls":5},{"$f":"IF(N172=\"základná\",J172,0)","v":{"v":0,"d":"0.00"}},{"$f":"IF(N172=\"znížená\",J172,0)","v":{"v":0,"d":"0.00"}},{"$f":"IF(N172=\"zákl. prenesená\",J172,0)","v":{"v":0,"d":"0.00"}},{"$f":"IF(N172=\"zníž. prenesená\",J172,0)","v":{"v":0,"d":"0.00"}},{"$f":"IF(N172=\"nulová\",J172,0)","v":{"v":0,"d":"0.00"}},"2",{"$f":"ROUND(I172*H172,2)","v":{"v":0,"d":"0.00"}},"4","42"]
[null,null,"22","K","270368171","Výstuž základových konštrukcií 10425 vrátane nosných zvarov","t",{"v":3.45,"d":"3.450"},null,{"$f":"ROUND(I173*H173,2)","v":{"v":0,"d":"0.00"}},null,null,"","znížená",null,{"$f":"O173*H173","v":{"v":0,"d":"0.00000"}},1.05156,{"$f":"Q173*H173","v":{"v":3.6278820000000005,"d":"3.62788"}},{"v":0,"d":"0.00000"},{"$f":"S173*H173","v":{"v":0,"d":"0.00000"}},{"$nulls":23},"4",null,"K","2",{"$nulls":3},"ROZPOCET",{"$nulls":5},{"$f":"IF(N173=\"základná\",J173,0)","v":{"v":0,"d":"0.00"}},{"$f":"IF(N173=\"znížená\",J173,0)","v":{"v":0,"d":"0.00"}},{"$f":"IF(N173=\"zákl. prenesená\",J173,0)","v":{"v":0,"d":"0.00"}},{"$f":"IF(N173=\"zníž. prenesená\",J173,0)","v":{"v":0,"d":"0.00"}},{"$f":"IF(N173=\"nulová\",J173,0)","v":{"v":0,"d":"0.00"}},"2",{"$f":"ROUND(I173*H173,2)","v":{"v":0,"d":"0.00"}},"4","44"]
[null,null,"23","K","270368172","Výstuž základových konštrukcií BSt 500 (10505) vrátane nosných zvarov","t",{"v":0.02,"d":"0.020"},null,{"$f":"ROUND(I174*H174,2)","v":{"v":0,"d":"0.00"}},null,null,"","znížená",null,{"$f":"O174*H174","v":{"v":0,"d":"0.00000"}},1.13396,{"$f":"Q174*H174","v":{"v":0.022679200000000004,"d":"0.02268"}},{"v":0,"d":"0.00000"},{"$f":"S174*H174","v":{"v":0,"d":"0.00000"}},{"$nulls":23},"4",null,"K","2",{"$nulls":3},"ROZPOCET",{"$nulls":5},{"$f":"IF(N174=\"základná\",J174,0)","v":{"v":0,"d":"0.00"}},{"$f":"IF(N174=\"znížená\",J174,0)","v":{"v":0,"d":"0.00"}},{"$f":"IF(N174=\"zákl. prenesená\",J174,0)","v":{"v":0,"d":"0.00"}},{"$f":"IF(N174=\"zníž. prenesená\",J174,0)","v":{"v":0,"d":"0.00"}},{"$f":"IF(N174=\"nulová\",J174,0)","v":{"v":0,"d":"0.00"}},"2",{"$f":"ROUND(I174*H174,2)","v":{"v":0,"d":"0.00"}},"4","46"]
[null,null,"24","K","271571111","Vankúš pod základy zo štrkopiesku triedeného","m3",0.195,null,{"$f":"ROUND(I175*H175,2)","v":{"v":0,"d":"0.00"}},null,null,"","znížená",null,{"$f":"O175*H175","v":{"v":0,"d":"0.00000"}},1.93971,{"$f":"Q175*H175","v":{"v":0.37824345000000004,"d":"0.37824"}},{"v":0,"d":"0.00000"},{"$f":"S175*H175","v":{"v":0,"d":"0.00000"}},{"$nulls":23},"4",null,"K","2",{"$nulls":3},"ROZPOCET",{"$nulls":5},{"$f":"IF(N175=\"základná\",J175,0)","v":{"v":0,"d":"0.00"}},{"$f":"IF(N175=\"znížená\",J175,0)","v":{"v":0,"d":"0.00"}},{"$f":"IF(N175=\"zákl. prenesená\",J175,0)","v":{"v":0,"d":"0.00"}},{"$f":"IF(N175=\"zníž. prenesená\",J175,0)","v":{"v":0,"d":"0.00"}},{"$f":"IF(N175=\"nulová\",J175,0)","v":{"v":0,"d":"0.00"}},"2",{"$f":"ROUND(I175*H175,2)","v":{"v":0,"d":"0.00"}},"4","48"]
[{"$nulls":3},"P",null,"Poznámka k položke:\r\nnapojenie na most : 0,1*0,5*1,5 = 0,075m3\r\nschodiskové prahy : 0,1*0,5*1,2*2 = 0,12m3\r\ncelkovo : 0,075+0,12 = 0,195m3",{"$nulls":39},"P","2"]
[null,null,"25","K","273321117","Základové dosky zo železobetónu tr. C 25/30 cement portlandský","m3",{"v":1.8,"d":"1.800"},null,{"$f":"ROUND(I177*H177,2)","v":{"v":0,"d":"0.00"}},null,null,"","znížená",null,{"$f":"O177*H177","v":{"v":0,"d":"0.00000"}},{"v":2.4468,"d":"2.44680"},{"$f":"Q177*H177","v":{"v":4.404240000000001,"d":"4.40424"}},{"v":0,"d":"0.00000"},{"$f":"S177*H177","v":{"v":0,"d":"0.00000"}},{"$nulls":23},"4",null,"K","2",{"$nulls":3},"ROZPOCET",{"$nulls":5},{"$f":"IF(N177=\"základná\",J177,0)","v":{"v":0,"d":"0.00"}},{"$f":"IF(N177=\"znížená\",J177,0)","v":{"v":0,"d":"0.00"}},{"$f":"IF(N177=\"zákl. prenesená\",J177,0)","v":{"v":0,"d":"0.00"}},{"$f":"IF(N177=\"zníž. prenesená\",J177,0)","v":{"v":0,"d":"0.00"}},{"$f":"IF(N177=\"nulová\",J177,0)","v":{"v":0,"d":"0.00"}},"2",{"$f":"ROUND(I177*H177,2)","v":{"v":0,"d":"0.00"}},"4","50"]
[{"$nulls":3},"P",null,"Poznámka k položke:\r\nplocha 9m2\r\nhrúbka 0,2m\r\ncelkovo = 1,8m3",{"$nulls":39},"P","2"]
[null,null,"26","K","273351110","Debnenie zákl. dosák plochy rovinné","m2",{"v":54.3,"d":"54.300"},null,{"$f":"ROUND(I179*H179,2)","v":{"v":0,"d":"0.00"}},null,null,"","znížená",null,{"$f":"O179*H179","v":{"v":0,"d":"0.00000"}},{"v":0.0029,"d":"0.00290"},{"$f":"Q179*H179","v":{"v":0.15746999999999997,"d":"0.15747"}},{"v":0,"d":"0.00000"},{"$f":"S179*H179","v":{"v":0,"d":"0.00000"}},{"$nulls":23},"4",null,"K","2",{"$nulls":3},"ROZPOCET",{"$nulls":5},{"$f":"IF(N179=\"základná\",J179,0)","v":{"v":0,"d":"0.00"}},{"$f":"IF(N179=\"znížená\",J179,0)","v":{"v":0,"d":"0.00"}},{"$f":"IF(N179=\"zákl. prenesená\",J179,0)","v":{"v":0,"d":"0.00"}},{"$f":"IF(N179=\"zníž. prenesená\",J179,0)","v":{"v":0,"d":"0.00"}},{"$f":"IF(N179=\"nulová\",J179,0)","v":{"v":0,"d":"0.00"}},"2",{"$f":"ROUND(I179*H179,2)","v":{"v":0,"d":"0.00"}},"4","52"]
[{"$nulls":3},"P",null,"Poznámka k položke:\r\n(0,3*0,5*2)+(0,5*54*2) = 54,3m2",{"$nulls":39},"P","2"]
[null,null,"27","K","273351119","Oddebnenie zákl. dosák","m2",{"v":54.3,"d":"54.300"},null,{"$f":"ROUND(I181*H181,2)","v":{"v":0,"d":"0.00"}},null,null,"","znížená",null,{"$f":"O181*H181","v":{"v":0,"d":"0.00000"}},{"v":0,"d":"0.00000"},{"$f":"Q181*H181","v":{"v":0,"d":"0.00000"}},{"v":0,"d":"0.00000"},{"$f":"S181*H181","v":{"v":0,"d":"0.00000"}},{"$nulls":23},"4",null,"K","2",{"$nulls":3},"ROZPOCET",{"$nulls":5},{"$f":"IF(N181=\"základná\",J181,0)","v":{"v":0,"d":"0.00"}},{"$f":"IF(N181=\"znížená\",J181,0)","v":{"v":0,"d":"0.00"}},{"$f":"IF(N181=\"zákl. prenesená\",J181,0)","v":{"v":0,"d":"0.00"}},{"$f":"IF(N181=\"zníž. prenesená\",J181,0)","v":{"v":0,"d":"0.00"}},{"$f":"IF(N181=\"nulová\",J181,0)","v":{"v":0,"d":"0.00"}},"2",{"$f":"ROUND(I181*H181,2)","v":{"v":0,"d":"0.00"}},"4","54"]
[null,null,"28","K","273361112","Vystuženie zákl. dosák B oceľ 10425","t",0.072,null,{"$f":"ROUND(I182*H182,2)","v":{"v":0,"d":"0.00"}},null,null,"","znížená",null,{"$f":"O182*H182","v":{"v":0,"d":"0.00000"}},1.06241,{"$f":"Q182*H182","v":{"v":0.07649352,"d":"0.07649"}},{"v":0,"d":"0.00000"},{"$f":"S182*H182","v":{"v":0,"d":"0.00000"}},{"$nulls":23},"4",null,"K","2",{"$nulls":3},"ROZPOCET",{"$nulls":5},{"$f":"IF(N182=\"základná\",J182,0)","v":{"v":0,"d":"0.00"}},{"$f":"IF(N182=\"znížená\",J182,0)","v":{"v":0,"d":"0.00"}},{"$f":"IF(N182=\"zákl. prenesená\",J182,0)","v":{"v":0,"d":"0.00"}},{"$f":"IF(N182=\"zníž. prenesená\",J182,0)","v":{"v":0,"d":"0.00"}},{"$f":"IF(N182=\"nulová\",J182,0)","v":{"v":0,"d":"0.00"}},"2",{"$f":"ROUND(I182*H182,2)","v":{"v":0,"d":"0.00"}},"4","56"]
[{"$nulls":3},"D","3","ZVISLÉ A KOMPLETNÉ KONŠTRUKCIE",{"$nulls":3},{"$f":"BK183","v":{"v":0,"d":"0.00"}},{"$nulls":5},{"$f":"SUM(P184:P188)","v":{"v":0,"d":"0.00000"}},null,{"$f":"SUM(R184:R188)","v":{"v":13.7869724,"d":"13.78697"}},null,{"$f":"SUM(T184:T188)","v":{"v":0,"d":"0.00000"}},{"$nulls":23},"1",null,"D","1",{"$nulls":3},"ROZPOCET",{"$nulls":11},{"$f":"SUM(BK184:BK188)","v":{"v":0,"d":"0.00"}}]
[null,null,"29","K","326214111","Murivo z lomového kameňa na sucho do drôtených košov s urovnaním hrán","m3",{"v":7.59,"d":"7.590"},null,{"$f":"ROUND(I184*H184,2)","v":{"v":0,"d":"0.00"}},null,null,"","znížená",null,{"$f":"O184*H184","v":{"v":0,"d":"0.00000"}},1.77236,{"$f":"Q184*H184","v":{"v":13.452212399999999,"d":"13.45221"}},{"v":0,"d":"0.00000"},{"$f":"S184*H184","v":{"v":0,"d":"0.00000"}},{"$nulls":23},"4",null,"K","2",{"$nulls":3},"ROZPOCET",{"$nulls":5},{"$f":"IF(N184=\"základná\",J184,0)","v":{"v":0,"d":"0.00"}},{"$f":"IF(N184=\"znížená\",J184,0)","v":{"v":0,"d":"0.00"}},{"$f":"IF(N184=\"zákl. prenesená\",J184,0)","v":{"v":0,"d":"0.00"}},{"$f":"IF(N184=\"zníž. prenesená\",J184,0)","v":{"v":0,"d":"0.00"}},{"$f":"IF(N184=\"nulová\",J184,0)","v":{"v":0,"d":"0.00"}},"2",{"$f":"ROUND(I184*H184,2)","v":{"v":0,"d":"0.00"}},"4","58"]
[null,null,"30","M","313951090","Sieť zvarovaná 11343 100x100mm d4,5mm","m2",{"v":57.5,"d":"57.500"},null,{"$f":"ROUND(I185*H185,2)","v":{"v":0,"d":"0.00"}},null,null,"","znížená",null,{"$f":"O185*H185","v":{"v":0,"d":"0.00000"}},{"v":2E-3,"d":"0.00200"},{"$f":"Q185*H185","v":{"v":0.115,"d":"0.11500"}},{"v":0,"d":"0.00000"},{"$f":"S185*H185","v":{"v":0,"d":"0.00000"}},{"$nulls":23},"8",null,"M","2",{"$nulls":3},"ROZPOCET",{"$nulls":5},{"$f":"IF(N185=\"základná\",J185,0)","v":{"v":0,"d":"0.00"}},{"$f":"IF(N185=\"znížená\",J185,0)","v":{"v":0,"d":"0.00"}},{"$f":"IF(N185=\"zákl. prenesená\",J185,0)","v":{"v":0,"d":"0.00"}},{"$f":"IF(N185=\"zníž. prenesená\",J185,0)","v":{"v":0,"d":"0.00"}},{"$f":"IF(N185=\"nulová\",J185,0)","v":{"v":0,"d":"0.00"}},"2",{"$f":"ROUND(I185*H185,2)","v":{"v":0,"d":"0.00"}},"4","60"]
[{"$nulls":3},"P",null,"Poznámka k položke:\r\n(2,2*2*11,5)+(0,3*2*11,5) = 57,5m2",{"$nulls":39},"P","2"]
[null,null,"31","K","348171111","Osadenie zábradlia oceľového do 100 kg/m","m",{"v":67,"d":"67.000"},null,{"$f":"ROUND(I187*H187,2)","v":{"v":0,"d":"0.00"}},null,null,"","znížená",null,{"$f":"O187*H187","v":{"v":0,"d":"0.00000"}},0.00328,{"$f":"Q187*H187","v":{"v":0.21975999999999998,"d":"0.21976"}},{"v":0,"d":"0.00000"},{"$f":"S187*H187","v":{"v":0,"d":"0.00000"}},{"$nulls":23},"4",null,"K","2",{"$nulls":3},"ROZPOCET",{"$nulls":5},{"$f":"IF(N187=\"základná\",J187,0)","v":{"v":0,"d":"0.00"}},{"$f":"IF(N187=\"znížená\",J187,0)","v":{"v":0,"d":"0.00"}},{"$f":"IF(N187=\"zákl. prenesená\",J187,0)","v":{"v":0,"d":"0.00"}},{"$f":"IF(N187=\"zníž. prenesená\",J187,0)","v":{"v":0,"d":"0.00"}},{"$f":"IF(N187=\"nulová\",J187,0)","v":{"v":0,"d":"0.00"}},"2",{"$f":"ROUND(I187*H187,2)","v":{"v":0,"d":"0.00"}},"4","62"]
[{"$nulls":3},"P",null,"Poznámka k položke:\r\nschodiskové zábradlie : 5,5*2 = 11m\r\noporný múr zábradlie : 56m\r\ncelkovo : 11+56 = 67m",{"$nulls":39},"P","2"]
[{"$nulls":3},"D","4","VODOROVNÉ KONŠTRUKCIE",{"$nulls":3},{"$f":"BK189","v":{"v":0,"d":"0.00"}},{"$nulls":5},{"$f":"SUM(P190:P192)","v":{"v":0,"d":"0.00000"}},null,{"$f":"SUM(R190:R192)","v":{"v":34.1094628,"d":"34.10946"}},null,{"$f":"SUM(T190:T192)","v":{"v":0,"d":"0.00000"}},{"$nulls":23},"1",null,"D","1",{"$nulls":3},"ROZPOCET",{"$nulls":11},{"$f":"SUM(BK190:BK192)","v":{"v":0,"d":"0.00"}}]
[null,null,"32","K","430321414","Schodišťové konštrukcie zo železobetónu tr. C25/30","m3",{"v":1.5,"d":"1.500"},null,{"$f":"ROUND(I190*H190,2)","v":{"v":0,"d":"0.00"}},null,null,"","znížená",null,{"$f":"O190*H190","v":{"v":0,"d":"0.00000"}},2.45421,{"$f":"Q190*H190","v":{"v":3.6813149999999997,"d":"3.68132"}},{"v":0,"d":"0.00000"},{"$f":"S190*H190","v":{"v":0,"d":"0.00000"}},{"$nulls":23},"4",null,"K","2",{"$nulls":3},"ROZPOCET",{"$nulls":5},{"$f":"IF(N190=\"základná\",J190,0)","v":{"v":0,"d":"0.00"}},{"$f":"IF(N190=\"znížená\",J190,0)","v":{"v":0,"d":"0.00"}},{"$f":"IF(N190=\"zákl. prenesená\",J190,0)","v":{"v":0,"d":"0.00"}},{"$f":"IF(N190=\"zníž. prenesená\",J190,0)","v":{"v":0,"d":"0.00"}},{"$f":"IF(N190=\"nulová\",J190,0)","v":{"v":0,"d":"0.00"}},"2",{"$f":"ROUND(I190*H190,2)","v":{"v":0,"d":"0.00"}},"4","64"]
[null,null,"33","K","430361212","Vystuženie konštr. schodísk B oc. 10 425","t",{"v":0.06,"d":"0.060"},null,{"$f":"ROUND(I191*H191,2)","v":{"v":0,"d":"0.00"}},null,null,"","znížená",null,{"$f":"O191*H191","v":{"v":0,"d":"0.00000"}},1.06913,{"$f":"Q191*H191","v":{"v":0.06414779999999999,"d":"0.06415"}},{"v":0,"d":"0.00000"},{"$f":"S191*H191","v":{"v":0,"d":"0.00000"}},{"$nulls":23},"4",null,"K","2",{"$nulls":3},"ROZPOCET",{"$nulls":5},{"$f":"IF(N191=\"základná\",J191,0)","v":{"v":0,"d":"0.00"}},{"$f":"IF(N191=\"znížená\",J191,0)","v":{"v":0,"d":"0.00"}},{"$f":"IF(N191=\"zákl. prenesená\",J191,0)","v":{"v":0,"d":"0.00"}},{"$f":"IF(N191=\"zníž. prenesená\",J191,0)","v":{"v":0,"d":"0.00"}},{"$f":"IF(N191=\"nulová\",J191,0)","v":{"v":0,"d":"0.00"}},"2",{"$f":"ROUND(I191*H191,2)","v":{"v":0,"d":"0.00"}},"4","66"]
[null,null,"34","K","451577121","Podkladná a výplňová vrstva z kameniva drveného hr. do 200 mm","m2",{"v":75.91,"d":"75.910"},null,{"$f":"ROUND(I192*H192,2)","v":{"v":0,"d":"0.00"}},null,null,"","znížená",null,{"$f":"O192*H192","v":{"v":0,"d":"0.00000"}},{"v":0.4,"d":"0.40000"},{"$f":"Q192*H192","v":{"v":30.364,"d":"30.36400"}},{"v":0,"d":"0.00000"},{"$f":"S192*H192","v":{"v":0,"d":"0.00000"}},{"$nulls":23},"4",null,"K","2",{"$nulls":3},"ROZPOCET",{"$nulls":5},{"$f":"IF(N192=\"základná\",J192,0)","v":{"v":0,"d":"0.00"}},{"$f":"IF(N192=\"znížená\",J192,0)","v":{"v":0,"d":"0.00"}},{"$f":"IF(N192=\"zákl. prenesená\",J192,0)","v":{"v":0,"d":"0.00"}},{"$f":"IF(N192=\"zníž. prenesená\",J192,0)","v":{"v":0,"d":"0.00"}},{"$f":"IF(N192=\"nulová\",J192,0)","v":{"v":0,"d":"0.00"}},"2",{"$f":"ROUND(I192*H192,2)","v":{"v":0,"d":"0.00"}},"4","68"]
[{"$nulls":3},"D","5","KOMUNIKÁCIE",{"$nulls":3},{"$f":"BK193","v":{"v":0,"d":"0.00"}},{"$nulls":5},{"$f":"SUM(P194:P201)","v":{"v":0,"d":"0.00000"}},null,{"$f":"SUM(R194:R201)","v":{"v":80.047701,"d":"80.04770"}},null,{"$f":"SUM(T194:T201)","v":{"v":0,"d":"0.00000"}},{"$nulls":23},"1",null,"D","1",{"$nulls":3},"ROZPOCET",{"$nulls":11},{"$f":"SUM(BK194:BK201)","v":{"v":0,"d":"0.00"}}]
[null,null,"35","K","564201111","Podklad zo štrkopiesku hr. 40 mm","m2",{"v":73,"d":"73.000"},null,{"$f":"ROUND(I194*H194,2)","v":{"v":0,"d":"0.00"}},null,null,"","znížená",null,{"$f":"O194*H194","v":{"v":0,"d":"0.00000"}},0.08096,{"$f":"Q194*H194","v":{"v":5.910080000000001,"d":"5.91008"}},{"v":0,"d":"0.00000"},{"$f":"S194*H194","v":{"v":0,"d":"0.00000"}},{"$nulls":23},"4",null,"K","2",{"$nulls":3},"ROZPOCET",{"$nulls":5},{"$f":"IF(N194=\"základná\",J194,0)","v":{"v":0,"d":"0.00"}},{"$f":"IF(N194=\"znížená\",J194,0)","v":{"v":0,"d":"0.00"}},{"$f":"IF(N194=\"zákl. prenesená\",J194,0)","v":{"v":0,"d":"0.00"}},{"$f":"IF(N194=\"zníž. prenesená\",J194,0)","v":{"v":0,"d":"0.00"}},{"$f":"IF(N194=\"nulová\",J194,0)","v":{"v":0,"d":"0.00"}},"2",{"$f":"ROUND(I194*H194,2)","v":{"v":0,"d":"0.00"}},"4","70"]
[null,null,"36","K","564831111","Podklad zo štrkodrte hr. 100 mm","m2",{"v":109.3,"d":"109.300"},null,{"$f":"ROUND(I195*H195,2)","v":{"v":0,"d":"0.00"}},null,null,"","znížená",null,{"$f":"O195*H195","v":{"v":0,"d":"0.00000"}},0.18907,{"$f":"Q195*H195","v":{"v":20.665350999999998,"d":"20.66535"}},{"v":0,"d":"0.00000"},{"$f":"S195*H195","v":{"v":0,"d":"0.00000"}},{"$nulls":23},"4",null,"K","2",{"$nulls":3},"ROZPOCET",{"$nulls":5},{"$f":"IF(N195=\"základná\",J195,0)","v":{"v":0,"d":"0.00"}},{"$f":"IF(N195=\"znížená\",J195,0)","v":{"v":0,"d":"0.00"}},{"$f":"IF(N195=\"zákl. prenesená\",J195,0)","v":{"v":0,"d":"0.00"}},{"$f":"IF(N195=\"zníž. prenesená\",J195,0)","v":{"v":0,"d":"0.00"}},{"$f":"IF(N195=\"nulová\",J195,0)","v":{"v":0,"d":"0.00"}},"2",{"$f":"ROUND(I195*H195,2)","v":{"v":0,"d":"0.00"}},"4","72"]
[{"$nulls":3},"P",null,"Poznámka k položke:\r\npodklad pod dlažbu = 73m2\r\npodklad pod asfalt = 9m2\r\npodklad pod gabión = 25,3m2\r\ncelkovo . 73+9+25,3 = 109,3m2",{"$nulls":39},"P","2"]
[null,null,"37","K","567133115","Podklad z kameniva spevn. cementom CBGM, hr. 200 mm","m2",{"v":73,"d":"73.000"},null,{"$f":"ROUND(I197*H197,2)","v":{"v":0,"d":"0.00"}},null,null,"","znížená",null,{"$f":"O197*H197","v":{"v":0,"d":"0.00000"}},0.50306,{"$f":"Q197*H197","v":36.72338},{"v":0,"d":"0.00000"},{"$f":"S197*H197","v":{"v":0,"d":"0.00000"}},{"$nulls":23},"4",null,"K","2",{"$nulls":3},"ROZPOCET",{"$nulls":5},{"$f":"IF(N197=\"základná\",J197,0)","v":{"v":0,"d":"0.00"}},{"$f":"IF(N197=\"znížená\",J197,0)","v":{"v":0,"d":"0.00"}},{"$f":"IF(N197=\"zákl. prenesená\",J197,0)","v":{"v":0,"d":"0.00"}},{"$f":"IF(N197=\"zníž. prenesená\",J197,0)","v":{"v":0,"d":"0.00"}},{"$f":"IF(N197=\"nulová\",J197,0)","v":{"v":0,"d":"0.00"}},"2",{"$f":"ROUND(I197*H197,2)","v":{"v":0,"d":"0.00"}},"4","74"]
[null,null,"38","K","573211111","Postrek živičný spojovací z cestného asfaltu 0,5-0,7 kg/m2","m2",{"v":9,"d":"9.000"},null,{"$f":"ROUND(I198*H198,2)","v":{"v":0,"d":"0.00"}},null,null,"","znížená",null,{"$f":"O198*H198","v":{"v":0,"d":"0.00000"}},0.00061,{"$f":"Q198*H198","v":0.00549},{"v":0,"d":"0.00000"},{"$f":"S198*H198","v":{"v":0,"d":"0.00000"}},{"$nulls":23},"4",null,"K","2",{"$nulls":3},"ROZPOCET",{"$nulls":5},{"$f":"IF(N198=\"základná\",J198,0)","v":{"v":0,"d":"0.00"}},{"$f":"IF(N198=\"znížená\",J198,0)","v":{"v":0,"d":"0.00"}},{"$f":"IF(N198=\"zákl. prenesená\",J198,0)","v":{"v":0,"d":"0.00"}},{"$f":"IF(N198=\"zníž. prenesená\",J198,0)","v":{"v":0,"d":"0.00"}},{"$f":"IF(N198=\"nulová\",J198,0)","v":{"v":0,"d":"0.00"}},"2",{"$f":"ROUND(I198*H198,2)","v":{"v":0,"d":"0.00"}},"4","76"]
[null,null,"39","K","577141122","Asfaltobetón š. do 3 m, hr. 50 mm","m2",{"v":9,"d":"9.000"},null,{"$f":"ROUND(I199*H199,2)","v":{"v":0,"d":"0.00"}},null,null,"","znížená",null,{"$f":"O199*H199","v":{"v":0,"d":"0.00000"}},{"v":0.1246,"d":"0.12460"},{"$f":"Q199*H199","v":{"v":1.1214,"d":"1.12140"}},{"v":0,"d":"0.00000"},{"$f":"S199*H199","v":{"v":0,"d":"0.00000"}},{"$nulls":23},"4",null,"K","2",{"$nulls":3},"ROZPOCET",{"$nulls":5},{"$f":"IF(N199=\"základná\",J199,0)","v":{"v":0,"d":"0.00"}},{"$f":"IF(N199=\"znížená\",J199,0)","v":{"v":0,"d":"0.00"}},{"$f":"IF(N199=\"zákl. prenesená\",J199,0)","v":{"v":0,"d":"0.00"}},{"$f":"IF(N199=\"zníž. prenesená\",J199,0)","v":{"v":0,"d":"0.00"}},{"$f":"IF(N199=\"nulová\",J199,0)","v":{"v":0,"d":"0.00"}},"2",{"$f":"ROUND(I199*H199,2)","v":{"v":0,"d":"0.00"}},"4","78"]
[null,null,"40","K","596211111","Kladenie dlažby pre chodcov hr. 60 mm  50-100 m2","m2",{"v":73,"d":"73.000"},null,{"$f":"ROUND(I200*H200,2)","v":{"v":0,"d":"0.00"}},null,null,"","znížená",null,{"$f":"O200*H200","v":{"v":0,"d":"0.00000"}},{"v":0.074,"d":"0.07400"},{"$f":"Q200*H200","v":{"v":5.402,"d":"5.40200"}},{"v":0,"d":"0.00000"},{"$f":"S200*H200","v":{"v":0,"d":"0.00000"}},{"$nulls":23},"4",null,"K","2",{"$nulls":3},"ROZPOCET",{"$nulls":5},{"$f":"IF(N200=\"základná\",J200,0)","v":{"v":0,"d":"0.00"}},{"$f":"IF(N200=\"znížená\",J200,0)","v":{"v":0,"d":"0.00"}},{"$f":"IF(N200=\"zákl. prenesená\",J200,0)","v":{"v":0,"d":"0.00"}},{"$f":"IF(N200=\"zníž. prenesená\",J200,0)","v":{"v":0,"d":"0.00"}},{"$f":"IF(N200=\"nulová\",J200,0)","v":{"v":0,"d":"0.00"}},"2",{"$f":"ROUND(I200*H200,2)","v":{"v":0,"d":"0.00"}},"4","80"]
[null,null,"41","M","592450010","Dlažba hr. 60 mm","m2",{"v":73,"d":"73.000"},null,{"$f":"ROUND(I201*H201,2)","v":{"v":0,"d":"0.00"}},null,null,"","znížená",null,{"$f":"O201*H201","v":{"v":0,"d":"0.00000"}},{"v":0.14,"d":"0.14000"},{"$f":"Q201*H201","v":{"v":10.22,"d":"10.22000"}},{"v":0,"d":"0.00000"},{"$f":"S201*H201","v":{"v":0,"d":"0.00000"}},{"$nulls":23},"8",null,"M","2",{"$nulls":3},"ROZPOCET",{"$nulls":5},{"$f":"IF(N201=\"základná\",J201,0)","v":{"v":0,"d":"0.00"}},{"$f":"IF(N201=\"znížená\",J201,0)","v":{"v":0,"d":"0.00"}},{"$f":"IF(N201=\"zákl. prenesená\",J201,0)","v":{"v":0,"d":"0.00"}},{"$f":"IF(N201=\"zníž. prenesená\",J201,0)","v":{"v":0,"d":"0.00"}},{"$f":"IF(N201=\"nulová\",J201,0)","v":{"v":0,"d":"0.00"}},"2",{"$f":"ROUND(I201*H201,2)","v":{"v":0,"d":"0.00"}},"4","82"]
[{"$nulls":3},"D","9","OSTATNÉ KONŠTRUKCIE A PRÁCE",{"$nulls":3},{"$f":"BK202","v":{"v":0,"d":"0.00"}},{"$nulls":5},{"$f":"SUM(P203:P217)","v":{"v":0,"d":"0.00000"}},null,{"$f":"SUM(R203:R217)","v":{"v":19.1875186,"d":"19.18752"}},null,{"$f":"SUM(T203:T217)","v":{"v":0.22787999999999997,"d":"0.22788"}},{"$nulls":23},"1",null,"D","1",{"$nulls":3},"ROZPOCET",{"$nulls":11},{"$f":"SUM(BK203:BK217)","v":{"v":0,"d":"0.00"}}]
[null,null,"42","K","914001111","Osadenie zvislých cestných dopravných značiek na stĺpiky, konzoly alebo objekty","kus",{"v":1,"d":"1.000"},null,{"$f":"ROUND(I203*H203,2)","v":{"v":0,"d":"0.00"}},null,null,"","znížená",null,{"$f":"O203*H203","v":{"v":0,"d":"0.00000"}},{"v":0.2457,"d":"0.24570"},{"$f":"Q203*H203","v":{"v":0.2457,"d":"0.24570"}},{"v":0,"d":"0.00000"},{"$f":"S203*H203","v":{"v":0,"d":"0.00000"}},{"$nulls":23},"4",null,"K","2",{"$nulls":3},"ROZPOCET",{"$nulls":5},{"$f":"IF(N203=\"základná\",J203,0)","v":{"v":0,"d":"0.00"}},{"$f":"IF(N203=\"znížená\",J203,0)","v":{"v":0,"d":"0.00"}},{"$f":"IF(N203=\"zákl. prenesená\",J203,0)","v":{"v":0,"d":"0.00"}},{"$f":"IF(N203=\"zníž. prenesená\",J203,0)","v":{"v":0,"d":"0.00"}},{"$f":"IF(N203=\"nulová\",J203,0)","v":{"v":0,"d":"0.00"}},"2",{"$f":"ROUND(I203*H203,2)","v":{"v":0,"d":"0.00"}},"4","84"]
[null,null,"43","K","914511111","Montáž stĺpika dopravných značiek dĺžky do 3,5 m s betónovým základom","kus",{"v":1,"d":"1.000"},null,{"v":0,"d":"0.00"},null,null,"","znížená",null,{"v":0,"d":"0.00000"},0.10941,0.10941,{"v":0,"d":"0.00000"},{"v":0,"d":"0.00000"},{"$nulls":23},"4",null,"K","2",{"$nulls":3},"ROZPOCET",{"$nulls":5},{"v":0,"d":"0.00"},{"v":0,"d":"0.00"},{"v":0,"d":"0.00"},{"v":0,"d":"0.00"},{"v":0,"d":"0.00"},"2",{"v":0,"d":"0.00"},"4","86"]
[null,null,"44","M","404137140","Upínacia svorka na stĺpik US 60","kus",{"v":2,"d":"2.000"},null,{"v":0,"d":"0.00"},null,null,"","znížená",null,{"v":0,"d":"0.00000"},{"v":3.5E-4,"d":"0.00035"},{"v":0.0007,"d":"0.00070"},{"v":0,"d":"0.00000"},{"v":0,"d":"0.00000"},{"$nulls":23},"8",null,"M","2",{"$nulls":3},"ROZPOCET",{"$nulls":5},{"v":0,"d":"0.00"},{"v":0,"d":"0.00"},{"v":0,"d":"0.00"},{"v":0,"d":"0.00"},{"v":0,"d":"0.00"},"2",{"v":0,"d":"0.00"},"4","88"]
[null,null,"45","M","404421126","Značka dopravná 302, 303, 304 Zn plech reflex. tr. 1 lis. okraj 600x600 mm","kus",{"v":1,"d":"1.000"},null,{"v":0,"d":"0.00"},null,null,"","znížená",null,{"v":0,"d":"0.00000"},{"v":0.0045,"d":"0.00450"},{"v":0.0045,"d":"0.00450"},{"v":0,"d":"0.00000"},{"v":0,"d":"0.00000"},{"$nulls":23},"8",null,"M","2",{"$nulls":3},"ROZPOCET",{"$nulls":5},{"v":0,"d":"0.00"},{"v":0,"d":"0.00"},{"v":0,"d":"0.00"},{"v":0,"d":"0.00"},{"v":0,"d":"0.00"},"2",{"v":0,"d":"0.00"},"4","90"]
[null,null,"46","M","404459600","Stĺpik Fe 60/3 s povrchovou úpravou","m",{"v":3.5,"d":"3.500"},null,{"v":0,"d":"0.00"},null,null,"","znížená",null,{"v":0,"d":"0.00000"},{"v":2E-3,"d":"0.00200"},{"v":0.007,"d":"0.00700"},{"v":0,"d":"0.00000"},{"v":0,"d":"0.00000"},{"$nulls":23},"8",null,"M","2",{"$nulls":3},"ROZPOCET",{"$nulls":5},{"v":0,"d":"0.00"},{"v":0,"d":"0.00"},{"v":0,"d":"0.00"},{"v":0,"d":"0.00"},{"v":0,"d":"0.00"},"2",{"v":0,"d":"0.00"},"4","92"]
[null,null,"47","K","917862111","Osad. chodník. obrubníka betón. stojatého s oporou do lôžka z betónu tr. C 12/15","m",{"v":64,"d":"64.000"},null,{"v":0,"d":"0.00"},null,null,"","znížená",null,{"v":0,"d":"0.00000"},0.13553,8.67392,{"v":0,"d":"0.00000"},{"v":0,"d":"0.00000"},{"$nulls":23},"4",null,"K","2",{"$nulls":3},"ROZPOCET",{"$nulls":5},{"v":0,"d":"0.00"},{"v":0,"d":"0.00"},{"v":0,"d":"0.00"},{"v":0,"d":"0.00"},{"v":0,"d":"0.00"},"2",{"v":0,"d":"0.00"},"4","94"]
[null,null,"48","M","592174320","Obrubník chodníkový 1000x100x300mm","kus",{"v":64,"d":"64.000"},null,{"v":0,"d":"0.00"},null,null,"","znížená",null,{"v":0,"d":"0.00000"},{"v":0.064,"d":"0.06400"},{"v":4.096,"d":"4.09600"},{"v":0,"d":"0.00000"},{"v":0,"d":"0.00000"},{"$nulls":23},"8",null,"M","2",{"$nulls":3},"ROZPOCET",{"$nulls":5},{"v":0,"d":"0.00"},{"v":0,"d":"0.00"},{"v":0,"d":"0.00"},{"v":0,"d":"0.00"},{"v":0,"d":"0.00"},"2",{"v":0,"d":"0.00"},"4","96"]
[null,null,"49","K","918101111","Lôžko pod obrubníky, krajníky, obruby z betónu tr. C 12/15","m3",{"v":2.56,"d":"2.560"},null,{"v":0,"d":"0.00"},null,null,"","znížená",null,{"v":0,"d":"0.00000"},2.36285,{"v":6.048896,"d":"6.04890"},{"v":0,"d":"0.00000"},{"v":0,"d":"0.00000"},{"$nulls":23},"4",null,"K","2",{"$nulls":3},"ROZPOCET",{"$nulls":5},{"v":0,"d":"0.00"},{"v":0,"d":"0.00"},{"v":0,"d":"0.00"},{"v":0,"d":"0.00"},{"v":0,"d":"0.00"},"2",{"v":0,"d":"0.00"},"4","98"]
[null,null,"50","K","966075141","Odstránenie rôznych konštrukcií na mostoch, kovové zábradlie vcelku","m",{"v":12.66,"d":"12.660"},null,{"v":0,"d":"0.00"},null,null,"","znížená",null,{"v":0,"d":"0.00000"},{"v":1.1E-4,"d":"0.00011"},{"v":1.3926000000000001E-3,"d":"0.00139"},{"v":0.018,"d":"0.01800"},{"v":0.22787999999999997,"d":"0.22788"},{"$nulls":23},"4",null,"K","2",{"$nulls":3},"ROZPOCET",{"$nulls":5},{"v":0,"d":"0.00"},{"v":0,"d":"0.00"},{"v":0,"d":"0.00"},{"v":0,"d":"0.00"},{"v":0,"d":"0.00"},"2",{"v":0,"d":"0.00"},"4","100"]
[null,null,"51","K","979082213","Vodorovná doprava sute po suchu do 1 km","t",5.775,null,{"v":0,"d":"0.00"},null,null,"","znížená",null,{"v":0,"d":"0.00000"},{"v":0,"d":"0.00000"},{"v":0,"d":"0.00000"},{"v":0,"d":"0.00000"},{"v":0,"d":"0.00000"},{"$nulls":23},"4",null,"K","2",{"$nulls":3},"ROZPOCET",{"$nulls":5},{"v":0,"d":"0.00"},{"v":0,"d":"0.00"},{"v":0,"d":"0.00"},{"v":0,"d":"0.00"},{"v":0,"d":"0.00"},"2",{"v":0,"d":"0.00"},"4","102"]
[null,null,"52","K","979082219","Príplatok za každý ďalší 1 km sute","t",51.975,null,{"v":0,"d":"0.00"},null,null,"","znížená",null,{"v":0,"d":"0.00000"},{"v":0,"d":"0.00000"},{"v":0,"d":"0.00000"},{"v":0,"d":"0.00000"},{"v":0,"d":"0.00000"},{"$nulls":23},"4",null,"K","2",{"$nulls":3},"ROZPOCET",{"$nulls":5},{"v":0,"d":"0.00"},{"v":0,"d":"0.00"},{"v":0,"d":"0.00"},{"v":0,"d":"0.00"},{"v":0,"d":"0.00"},"2",{"v":0,"d":"0.00"},"4","104"]
[null,null,"53","K","979087212","Nakladanie sute na dopravný prostriedok","t",5.775,null,{"v":0,"d":"0.00"},null,null,"","znížená",null,{"v":0,"d":"0.00000"},{"v":0,"d":"0.00000"},{"v":0,"d":"0.00000"},{"v":0,"d":"0.00000"},{"v":0,"d":"0.00000"},{"$nulls":23},"4",null,"K","2",{"$nulls":3},"ROZPOCET",{"$nulls":5},{"v":0,"d":"0.00"},{"v":0,"d":"0.00"},{"v":0,"d":"0.00"},{"v":0,"d":"0.00"},{"v":0,"d":"0.00"},"2",{"v":0,"d":"0.00"},"4","106"]
[null,null,"54","K","979131409","Poplatok za ulož.a znešk.staveb.sute na vymedzených skládkach \"O\"-ostatný odpad","t",5.775,null,{"v":0,"d":"0.00"},null,null,"","znížená",null,{"v":0,"d":"0.00000"},{"v":0,"d":"0.00000"},{"v":0,"d":"0.00000"},{"v":0,"d":"0.00000"},{"v":0,"d":"0.00000"},{"$nulls":23},"4",null,"K","2",{"$nulls":3},"ROZPOCET",{"$nulls":5},{"v":0,"d":"0.00"},{"v":0,"d":"0.00"},{"v":0,"d":"0.00"},{"v":0,"d":"0.00"},{"v":0,"d":"0.00"},"2",{"v":0,"d":"0.00"},"4","108"]
[null,null,"55","K","979131415","Poplatok za uloženie vykopanej zeminy","m3",{"v":87.21,"d":"87.210"},null,{"v":0,"d":"0.00"},null,null,"","znížená",null,{"v":0,"d":"0.00000"},{"v":0,"d":"0.00000"},{"v":0,"d":"0.00000"},{"v":0,"d":"0.00000"},{"v":0,"d":"0.00000"},{"$nulls":23},"4",null,"K","2",{"$nulls":3},"ROZPOCET",{"$nulls":5},{"v":0,"d":"0.00"},{"v":0,"d":"0.00"},{"v":0,"d":"0.00"},{"v":0,"d":"0.00"},{"v":0,"d":"0.00"},"2",{"v":0,"d":"0.00"},"4","110"]
[null,null,"56","K","998223011","Presun hmôt pre pozemné komunikácie, kryt dláždený","t",372.976,null,{"v":0,"d":"0.00"},null,null,"","znížená",null,{"v":0,"d":"0.00000"},{"v":0,"d":"0.00000"},{"v":0,"d":"0.00000"},{"v":0,"d":"0.00000"},{"v":0,"d":"0.00000"},{"$nulls":23},"4",null,"K","2",{"$nulls":3},"ROZPOCET",{"$nulls":5},{"v":0,"d":"0.00"},{"v":0,"d":"0.00"},{"v":0,"d":"0.00"},{"v":0,"d":"0.00"},{"v":0,"d":"0.00"},"2",{"v":0,"d":"0.00"},"4","112"]
[{"$nulls":3},"D","D2","PRÁCE A DODÁVKY PSV",{"$nulls":3},{"$f":"BK218","v":{"v":0,"d":"0.00"}},{"$nulls":5},{"$f":"P219+P223","v":{"v":0,"d":"0.00000"}},null,{"$f":"R219+R223","v":{"v":0.758652,"d":"0.75865"}},null,{"$f":"T219+T223","v":{"v":0,"d":"0.00000"}},{"$nulls":23},"1",null,"D","0",{"$nulls":3},"ROZPOCET",{"$nulls":11},{"$f":"BK219+BK223","v":{"v":0,"d":"0.00"}}]
[{"$nulls":3},"D","767","Konštrukcie doplnk. kovové stavebné",{"$nulls":3},{"$f":"BK219","v":{"v":0,"d":"0.00"}},{"$nulls":5},{"$f":"SUM(P220:P222)","v":{"v":0,"d":"0.00000"}},null,{"$f":"SUM(R220:R222)","v":0.75558},null,{"$f":"SUM(T220:T222)","v":{"v":0,"d":"0.00000"}},{"$nulls":23},"2",null,"D","1",{"$nulls":3},"ROZPOCET",{"$nulls":11},{"$f":"SUM(BK220:BK222)","v":{"v":0,"d":"0.00"}}]
[null,null,"57","K","767995108","Montáž atypických stavebných doplnk. konštrukcií nad 500 kg","kg",{"v":719.6,"d":"719.600"},null,{"$f":"ROUND(I220*H220,2)","v":{"v":0,"d":"0.00"}},null,null,"","znížená",null,{"$f":"O220*H220","v":{"v":0,"d":"0.00000"}},{"v":5e-05,"d":"0.00005"},{"$f":"Q220*H220","v":{"v":0.035980000000000005,"d":"0.03598"}},{"v":0,"d":"0.00000"},{"$f":"S220*H220","v":{"v":0,"d":"0.00000"}},{"$nulls":23},"16",null,"K","2",{"$nulls":3},"ROZPOCET",{"$nulls":5},{"$f":"IF(N220=\"základná\",J220,0)","v":{"v":0,"d":"0.00"}},{"$f":"IF(N220=\"znížená\",J220,0)","v":{"v":0,"d":"0.00"}},{"$f":"IF(N220=\"zákl. prenesená\",J220,0)","v":{"v":0,"d":"0.00"}},{"$f":"IF(N220=\"zníž. prenesená\",J220,0)","v":{"v":0,"d":"0.00"}},{"$f":"IF(N220=\"nulová\",J220,0)","v":{"v":0,"d":"0.00"}},"2",{"$f":"ROUND(I220*H220,2)","v":{"v":0,"d":"0.00"}},"16","114"]
[{"$nulls":3},"P",null,"Poznámka k položke:\r\nschodisko zábradlie:\r\nstĺpiky - 7 kusov, dĺžka 1,5m, tyč priemeru 40mm (hmotnosť 2,57kg/m)\r\n(7*1,5*2*2,57) = 53,97kg\r\nmadlo - dĺžka 5,5m, tyč priemeru 40mm (hmotnosť 2,57kg/m)\r\n(5,5*2*2*2,57m) = 56,54kg\r\nschodisko celkovo : 53,97+56,54 = 110,51kg\r\noporný múr zábradlie:\r\nstĺpiky - 46 kusov, dĺžka 1,5m, tyč priemeru 40mm (hmotnosť 2,57kg/m)\r\n(46*1,5*2,57) = 177,33kg\r\nmadlo - dĺžka 56m, tyč priemeru 40mm (hmotnosť 2,57kg/m)\r\n(56*3*2,57m) = 431,76kg\r\noporný múr celkovo : 177,33+431,76 = 609,09kg\r\noceľové konštrukcie celkovo: 110,51 + 609,09 = 719,6kg",{"$nulls":39},"P","2"]
[null,null,"58","M","553000010","Oceľové konštrukcie - predbežná cena","kg",{"v":719.6,"d":"719.600"},null,{"$f":"ROUND(I222*H222,2)","v":{"v":0,"d":"0.00"}},null,null,"","znížená",null,{"$f":"O222*H222","v":{"v":0,"d":"0.00000"}},{"v":1E-3,"d":"0.00100"},{"$f":"Q222*H222","v":{"v":0.7196,"d":"0.71960"}},{"v":0,"d":"0.00000"},{"$f":"S222*H222","v":{"v":0,"d":"0.00000"}},{"$nulls":23},"32",null,"M","2",{"$nulls":3},"ROZPOCET",{"$nulls":5},{"$f":"IF(N222=\"základná\",J222,0)","v":{"v":0,"d":"0.00"}},{"$f":"IF(N222=\"znížená\",J222,0)","v":{"v":0,"d":"0.00"}},{"$f":"IF(N222=\"zákl. prenesená\",J222,0)","v":{"v":0,"d":"0.00"}},{"$f":"IF(N222=\"zníž. prenesená\",J222,0)","v":{"v":0,"d":"0.00"}},{"$f":"IF(N222=\"nulová\",J222,0)","v":{"v":0,"d":"0.00"}},"2",{"$f":"ROUND(I222*H222,2)","v":{"v":0,"d":"0.00"}},"16","116"]
[{"$nulls":3},"D","783","Nátery",{"$nulls":3},{"$f":"BK223","v":{"v":0,"d":"0.00"}},{"$nulls":5},{"$f":"SUM(P224:P226)","v":{"v":0,"d":"0.00000"}},null,{"$f":"SUM(R224:R226)","v":{"v":3.0720000000000005E-3,"d":"0.00307"}},null,{"$f":"SUM(T224:T226)","v":{"v":0,"d":"0.00000"}},{"$nulls":23},"2",null,"D","1",{"$nulls":3},"ROZPOCET",{"$nulls":11},{"$f":"SUM(BK224:BK226)","v":{"v":0,"d":"0.00"}}]
[null,null,"59","K","783222100","Nátery kov. stav. doplnk. konštr. syntet. dvojnásobné","m2",{"v":12.8,"d":"12.800"},null,{"$f":"ROUND(I224*H224,2)","v":{"v":0,"d":"0.00"}},null,null,"","znížená",null,{"$f":"O224*H224","v":{"v":0,"d":"0.00000"}},0.00016,{"$f":"Q224*H224","v":{"v":2.0480000000000003E-3,"d":"0.00205"}},{"v":0,"d":"0.00000"},{"$f":"S224*H224","v":{"v":0,"d":"0.00000"}},{"$nulls":23},"16",null,"K","2",{"$nulls":3},"ROZPOCET",{"$nulls":5},{"$f":"IF(N224=\"základná\",J224,0)","v":{"v":0,"d":"0.00"}},{"$f":"IF(N224=\"znížená\",J224,0)","v":{"v":0,"d":"0.00"}},{"$f":"IF(N224=\"zákl. prenesená\",J224,0)","v":{"v":0,"d":"0.00"}},{"$f":"IF(N224=\"zníž. prenesená\",J224,0)","v":{"v":0,"d":"0.00"}},{"$f":"IF(N224=\"nulová\",J224,0)","v":{"v":0,"d":"0.00"}},"2",{"$f":"ROUND(I224*H224,2)","v":{"v":0,"d":"0.00"}},"16","118"]
[{"$nulls":3},"P",null,"Poznámka k položke:\r\nzábradlie schodisko : 0,05*37,4 = 1,87m2\r\nzábradlie oporný múr : 0,05*218,6 = 10,93m2\r\ncelkovo : 1,87+10,93 = 12,8m2",{"$nulls":39},"P","2"]
[null,null,"60","K","783226100","Nátery kov. stav. doplnk. konštr. syntet. základné","m2",{"v":12.8,"d":"12.800"},null,{"$f":"ROUND(I226*H226,2)","v":{"v":0,"d":"0.00"}},null,null,"","znížená",null,{"$f":"O226*H226","v":{"v":0,"d":"0.00000"}},{"v":8e-05,"d":"0.00008"},{"$f":"Q226*H226","v":{"v":1.0240000000000002E-3,"d":"0.00102"}},{"v":0,"d":"0.00000"},{"$f":"S226*H226","v":{"v":0,"d":"0.00000"}},{"$nulls":23},"16",null,"K","2",{"$nulls":3},"ROZPOCET",{"$nulls":5},{"$f":"IF(N226=\"základná\",J226,0)","v":{"v":0,"d":"0.00"}},{"$f":"IF(N226=\"znížená\",J226,0)","v":{"v":0,"d":"0.00"}},{"$f":"IF(N226=\"zákl. prenesená\",J226,0)","v":{"v":0,"d":"0.00"}},{"$f":"IF(N226=\"zníž. prenesená\",J226,0)","v":{"v":0,"d":"0.00"}},{"$f":"IF(N226=\"nulová\",J226,0)","v":{"v":0,"d":"0.00"}},"2",{"$f":"ROUND(I226*H226,2)","v":{"v":0,"d":"0.00"}},"16","120"]
[{"$nulls":3},"D","D3","OSTATNÉ",{"$nulls":3},{"$f":"BK227","v":{"v":0,"d":"0.00"}},{"$nulls":5},{"$f":"P228","v":{"v":0,"d":"0.00000"}},null,{"$f":"R228","v":{"v":0,"d":"0.00000"}},null,{"$f":"T228","v":{"v":0,"d":"0.00000"}},{"$nulls":23},"1",null,"D","0",{"$nulls":3},"ROZPOCET",{"$nulls":11},{"$f":"BK228","v":{"v":0,"d":"0.00"}}]
[{"$nulls":3},"D","OST","vedľajšie rozpočtové náklady",{"$nulls":3},{"$f":"BK228","v":{"v":0,"d":"0.00"}},{"$nulls":5},{"$f":"P229","v":{"v":0,"d":"0.00000"}},null,{"$f":"R229","v":{"v":0,"d":"0.00000"}},null,{"$f":"T229","v":{"v":0,"d":"0.00000"}},{"$nulls":23},"4",null,"D","1",{"$nulls":3},"ROZPOCET",{"$nulls":11},{"$f":"BK229","v":{"v":0,"d":"0.00"}}]
[null,null,"61","K","003123","Geodetické práce po výstavbe","EUR",{"v":500,"d":"500.000"},null,{"$f":"ROUND(I229*H229,2)","v":{"v":0,"d":"0.00"}},null,null,"","znížená",null,{"$f":"O229*H229","v":{"v":0,"d":"0.00000"}},{"v":0,"d":"0.00000"},{"$f":"Q229*H229","v":{"v":0,"d":"0.00000"}},{"v":0,"d":"0.00000"},{"$f":"S229*H229","v":{"v":0,"d":"0.00000"}},{"$nulls":23},"262144",null,"K","2",{"$nulls":3},"ROZPOCET",{"$nulls":5},{"$f":"IF(N229=\"základná\",J229,0)","v":{"v":0,"d":"0.00"}},{"$f":"IF(N229=\"znížená\",J229,0)","v":{"v":0,"d":"0.00"}},{"$f":"IF(N229=\"zákl. prenesená\",J229,0)","v":{"v":0,"d":"0.00"}},{"$f":"IF(N229=\"zníž. prenesená\",J229,0)","v":{"v":0,"d":"0.00"}},{"$f":"IF(N229=\"nulová\",J229,0)","v":{"v":0,"d":"0.00"}},"2",{"$f":"ROUND(I229*H229,2)","v":{"v":0,"d":"0.00"}},"262144","122"]

{"sheet":"Časť 5 - Ukrajinská od mo...","index":3,"n_rows":238,"n_cols":65,"rows_kept":238,"merged":[[1,11,1,21],[6,4,6,7],[8,4,8,7],[10,4,10,7],[19,4,19,7],[28,4,28,7],[84,4,84,7],[86,4,86,7],[88,4,88,7],[113,3,113,5],[114,3,114,5],[115,3,115,5],[116,3,116,5],[117,3,117,5],[129,4,129,7],[131,4,131,7],[133,4,133,7]]}
[]
[{"$nulls":11},">>  skryté stĺpce  <<",{"$nulls":33},"{589de97d-d6d0-4898-a74a-c5dd4576b7b7}"]
[{"$nulls":45},"0"]
[{"$nulls":3},"KRYCÍ LIST ROZPOČTU",{"$nulls":8},"v ---  nižšie sa nachádzajú doplnkové a pomocné údaje k zostavám  --- v",{"$nulls":32},"False"]
[]
[{"$nulls":3},"Stavba:"]
[{"$nulls":4},{"$f":"'Rekapitulácia stavby'!K6","v":"Miestne komunikácie Krásna"}]
[{"$nulls":3},"Objekt:"]
[{"$nulls":4},"02 - Výstavba chodníkov na Ukrajinskej a Mozartovej ulici"]
[{"$nulls":3},"Časť:"]
[{"$nulls":4},"Časť 5 - Ukrajinská od mostu cez Hornád po Átrium"]
[]
[{"$nulls":3},"JKSO:",null," ",null,null,"ČS:",""]
[{"$nulls":3},"Miesto:",null,"Mestská časť Košice - Krásna",null,null,"Dátum:",{"$f":"'Rekapitulácia stavby'!AN8","v":"4. 3. 2026"}]
[]
[{"$nulls":3},"Objednávateľ:",{"$nulls":4},"IČO:",""]
[{"$nulls":4},"Mestská časť Košice - Krásna, Opátska18, Košice",{"$nulls":3},"IČ DPH:",""]
[]
[{"$nulls":3},"Zhotoviteľ:",{"$nulls":4},"IČO:",{"$f":"'Rekapitulácia stavby'!AN13","v":"Vyplň údaj"}]
[{"$nulls":4},{"$f":"'Rekapitulácia stavby'!E14","v":"Vyplň údaj"},{"$nulls":3},"IČ DPH:",{"$f":"'Rekapitulácia stavby'!AN14","v":"Vyplň údaj"}]
[]
[{"$nulls":3},"Projektant:",{"$nulls":4},"IČO:",{"$f":"IF('Rekapitulácia stavby'!AN16=\"\",\"\",'Rekapitulácia stavby'!AN16)","v":""}]
[{"$nulls":4},{"$f":"IF('Rekapitulácia stavby'!E17=\"\",\"\",'Rekapitulácia stavby'!E17)","v":" "},{"$nulls":3},"IČ DPH:",{"$f":"IF('Rekapitulácia stavby'!AN17=\"\",\"\",'Rekapitulácia stavby'!AN17)","v":""}]
[]
[{"$nulls":3},"Spracovateľ:",{"$nulls":4},"IČO:",{"$f":"IF('Rekapitulácia stavby'!AN19=\"\",\"\",'Rekapitulácia stavby'!AN19)","v":""}]
[{"$nulls":4},{"$f":"IF('Rekapitulácia stavby'!E20=\"\",\"\",'Rekapitulácia stavby'!E20)","v":" "},{"$nulls":3},"IČ DPH:",{"$f":"IF('Rekapitulácia stavby'!AN20=\"\",\"\",'Rekapitulácia stavby'!AN20)","v":""}]
[]
[{"$nulls":3},"Poznámka:"]
[{"$nulls":4},""]
[]
[]
[{"$nulls":3},"Náklady z rozpočtu",{"$nulls":5},{"$f":"J98","v":{"v":0,"d":"0.00"}}]
[{"$nulls":3},"Ostatné náklady",{"$nulls":5},{"$f":"J113","v":{"v":0,"d":"0.00"}}]
[{"$nulls":3},"Cena bez DPH",{"$nulls":5},{"$f":"ROUND(J32 + J33, 2)","v":{"v":0,"d":"0.00"}}]
[]
[{"$nulls":5},"Základ dane",null,null,"Sadzba dane","Výška dane"]
[{"$nulls":3},"DPH","základná",{"$f":"ROUND((SUM(BE113:BE120) + SUM(BE142:BE238)),  2)","v":{"v":0,"d":"0.00"}},null,null,{"v":0.23,"d":"23.00%"},{"$f":"ROUND(((SUM(BE113:BE120) + SUM(BE142:BE238))*I37),  2)","v":{"v":0,"d":"0.00"}}]
[{"$nulls":4},"znížená",{"$f":"ROUND((SUM(BF113:BF120) + SUM(BF142:BF238)),  2)","v":{"v":0,"d":"0.00"}},null,null,{"v":0.23,"d":"23.00%"},{"$f":"ROUND(((SUM(BF113:BF120) + SUM(BF142:BF238))*I38),  2)","v":{"v":0,"d":"0.00"}}]
[{"$nulls":4},"zákl. prenesená",{"$f":"ROUND((SUM(BG113:BG120) + SUM(BG142:BG238)),  2)","v":{"v":0,"d":"0.00"}},null,null,{"v":0.23,"d":"23.00%"},{"$f":"0","v":{"v":0,"d":"0.00"}}]
[{"$nulls":4},"zníž. prenesená",{"$f":"ROUND((SUM(BH113:BH120) + SUM(BH142:BH238)),  2)","v":{"v":0,"d":"0.00"}},null,null,{"v":0.23,"d":"23.00%"},{"$f":"0","v":{"v":0,"d":"0.00"}}]
[{"$nulls":4},"nulová",{"$f":"ROUND((SUM(BI113:BI120) + SUM(BI142:BI238)),  2)","v":{"v":0,"d":"0.00"}},null,null,{"v":0,"d":"0.00%"},{"$f":"0","v":{"v":0,"d":"0.00"}}]
[]
[{"$nulls":3},"Cena s DPH",null,null,"v","EUR",null,{"$f":"SUM(J34:J41)","v":{"v":0,"d":"0.00"}}]
[]
[]
[]
[]
[]
[]
[{"$nulls":3},"Projektant",null,null,"Spracovateľ"]
{"$rows_empty":10}
[{"$nulls":3},"Dátum a podpis:",null,"Pečiatka","Dátum a podpis:",null,null,"Pečiatka"]
[]
[]
[]
[{"$nulls":3},"Objednávateľ",null,null,"Zhotoviteľ"]
{"$rows_empty":10}
[{"$nulls":3},"Dátum a podpis:",null,"Pečiatka","Dátum a podpis:",null,null,"Pečiatka"]
[]
[]
[]
[]
[]
[null,null,"REKAPITULÁCIA ROZPOČTU"]
[]
[null,null,"Stavba:"]
[{"$nulls":4},{"$f":"E7","v":"Miestne komunikácie Krásna"}]
[null,null,"Objekt:"]
[{"$nulls":4},"02 - Výstavba chodníkov na Ukrajinskej a Mozartovej ulici"]
[null,null,"Časť:"]
[{"$nulls":4},{"$f":"E11","v":"Časť 5 - Ukrajinská od mostu cez Hornád po Átrium"}]
[]
[null,null,"Miesto:",null,null,{"$f":"F14","v":"Mestská časť Košice - Krásna"},null,null,"Dátum:",{"$f":"IF(J14=\"\",\"\",J14)","v":"4. 3. 2026"}]
[]
[null,null,"Objednávateľ:",null,null,{"$f":"E17","v":"Mestská časť Košice - Krásna, Opátska18, Košice"},null,null,"Projektant:",{"$f":"E23","v":" "}]
[null,null,"Zhotoviteľ:",null,null,{"$f":"IF(E20=\"\",\"\",E20)","v":"Vyplň údaj"},null,null,"Spracovateľ:",{"$f":"E26","v":" "}]
[]
[null,null,"Kód dielu - Popis",{"$nulls":6},"Cena celkom [EUR]"]
[]
[null,null,"1) Náklady z rozpočtu",{"$nulls":6},{"$f":"J142","v":{"v":0,"d":"0.00"}},{"$nulls":36},"-1"]
[{"$nulls":3},"D1 - PRÁCE A DODÁVKY HSV",{"$nulls":5},{"$f":"J143","v":{"v":0,"d":"0.00"}}]
[{"$nulls":3},"    1 - ZEMNE PRÁCE",{"$nulls":5},{"$f":"J144","v":{"v":0,"d":"0.00"}}]
[{"$nulls":3},"    2 - ZÁKLADY",{"$nulls":5},{"$f":"J169","v":{"v":0,"d":"0.00"}}]
[{"$nulls":3},"    3 - ZVISLÉ A KOMPLETNÉ KONŠTRUKCIE",{"$nulls":5},{"$f":"J183","v":{"v":0,"d":"0.00"}}]
[{"$nulls":3},"    4 - VODOROVNÉ KONŠTRUKCIE",{"$nulls":5},{"$f":"J189","v":{"v":0,"d":"0.00"}}]
[{"$nulls":3},"    5 - KOMUNIKÁCIE",{"$nulls":5},{"$f":"J193","v":{"v":0,"d":"0.00"}}]
[{"$nulls":3},"    9 - OSTATNÉ KONŠTRUKCIE A PRÁCE",{"$nulls":5},{"$f":"J206","v":{"v":0,"d":"0.00"}}]
[{"$nulls":3},"D2 - PRÁCE A DODÁVKY PSV",{"$nulls":5},{"$f":"J227","v":{"v":0,"d":"0.00"}}]
[{"$nulls":3},"    767 - Konštrukcie doplnk. kovové stavebné",{"$nulls":5},{"$f":"J228","v":{"v":0,"d":"0.00"}}]
[{"$nulls":3},"    783 - Nátery",{"$nulls":5},{"$f":"J232","v":{"v":0,"d":"0.00"}}]
[{"$nulls":3},"D3 - OSTATNÉ",{"$nulls":5},{"$f":"J236","v":{"v":0,"d":"0.00"}}]
[{"$nulls":3},"    OST - vedľajšie rozpočtové náklady",{"$nulls":5},{"$f":"J237","v":{"v":0,"d":"0.00"}}]
[]
[]
[null,null,"2) Ostatné náklady",{"$nulls":6},{"$f":"ROUND(J114 + J115 + J116 + J117 + J118 + J119,2)","v":{"v":0,"d":"0.00"}},{"$nulls":3},"DPH"]
[{"$nulls":3},"GZS",{"$nulls":5},{"v":0,"d":"0.00"},{"$nulls":3},"znížená",{"$nulls":36},"VRN",{"$nulls":5},{"$f":"IF(N114=\"základná\",J114,0)","v":{"v":0,"d":"0.00"}},{"$f":"IF(N114=\"znížená\",J114,0)","v":{"v":0,"d":"0.00"}},{"$f":"IF(N114=\"zákl. prenesená\",J114,0)","v":{"v":0,"d":"0.00"}},{"$f":"IF(N114=\"zníž. prenesená\",J114,0)","v":{"v":0,"d":"0.00"}},{"$f":"IF(N114=\"nulová\",J114,0)","v":{"v":0,"d":"0.00"}},"2"]
[{"$nulls":3},"Projektové práce",{"$nulls":5},{"v":0,"d":"0.00"},{"$nulls":3},"znížená",{"$nulls":36},"VRN",{"$nulls":5},{"v":0,"d":"0.00"},{"v":0,"d":"0.00"},{"v":0,"d":"0.00"},{"v":0,"d":"0.00"},{"v":0,"d":"0.00"},"2"]
[{"$nulls":3},"Sťažené podmienky",{"$nulls":5},{"v":0,"d":"0.00"},{"$nulls":3},"znížená",{"$nulls":36},"VRN",{"$nulls":5},{"v":0,"d":"0.00"},{"v":0,"d":"0.00"},{"v":0,"d":"0.00"},{"v":0,"d":"0.00"},{"v":0,"d":"0.00"},"2"]
[{"$nulls":3},"Vplyv prostredia",{"$nulls":5},{"v":0,"d":"0.00"},{"$nulls":3},"znížená",{"$nulls":36},"VRN",{"$nulls":5},{"v":0,"d":"0.00"},{"v":0,"d":"0.00"},{"v":0,"d":"0.00"},{"v":0,"d":"0.00"},{"v":0,"d":"0.00"},"2"]
[{"$nulls":3},"Iné VRN",{"$nulls":5},{"v":0,"d":"0.00"},{"$nulls":3},"znížená",{"$nulls":36},"VRN",{"$nulls":5},{"v":0,"d":"0.00"},{"v":0,"d":"0.00"},{"v":0,"d":"0.00"},{"v":0,"d":"0.00"},{"v":0,"d":"0.00"},"2"]
[{"$nulls":3},"Kompletačná činnosť",{"$nulls":5},{"$f":"ROUND(J32*T119,2)","v":{"v":0,"d":"0.00"}},{"$nulls":3},"znížená",{"$nulls":36},"KOMPLETACNA",{"$nulls":5},{"v":0,"d":"0.00"},{"v":0,"d":"0.00"},{"v":0,"d":"0.00"},{"v":0,"d":"0.00"},{"v":0,"d":"0.00"},"2"]
[]
[null,null,"Celkové náklady za stavbu 1) + 2)",{"$nulls":6},{"$f":"ROUND(J98+J113,2)","v":{"v":0,"d":"0.00"}}]
[]
[]
[]
[]
[]
[null,null,"ROZPOČET"]
[]
[null,null,"Stavba:"]
[{"$nulls":4},{"$f":"E7","v":"Miestne komunikácie Krásna"}]
[null,null,"Objekt:"]
[{"$nulls":4},"02 - Výstavba chodníkov na Ukrajinskej a Mozartovej ulici"]
[null,null,"Časť:"]
[{"$nulls":4},{"$f":"E11","v":"Časť 5 - Ukrajinská od mostu cez Hornád po Átrium"}]
[]
[null,null,"Miesto:",null,null,{"$f":"F14","v":"Mestská časť Košice - Krásna"},null,null,"Dátum:",{"$f":"IF(J14=\"\",\"\",J14)","v":"4. 3. 2026"}]
[]
[null,null,"Objednávateľ:",null,null,{"$f":"E17","v":"Mestská časť Košice - Krásna, Opátska18, Košice"},null,null,"Projektant:",{"$f":"E23","v":" "}]
[null,null,"Zhotoviteľ:",null,null,{"$f":"IF(E20=\"\",\"\",E20)","v":"Vyplň údaj"},null,null,"Spracovateľ:",{"$f":"E26","v":" "}]
[]
[null,null,"PČ","Typ","Kód","Popis","MJ","Množstvo","J.cena [EUR]","Cena celkom [EUR]","Cenová sústava",null,"","DPH","J. Nh [h]","Nh celkom [h]","J. hmotnosť [t]","Hmotnosť celkom [t]","J. suť [t]","Suť Celkom [t]"]
[null,null,"Náklady z rozpočtu",{"$nulls":6},{"$f":"BK142","v":{"v":0,"d":"0.00"}},{"$nulls":5},{"$f":"P143+P227+P236","v":{"v":0,"d":"0.00000"}},null,{"$f":"R143+R227+R236","v":{"v":362.10205042,"d":"362.10205"}},null,{"$f":"T143+T227+T236","v":8.66106},{"$nulls":25},"D","-1",{"$nulls":15},{"$f":"BK143+BK227+BK236","v":{"v":0,"d":"0.00"}}]
[{"$nulls":3},"D","D1","PRÁCE A DODÁVKY HSV",{"$nulls":3},{"$f":"BK143","v":{"v":0,"d":"0.00"}},{"$nulls":5},{"$f":"P144+P169+P183+P189+P193+P206","v":{"v":0,"d":"0.00000"}},null,{"$f":"R144+R169+R183+R189+R193+R206","v":{"v":361.43031547000004,"d":"361.43032"}},null,{"$f":"T144+T169+T183+T189+T193+T206","v":8.66106},{"$nulls":23},"1",null,"D","0",{"$nulls":3},"ROZPOCET",{"$nulls":11},{"$f":"BK144+BK169+BK183+BK189+BK193+BK206","v":{"v":0,"d":"0.00"}}]
[{"$nulls":3},"D","1","ZEMNE PRÁCE",{"$nulls":3},{"$f":"BK144","v":{"v":0,"d":"0.00"}},{"$nulls":5},{"$f":"SUM(P145:P168)","v":{"v":0,"d":"0.00000"}},null,{"$f":"SUM(R145:R168)","v":{"v":0.010716,"d":"0.01072"}},null,{"$f":"SUM(T145:T168)","v":8.50914},{"$nulls":23},"1",null,"D","1",{"$nulls":3},"ROZPOCET",{"$nulls":11},{"$f":"SUM(BK145:BK168)","v":{"v":0,"d":"0.00"}}]
[null,null,"1","K","120902113","Búranie betónu železového","m3",1.845,null,{"$f":"ROUND(I145*H145,2)","v":{"v":0,"d":"0.00"}},null,null,"","znížená",null,{"$f":"O145*H145","v":{"v":0,"d":"0.00000"}},{"v":0,"d":"0.00000"},{"$f":"Q145*H145","v":{"v":0,"d":"0.00000"}},{"v":4.612,"d":"4.61200"},{"$f":"S145*H145","v":8.50914},{"$nulls":23},"4",null,"K","2",{"$nulls":3},"ROZPOCET",{"$nulls":5},{"$f":"IF(N145=\"základná\",J145,0)","v":{"v":0,"d":"0.00"}},{"$f":"IF(N145=\"znížená\",J145,0)","v":{"v":0,"d":"0.00"}},{"$f":"IF(N145=\"zákl. prenesená\",J145,0)","v":{"v":0,"d":"0.00"}},{"$f":"IF(N145=\"zníž. prenesená\",J145,0)","v":{"v":0,"d":"0.00"}},{"$f":"IF(N145=\"nulová\",J145,0)","v":{"v":0,"d":"0.00"}},"2",{"$f":"ROUND(I145*H145,2)","v":{"v":0,"d":"0.00"}},"4","2"]
[null,null,"2","K","122201101","Odkopávky a prekopávky nezapaž. v horn. tr. 3 do 100 m3","m3",{"v":67.08,"d":"67.080"},null,{"$f":"ROUND(I146*H146,2)","v":{"v":0,"d":"0.00"}},null,null,"","znížená",null,{"$f":"O146*H146","v":{"v":0,"d":"0.00000"}},{"v":0,"d":"0.00000"},{"$f":"Q146*H146","v":{"v":0,"d":"0.00000"}},{"v":0,"d":"0.00000"},{"$f":"S146*H146","v":{"v":0,"d":"0.00000"}},{"$nulls":23},"4",null,"K","2",{"$nulls":3},"ROZPOCET",{"$nulls":5},{"$f":"IF(N146=\"základná\",J146,0)","v":{"v":0,"d":"0.00"}},{"$f":"IF(N146=\"znížená\",J146,0)","v":{"v":0,"d":"0.00"}},{"$f":"IF(N146=\"zákl. prenesená\",J146,0)","v":{"v":0,"d":"0.00"}},{"$f":"IF(N146=\"zníž. prenesená\",J146,0)","v":{"v":0,"d":"0.00"}},{"$f":"IF(N146=\"nulová\",J146,0)","v":{"v":0,"d":"0.00"}},"2",{"$f":"ROUND(I146*H146,2)","v":{"v":0,"d":"0.00"}},"4","4"]
[{"$nulls":3},"P",null,"Poznámka k položke:\r\nhĺbka výkopu = 0,39m\r\nplocha výkopu = 172m2\r\ncelkovo : 0,39*172 = 67,08m3",{"$nulls":39},"P","2"]
[null,null,"3","K","122201109","Príplatok za lepivosť horniny tr.3","m3",{"v":67.08,"d":"67.080"},null,{"$f":"ROUND(I148*H148,2)","v":{"v":0,"d":"0.00"}},null,null,"","znížená",null,{"$f":"O148*H148","v":{"v":0,"d":"0.00000"}},{"v":0,"d":"0.00000"},{"$f":"Q148*H148","v":{"v":0,"d":"0.00000"}},{"v":0,"d":"0.00000"},{"$f":"S148*H148","v":{"v":0,"d":"0.00000"}},{"$nulls":23},"4",null,"K","2",{"$nulls":3},"ROZPOCET",{"$nulls":5},{"$f":"IF(N148=\"základná\",J148,0)","v":{"v":0,"d":"0.00"}},{"$f":"IF(N148=\"znížená\",J148,0)","v":{"v":0,"d":"0.00"}},{"$f":"IF(N148=\"zákl. prenesená\",J148,0)","v":{"v":0,"d":"0.00"}},{"$f":"IF(N148=\"zníž. prenesená\",J148,0)","v":{"v":0,"d":"0.00"}},{"$f":"IF(N148=\"nulová\",J148,0)","v":{"v":0,"d":"0.00"}},"2",{"$f":"ROUND(I148*H148,2)","v":{"v":0,"d":"0.00"}},"4","6"]
[null,null,"4","K","132201101","Hĺbenie rýh šírka do 60 cm v horn. tr. 3 do 100 m3","m3",{"v":1.68,"d":"1.680"},null,{"$f":"ROUND(I149*H149,2)","v":{"v":0,"d":"0.00"}},null,null,"","znížená",null,{"$f":"O149*H149","v":{"v":0,"d":"0.00000"}},{"v":0,"d":"0.00000"},{"$f":"Q149*H149","v":{"v":0,"d":"0.00000"}},{"v":0,"d":"0.00000"},{"$f":"S149*H149","v":{"v":0,"d":"0.00000"}},{"$nulls":23},"4",null,"K","2",{"$nulls":3},"ROZPOCET",{"$nulls":5},{"$f":"IF(N149=\"základná\",J149,0)","v":{"v":0,"d":"0.00"}},{"$f":"IF(N149=\"znížená\",J149,0)","v":{"v":0,"d":"0.00"}},{"$f":"IF(N149=\"zákl. prenesená\",J149,0)","v":{"v":0,"d":"0.00"}},{"$f":"IF(N149=\"zníž. prenesená\",J149,0)","v":{"v":0,"d":"0.00"}},{"$f":"IF(N149=\"nulová\",J149,0)","v":{"v":0,"d":"0.00"}},"2",{"$f":"ROUND(I149*H149,2)","v":{"v":0,"d":"0.00"}},"4","8"]
[{"$nulls":3},"P",null,"Poznámka k položke:\r\nnapojenie na most : 1,5*0,5*0,8 = 0,6m3\r\nschodiskové prahy : 1,2*0,5*0,9*2 = 1,08m3\r\ncelkovo : 0,6+1,08 = 1,68m3",{"$nulls":39},"P","2"]
[null,null,"5","K","132201109","Príplatok za lepivosť horniny tr. 3 v rýhach š. do 60 cm","m3",{"v":1.68,"d":"1.680"},null,{"$f":"ROUND(I151*H151,2)","v":{"v":0,"d":"0.00"}},null,null,"","znížená",null,{"$f":"O151*H151","v":{"v":0,"d":"0.00000"}},{"v":0,"d":"0.00000"},{"$f":"Q151*H151","v":{"v":0,"d":"0.00000"}},{"v":0,"d":"0.00000"},{"$f":"S151*H151","v":{"v":0,"d":"0.00000"}},{"$nulls":23},"4",null,"K","2",{"$nulls":3},"ROZPOCET",{"$nulls":5},{"$f":"IF(N151=\"základná\",J151,0)","v":{"v":0,"d":"0.00"}},{"$f":"IF(N151=\"znížená\",J151,0)","v":{"v":0,"d":"0.00"}},{"$f":"IF(N151=\"zákl. prenesená\",J151,0)","v":{"v":0,"d":"0.00"}},{"$f":"IF(N151=\"zníž. prenesená\",J151,0)","v":{"v":0,"d":"0.00"}},{"$f":"IF(N151=\"nulová\",J151,0)","v":{"v":0,"d":"0.00"}},"2",{"$f":"ROUND(I151*H151,2)","v":{"v":0,"d":"0.00"}},"4","10"]
[null,null,"6","K","132201200","Hĺbenie rýh šírka do 2 m v horn. tr. 3 nad 100 m3","m3",{"v":30.64,"d":"30.640"},null,{"$f":"ROUND(I152*H152,2)","v":{"v":0,"d":"0.00"}},null,null,"","znížená",null,{"$f":"O152*H152","v":{"v":0,"d":"0.00000"}},{"v":0,"d":"0.00000"},{"$f":"Q152*H152","v":{"v":0,"d":"0.00000"}},{"v":0,"d":"0.00000"},{"$f":"S152*H152","v":{"v":0,"d":"0.00000"}},{"$nulls":23},"4",null,"K","2",{"$nulls":3},"ROZPOCET",{"$nulls":5},{"$f":"IF(N152=\"základná\",J152,0)","v":{"v":0,"d":"0.00"}},{"$f":"IF(N152=\"znížená\",J152,0)","v":{"v":0,"d":"0.00"}},{"$f":"IF(N152=\"zákl. prenesená\",J152,0)","v":{"v":0,"d":"0.00"}},{"$f":"IF(N152=\"zníž. prenesená\",J152,0)","v":{"v":0,"d":"0.00"}},{"$f":"IF(N152=\"nulová\",J152,0)","v":{"v":0,"d":"0.00"}},"2",{"$f":"ROUND(I152*H152,2)","v":{"v":0,"d":"0.00"}},"4","12"]
[{"$nulls":3},"P",null,"Poznámka k položke:\r\noporný múr : 0,8*1,1*13 = 11,44m3\r\ngabión : 0,8*2,0*12 = 19,2m3\r\ncelkovo : 11,44 + 19,2 = 30,64m3",{"$nulls":39},"P","2"]
[null,null,"7","K","132201209","Príplatok za lepivosť horniny tr.3 v rýhach š. do 200 cm","m3",{"v":30.64,"d":"30.640"},null,{"$f":"ROUND(I154*H154,2)","v":{"v":0,"d":"0.00"}},null,null,"","znížená",null,{"$f":"O154*H154","v":{"v":0,"d":"0.00000"}},{"v":0,"d":"0.00000"},{"$f":"Q154*H154","v":{"v":0,"d":"0.00000"}},{"v":0,"d":"0.00000"},{"$f":"S154*H154","v":{"v":0,"d":"0.00000"}},{"$nulls":23},"4",null,"K","2",{"$nulls":3},"ROZPOCET",{"$nulls":5},{"$f":"IF(N154=\"základná\",J154,0)","v":{"v":0,"d":"0.00"}},{"$f":"IF(N154=\"znížená\",J154,0)","v":{"v":0,"d":"0.00"}},{"$f":"IF(N154=\"zákl. prenesená\",J154,0)","v":{"v":0,"d":"0.00"}},{"$f":"IF(N154=\"zníž. prenesená\",J154,0)","v":{"v":0,"d":"0.00"}},{"$f":"IF(N154=\"nulová\",J154,0)","v":{"v":0,"d":"0.00"}},"2",{"$f":"ROUND(I154*H154,2)","v":{"v":0,"d":"0.00"}},"4","14"]
[null,null,"8","K","151101201","Zhotovenie paženia stien výkopu príložné hl. do 4 m","m2",{"v":42,"d":"42.000"},null,{"$f":"ROUND(I155*H155,2)","v":{"v":0,"d":"0.00"}},null,null,"","znížená",null,{"$f":"O155*H155","v":{"v":0,"d":"0.00000"}},0.00025,{"$f":"Q155*H155","v":{"v":0.0105,"d":"0.01050"}},{"v":0,"d":"0.00000"},{"$f":"S155*H155","v":{"v":0,"d":"0.00000"}},{"$nulls":23},"4",null,"K","2",{"$nulls":3},"ROZPOCET",{"$nulls":5},{"$f":"IF(N155=\"základná\",J155,0)","v":{"v":0,"d":"0.00"}},{"$f":"IF(N155=\"znížená\",J155,0)","v":{"v":0,"d":"0.00"}},{"$f":"IF(N155=\"zákl. prenesená\",J155,0)","v":{"v":0,"d":"0.00"}},{"$f":"IF(N155=\"zníž. prenesená\",J155,0)","v":{"v":0,"d":"0.00"}},{"$f":"IF(N155=\"nulová\",J155,0)","v":{"v":0,"d":"0.00"}},"2",{"$f":"ROUND(I155*H155,2)","v":{"v":0,"d":"0.00"}},"4","16"]
[{"$nulls":3},"P",null,"Poznámka k položke:\r\n(1,5*1,2) + (2,0*1,2) = 42m2",{"$nulls":39},"P","2"]
[null,null,"9","K","151101211","Odstránenie paženia stien výkopu príložné hl. do 4 m","m2",{"v":42,"d":"42.000"},null,{"$f":"ROUND(I157*H157,2)","v":{"v":0,"d":"0.00"}},null,null,"","znížená",null,{"$f":"O157*H157","v":{"v":0,"d":"0.00000"}},{"v":0,"d":"0.00000"},{"$f":"Q157*H157","v":{"v":0,"d":"0.00000"}},{"v":0,"d":"0.00000"},{"$f":"S157*H157","v":{"v":0,"d":"0.00000"}},{"$nulls":23},"4",null,"K","2",{"$nulls":3},"ROZPOCET",{"$nulls":5},{"$f":"IF(N157=\"základná\",J157,0)","v":{"v":0,"d":"0.00"}},{"$f":"IF(N157=\"znížená\",J157,0)","v":{"v":0,"d":"0.00"}},{"$f":"IF(N157=\"zákl. prenesená\",J157,0)","v":{"v":0,"d":"0.00"}},{"$f":"IF(N157=\"zníž. prenesená\",J157,0)","v":{"v":0,"d":"0.00"}},{"$f":"IF(N157=\"nulová\",J157,0)","v":{"v":0,"d":"0.00"}},"2",{"$f":"ROUND(I157*H157,2)","v":{"v":0,"d":"0.00"}},"4","18"]
[null,null,"10","K","151101301","Zhotovenie rozopretia stien príložného paženia hĺbka do 4 m","m3",{"v":0.48,"d":"0.480"},null,{"$f":"ROUND(I158*H158,2)","v":{"v":0,"d":"0.00"}},null,null,"","znížená",null,{"$f":"O158*H158","v":{"v":0,"d":"0.00000"}},0.00045,{"$f":"Q158*H158","v":{"v":0.000216,"d":"0.00022"}},{"v":0,"d":"0.00000"},{"$f":"S158*H158","v":{"v":0,"d":"0.00000"}},{"$nulls":23},"4",null,"K","2",{"$nulls":3},"ROZPOCET",{"$nulls":5},{"$f":"IF(N158=\"základná\",J158,0)","v":{"v":0,"d":"0.00"}},{"$f":"IF(N158=\"znížená\",J158,0)","v":{"v":0,"d":"0.00"}},{"$f":"IF(N158=\"zákl. prenesená\",J158,0)","v":{"v":0,"d":"0.00"}},{"$f":"IF(N158=\"zníž. prenesená\",J158,0)","v":{"v":0,"d":"0.00"}},{"$f":"IF(N158=\"nulová\",J158,0)","v":{"v":0,"d":"0.00"}},"2",{"$f":"ROUND(I158*H158,2)","v":{"v":0,"d":"0.00"}},"4","20"]
[null,null,"11","K","151101311","Odstránenie rozopretia stien príložného paženia hĺbka do 4 m","m3",{"v":0.48,"d":"0.480"},null,{"$f":"ROUND(I159*H159,2)","v":{"v":0,"d":"0.00"}},null,null,"","znížená",null,{"$f":"O159*H159","v":{"v":0,"d":"0.00000"}},{"v":0,"d":"0.00000"},{"$f":"Q159*H159","v":{"v":0,"d":"0.00000"}},{"v":0,"d":"0.00000"},{"$f":"S159*H159","v":{"v":0,"d":"0.00000"}},{"$nulls":23},"4",null,"K","2",{"$nulls":3},"ROZPOCET",{"$nulls":5},{"$f":"IF(N159=\"základná\",J159,0)","v":{"v":0,"d":"0.00"}},{"$f":"IF(N159=\"znížená\",J159,0)","v":{"v":0,"d":"0.00"}},{"$f":"IF(N159=\"zákl. prenesená\",J159,0)","v":{"v":0,"d":"0.00"}},{"$f":"IF(N159=\"zníž. prenesená\",J159,0)","v":{"v":0,"d":"0.00"}},{"$f":"IF(N159=\"nulová\",J159,0)","v":{"v":0,"d":"0.00"}},"2",{"$f":"ROUND(I159*H159,2)","v":{"v":0,"d":"0.00"}},"4","22"]
[null,null,"12","K","161101101","Zvislé premiestnenie výkopu horn. tr. 1-4 nad 1 m do 2,5 m","m3",{"v":30.64,"d":"30.640"},null,{"$f":"ROUND(I160*H160,2)","v":{"v":0,"d":"0.00"}},null,null,"","znížená",null,{"$f":"O160*H160","v":{"v":0,"d":"0.00000"}},{"v":0,"d":"0.00000"},{"$f":"Q160*H160","v":{"v":0,"d":"0.00000"}},{"v":0,"d":"0.00000"},{"$f":"S160*H160","v":{"v":0,"d":"0.00000"}},{"$nulls":23},"4",null,"K","2",{"$nulls":3},"ROZPOCET",{"$nulls":5},{"$f":"IF(N160=\"základná\",J160,0)","v":{"v":0,"d":"0.00"}},{"$f":"IF(N160=\"znížená\",J160,0)","v":{"v":0,"d":"0.00"}},{"$f":"IF(N160=\"zákl. prenesená\",J160,0)","v":{"v":0,"d":"0.00"}},{"$f":"IF(N160=\"zníž. prenesená\",J160,0)","v":{"v":0,"d":"0.00"}},{"$f":"IF(N160=\"nulová\",J160,0)","v":{"v":0,"d":"0.00"}},"2",{"$f":"ROUND(I160*H160,2)","v":{"v":0,"d":"0.00"}},"4","24"]
[null,null,"13","K","162201102","Vodorovné premiestnenie výkopu do 50 m horn. tr. 1-4","m3",{"v":99.4,"d":"99.400"},null,{"$f":"ROUND(I161*H161,2)","v":{"v":0,"d":"0.00"}},null,null,"","znížená",null,{"$f":"O161*H161","v":{"v":0,"d":"0.00000"}},{"v":0,"d":"0.00000"},{"$f":"Q161*H161","v":{"v":0,"d":"0.00000"}},{"v":0,"d":"0.00000"},{"$f":"S161*H161","v":{"v":0,"d":"0.00000"}},{"$nulls":23},"4",null,"K","2",{"$nulls":3},"ROZPOCET",{"$nulls":5},{"$f":"IF(N161=\"základná\",J161,0)","v":{"v":0,"d":"0.00"}},{"$f":"IF(N161=\"znížená\",J161,0)","v":{"v":0,"d":"0.00"}},{"$f":"IF(N161=\"zákl. prenesená\",J161,0)","v":{"v":0,"d":"0.00"}},{"$f":"IF(N161=\"zníž. prenesená\",J161,0)","v":{"v":0,"d":"0.00"}},{"$f":"IF(N161=\"nulová\",J161,0)","v":{"v":0,"d":"0.00"}},"2",{"$f":"ROUND(I161*H161,2)","v":{"v":0,"d":"0.00"}},"4","26"]
[{"$nulls":3},"P",null,"Poznámka k položke:\r\nodkopávky = 67,08m3\r\nhĺbenie rýh š. 60cm = 1,68m3\r\nhĺbenie rýh š. do 2m = 30,64m3\r\ncelkovo : 67,08 + 1,68 + 30,64 = 99,4m3",{"$nulls":39},"P","2"]
[null,null,"14","K","167101101","Nakladanie výkopku do 100 m3 v horn. tr. 1-4","m3",{"v":99.4,"d":"99.400"},null,{"$f":"ROUND(I163*H163,2)","v":{"v":0,"d":"0.00"}},null,null,"","znížená",null,{"$f":"O163*H163","v":{"v":0,"d":"0.00000"}},{"v":0,"d":"0.00000"},{"$f":"Q163*H163","v":{"v":0,"d":"0.00000"}},{"v":0,"d":"0.00000"},{"$f":"S163*H163","v":{"v":0,"d":"0.00000"}},{"$nulls":23},"4",null,"K","2",{"$nulls":3},"ROZPOCET",{"$nulls":5},{"$f":"IF(N163=\"základná\",J163,0)","v":{"v":0,"d":"0.00"}},{"$f":"IF(N163=\"znížená\",J163,0)","v":{"v":0,"d":"0.00"}},{"$f":"IF(N163=\"zákl. prenesená\",J163,0)","v":{"v":0,"d":"0.00"}},{"$f":"IF(N163=\"zníž. prenesená\",J163,0)","v":{"v":0,"d":"0.00"}},{"$f":"IF(N163=\"nulová\",J163,0)","v":{"v":0,"d":"0.00"}},"2",{"$f":"ROUND(I163*H163,2)","v":{"v":0,"d":"0.00"}},"4","28"]
[null,null,"15","K","171101141","Násypy zhut. z akýchkol. hornín do 0,75 m3 na 1 m2 pre cesty, železn.","m3",{"v":61.69,"d":"61.690"},null,{"v":0,"d":"0.00"},null,null,"","znížená",null,{"v":0,"d":"0.00000"},{"v":0,"d":"0.00000"},{"v":0,"d":"0.00000"},{"v":0,"d":"0.00000"},{"v":0,"d":"0.00000"},{"$nulls":23},"4",null,"K","2",{"$nulls":3},"ROZPOCET",{"$nulls":5},{"v":0,"d":"0.00"},{"v":0,"d":"0.00"},{"v":0,"d":"0.00"},{"v":0,"d":"0.00"},{"v":0,"d":"0.00"},"2",{"v":0,"d":"0.00"},"4","30"]
[null,null,"16","K","171201201","Uloženie sypaniny na skládku","m3",{"v":99.4,"d":"99.400"},null,{"v":0,"d":"0.00"},null,null,"","znížená",null,{"v":0,"d":"0.00000"},{"v":0,"d":"0.00000"},{"v":0,"d":"0.00000"},{"v":0,"d":"0.00000"},{"v":0,"d":"0.00000"},{"$nulls":23},"4",null,"K","2",{"$nulls":3},"ROZPOCET",{"$nulls":5},{"v":0,"d":"0.00"},{"v":0,"d":"0.00"},{"v":0,"d":"0.00"},{"v":0,"d":"0.00"},{"v":0,"d":"0.00"},"2",{"v":0,"d":"0.00"},"4","32"]
[null,null,"17","K","181101102","Úprava pláne v zárezoch v horn. tr. 1-4 so zhutnením","m2",{"v":275,"d":"275.000"},null,{"v":0,"d":"0.00"},null,null,"","znížená",null,{"v":0,"d":"0.00000"},{"v":0,"d":"0.00000"},{"v":0,"d":"0.00000"},{"v":0,"d":"0.00000"},{"v":0,"d":"0.00000"},{"$nulls":23},"4",null,"K","2",{"$nulls":3},"ROZPOCET",{"$nulls":5},{"v":0,"d":"0.00"},{"v":0,"d":"0.00"},{"v":0,"d":"0.00"},{"v":0,"d":"0.00"},{"v":0,"d":"0.00"},"2",{"v":0,"d":"0.00"},"4","34"]
[null,null,"18","K","181301102","Rozprestretie ornice, sklon do 1:5 do 500 m2 hr. do 15 cm","m2",{"v":256,"d":"256.000"},null,{"v":0,"d":"0.00"},null,null,"","znížená",null,{"v":0,"d":"0.00000"},{"v":0,"d":"0.00000"},{"v":0,"d":"0.00000"},{"v":0,"d":"0.00000"},{"v":0,"d":"0.00000"},{"$nulls":23},"4",null,"K","2",{"$nulls":3},"ROZPOCET",{"$nulls":5},{"v":0,"d":"0.00"},{"v":0,"d":"0.00"},{"v":0,"d":"0.00"},{"v":0,"d":"0.00"},{"v":0,"d":"0.00"},"2",{"v":0,"d":"0.00"},"4","36"]
[null,null,"19","K","182001123","Plošná úprava terénu, nerovnosti do +-150 mm vo svahu 1:2-1:1","m2",{"v":256,"d":"256.000"},null,{"v":0,"d":"0.00"},null,null,"","znížená",null,{"v":0,"d":"0.00000"},{"v":0,"d":"0.00000"},{"v":0,"d":"0.00000"},{"v":0,"d":"0.00000"},{"v":0,"d":"0.00000"},{"$nulls":23},"4",null,"K","2",{"$nulls":3},"ROZPOCET",{"$nulls":5},{"v":0,"d":"0.00"},{"v":0,"d":"0.00"},{"v":0,"d":"0.00"},{"v":0,"d":"0.00"},{"v":0,"d":"0.00"},"2",{"v":0,"d":"0.00"},"4","38"]
[{"$nulls":3},"D","2","ZÁKLADY",{"$nulls":3},{"$f":"BK169","v":{"v":0,"d":"0.00"}},{"$nulls":5},{"$f":"SUM(P170:P182)","v":{"v":0,"d":"0.00000"}},null,{"$f":"SUM(R170:R182)","v":{"v":45.38177973,"d":"45.38178"}},null,{"$f":"SUM(T170:T182)","v":{"v":0,"d":"0.00000"}},{"$nulls":23},"1",null,"D","1",{"$nulls":3},"ROZPOCET",{"$nulls":11},{"$f":"SUM(BK170:BK182)","v":{"v":0,"d":"0.00"}}]
[null,null,"20","K","270328136","Konštrukcie základov zo železobetónu tr. C25/30","m3",15.785,null,{"$f":"ROUND(I170*H170,2)","v":{"v":0,"d":"0.00"}},null,null,"","znížená",null,{"$f":"O170*H170","v":{"v":0,"d":"0.00000"}},2.51712,{"$f":"Q170*H170","v":{"v":39.7327392,"d":"39.73274"}},{"v":0,"d":"0.00000"},{"$f":"S170*H170","v":{"v":0,"d":"0.00000"}},{"$nulls":23},"4",null,"K","2",{"$nulls":3},"ROZPOCET",{"$nulls":5},{"$f":"IF(N170=\"základná\",J170,0)","v":{"v":0,"d":"0.00"}},{"$f":"IF(N170=\"znížená\",J170,0)","v":{"v":0,"d":"0.00"}},{"$f":"IF(N170=\"zákl. prenesená\",J170,0)","v":{"v":0,"d":"0.00"}},{"$f":"IF(N170=\"zníž. prenesená\",J170,0)","v":{"v":0,"d":"0.00"}},{"$f":"IF(N170=\"nulová\",J170,0)","v":{"v":0,"d":"0.00"}},"2",{"$f":"ROUND(I170*H170,2)","v":{"v":0,"d":"0.00"}},"4","40"]
[{"$nulls":3},"P",null,"Poznámka k položke:\r\nnapojenie na most : 1,5*0,5*0,7 = 0,525m3\r\nschodiskové prahy : 1,2*0,5*0,8*2 = 0,96m3\r\noporný múr : (0,3*1,0*13)+(0,8*1,0*13) = 14,3m3\r\ncelkovo : 0,525+0,96+14,3 = 15,785m3",{"$nulls":39},"P","2"]
[null,null,"21","K","270351131","Zrdn. kotv. otvor. V 0 1m2 hĺ. 1m","kus",{"v":4,"d":"4.000"},null,{"$f":"ROUND(I172*H172,2)","v":{"v":0,"d":"0.00"}},null,null,"","znížená",null,{"$f":"O172*H172","v":{"v":0,"d":"0.00000"}},0.01632,{"$f":"Q172*H172","v":0.06528},{"v":0,"d":"0.00000"},{"$f":"S172*H172","v":{"v":0,"d":"0.00000"}},{"$nulls":23},"4",null,"K","2",{"$nulls":3},"ROZPOCET",{"$nulls":5},{"$f":"IF(N172=\"základná\",J172,0)","v":{"v":0,"d":"0.00"}},{"$f":"IF(N172=\"znížená\",J172,0)","v":{"v":0,"d":"0.00"}},{"$f":"IF(N172=\"zákl. prenesená\",J172,0)","v":{"v":0,"d":"0.00"}},{"$f":"IF(N172=\"zníž. prenesená\",J172,0)","v":{"v":0,"d":"0.00"}},{"$f":"IF(N172=\"nulová\",J172,0)","v":{"v":0,"d":"0.00"}},"2",{"$f":"ROUND(I172*H172,2)","v":{"v":0,"d":"0.00"}},"4","42"]
[null,null,"22","K","270368171","Výstuž základových konštrukcií 10425 vrátane nosných zvarov","t",0.631,null,{"$f":"ROUND(I173*H173,2)","v":{"v":0,"d":"0.00"}},null,null,"","znížená",null,{"$f":"O173*H173","v":{"v":0,"d":"0.00000"}},1.05156,{"$f":"Q173*H173","v":{"v":0.66353436,"d":"0.66353"}},{"v":0,"d":"0.00000"},{"$f":"S173*H173","v":{"v":0,"d":"0.00000"}},{"$nulls":23},"4",null,"K","2",{"$nulls":3},"ROZPOCET",{"$nulls":5},{"$f":"IF(N173=\"základná\",J173,0)","v":{"v":0,"d":"0.00"}},{"$f":"IF(N173=\"znížená\",J173,0)","v":{"v":0,"d":"0.00"}},{"$f":"IF(N173=\"zákl. prenesená\",J173,0)","v":{"v":0,"d":"0.00"}},{"$f":"IF(N173=\"zníž. prenesená\",J173,0)","v":{"v":0,"d":"0.00"}},{"$f":"IF(N173=\"nulová\",J173,0)","v":{"v":0,"d":"0.00"}},"2",{"$f":"ROUND(I173*H173,2)","v":{"v":0,"d":"0.00"}},"4","44"]
[null,null,"23","K","270368172","Výstuž základových konštrukcií BSt 500 (10505) vrátane nosných zvarov","t",{"v":0.02,"d":"0.020"},null,{"$f":"ROUND(I174*H174,2)","v":{"v":0,"d":"0.00"}},null,null,"","znížená",null,{"$f":"O174*H174","v":{"v":0,"d":"0.00000"}},1.13396,{"$f":"Q174*H174","v":{"v":0.022679200000000004,"d":"0.02268"}},{"v":0,"d":"0.00000"},{"$f":"S174*H174","v":{"v":0,"d":"0.00000"}},{"$nulls":23},"4",null,"K","2",{"$nulls":3},"ROZPOCET",{"$nulls":5},{"$f":"IF(N174=\"základná\",J174,0)","v":{"v":0,"d":"0.00"}},{"$f":"IF(N174=\"znížená\",J174,0)","v":{"v":0,"d":"0.00"}},{"$f":"IF(N174=\"zákl. prenesená\",J174,0)","v":{"v":0,"d":"0.00"}},{"$f":"IF(N174=\"zníž. prenesená\",J174,0)","v":{"v":0,"d":"0.00"}},{"$f":"IF(N174=\"nulová\",J174,0)","v":{"v":0,"d":"0.00"}},"2",{"$f":"ROUND(I174*H174,2)","v":{"v":0,"d":"0.00"}},"4","46"]
[null,null,"24","K","271571111","Vankúš pod základy zo štrkopiesku triedeného","m3",0.195,null,{"$f":"ROUND(I175*H175,2)","v":{"v":0,"d":"0.00"}},null,null,"","znížená",null,{"$f":"O175*H175","v":{"v":0,"d":"0.00000"}},1.93971,{"$f":"Q175*H175","v":{"v":0.37824345000000004,"d":"0.37824"}},{"v":0,"d":"0.00000"},{"$f":"S175*H175","v":{"v":0,"d":"0.00000"}},{"$nulls":23},"4",null,"K","2",{"$nulls":3},"ROZPOCET",{"$nulls":5},{"$f":"IF(N175=\"základná\",J175,0)","v":{"v":0,"d":"0.00"}},{"$f":"IF(N175=\"znížená\",J175,0)","v":{"v":0,"d":"0.00"}},{"$f":"IF(N175=\"zákl. prenesená\",J175,0)","v":{"v":0,"d":"0.00"}},{"$f":"IF(N175=\"zníž. prenesená\",J175,0)","v":{"v":0,"d":"0.00"}},{"$f":"IF(N175=\"nulová\",J175,0)","v":{"v":0,"d":"0.00"}},"2",{"$f":"ROUND(I175*H175,2)","v":{"v":0,"d":"0.00"}},"4","48"]
[{"$nulls":3},"P",null,"Poznámka k položke:\r\nnapojenie na most : 0,1*0,5*1,5 = 0,075m3\r\nschodiskové prahy : 0,1*0,5*1,5*2 = 0,12m3\r\ncelkovo : 0,075+0,12 = 0,195m3",{"$nulls":39},"P","2"]
[null,null,"25","K","273321117","Základové dosky zo železobetónu tr. C 25/30 cement portlandský","m3",{"v":1.8,"d":"1.800"},null,{"$f":"ROUND(I177*H177,2)","v":{"v":0,"d":"0.00"}},null,null,"","znížená",null,{"$f":"O177*H177","v":{"v":0,"d":"0.00000"}},{"v":2.4468,"d":"2.44680"},{"$f":"Q177*H177","v":{"v":4.404240000000001,"d":"4.40424"}},{"v":0,"d":"0.00000"},{"$f":"S177*H177","v":{"v":0,"d":"0.00000"}},{"$nulls":23},"4",null,"K","2",{"$nulls":3},"ROZPOCET",{"$nulls":5},{"$f":"IF(N177=\"základná\",J177,0)","v":{"v":0,"d":"0.00"}},{"$f":"IF(N177=\"znížená\",J177,0)","v":{"v":0,"d":"0.00"}},{"$f":"IF(N177=\"zákl. prenesená\",J177,0)","v":{"v":0,"d":"0.00"}},{"$f":"IF(N177=\"zníž. prenesená\",J177,0)","v":{"v":0,"d":"0.00"}},{"$f":"IF(N177=\"nulová\",J177,0)","v":{"v":0,"d":"0.00"}},"2",{"$f":"ROUND(I177*H177,2)","v":{"v":0,"d":"0.00"}},"4","50"]
[{"$nulls":3},"P",null,"Poznámka k položke:\r\nplocha = 9m2\r\nhrúbka = 0,2m\r\ncelkovo = 1,8m3",{"$nulls":39},"P","2"]
[null,null,"26","K","273351110","Debnenie zákl. dosák plochy rovinné","m2",{"v":13.3,"d":"13.300"},null,{"$f":"ROUND(I179*H179,2)","v":{"v":0,"d":"0.00"}},null,null,"","znížená",null,{"$f":"O179*H179","v":{"v":0,"d":"0.00000"}},{"v":0.0029,"d":"0.00290"},{"$f":"Q179*H179","v":0.03857},{"v":0,"d":"0.00000"},{"$f":"S179*H179","v":{"v":0,"d":"0.00000"}},{"$nulls":23},"4",null,"K","2",{"$nulls":3},"ROZPOCET",{"$nulls":5},{"$f":"IF(N179=\"základná\",J179,0)","v":{"v":0,"d":"0.00"}},{"$f":"IF(N179=\"znížená\",J179,0)","v":{"v":0,"d":"0.00"}},{"$f":"IF(N179=\"zákl. prenesená\",J179,0)","v":{"v":0,"d":"0.00"}},{"$f":"IF(N179=\"zníž. prenesená\",J179,0)","v":{"v":0,"d":"0.00"}},{"$f":"IF(N179=\"nulová\",J179,0)","v":{"v":0,"d":"0.00"}},"2",{"$f":"ROUND(I179*H179,2)","v":{"v":0,"d":"0.00"}},"4","52"]
[{"$nulls":3},"P",null,"Poznámka k položke:\r\n(0,3*0,5*2)+(0,5*13*2) = 13,3m2",{"$nulls":39},"P","2"]
[null,null,"27","K","273351119","Oddebnenie zákl. dosák","m2",{"v":13.3,"d":"13.300"},null,{"$f":"ROUND(I181*H181,2)","v":{"v":0,"d":"0.00"}},null,null,"","znížená",null,{"$f":"O181*H181","v":{"v":0,"d":"0.00000"}},{"v":0,"d":"0.00000"},{"$f":"Q181*H181","v":{"v":0,"d":"0.00000"}},{"v":0,"d":"0.00000"},{"$f":"S181*H181","v":{"v":0,"d":"0.00000"}},{"$nulls":23},"4",null,"K","2",{"$nulls":3},"ROZPOCET",{"$nulls":5},{"$f":"IF(N181=\"základná\",J181,0)","v":{"v":0,"d":"0.00"}},{"$f":"IF(N181=\"znížená\",J181,0)","v":{"v":0,"d":"0.00"}},{"$f":"IF(N181=\"zákl. prenesená\",J181,0)","v":{"v":0,"d":"0.00"}},{"$f":"IF(N181=\"zníž. prenesená\",J181,0)","v":{"v":0,"d":"0.00"}},{"$f":"IF(N181=\"nulová\",J181,0)","v":{"v":0,"d":"0.00"}},"2",{"$f":"ROUND(I181*H181,2)","v":{"v":0,"d":"0.00"}},"4","54"]
[null,null,"28","K","273361112","Vystuženie zákl. dosák B oceľ 10425","t",0.072,null,{"$f":"ROUND(I182*H182,2)","v":{"v":0,"d":"0.00"}},null,null,"","znížená",null,{"$f":"O182*H182","v":{"v":0,"d":"0.00000"}},1.06241,{"$f":"Q182*H182","v":{"v":0.07649352,"d":"0.07649"}},{"v":0,"d":"0.00000"},{"$f":"S182*H182","v":{"v":0,"d":"0.00000"}},{"$nulls":23},"4",null,"K","2",{"$nulls":3},"ROZPOCET",{"$nulls":5},{"$f":"IF(N182=\"základná\",J182,0)","v":{"v":0,"d":"0.00"}},{"$f":"IF(N182=\"znížená\",J182,0)","v":{"v":0,"d":"0.00"}},{"$f":"IF(N182=\"zákl. prenesená\",J182,0)","v":{"v":0,"d":"0.00"}},{"$f":"IF(N182=\"zníž. prenesená\",J182,0)","v":{"v":0,"d":"0.00"}},{"$f":"IF(N182=\"nulová\",J182,0)","v":{"v":0,"d":"0.00"}},"2",{"$f":"ROUND(I182*H182,2)","v":{"v":0,"d":"0.00"}},"4","56"]
[{"$nulls":3},"D","3","ZVISLÉ A KOMPLETNÉ KONŠTRUKCIE",{"$nulls":3},{"$f":"BK183","v":{"v":0,"d":"0.00"}},{"$nulls":5},{"$f":"SUM(P184:P188)","v":{"v":0,"d":"0.00000"}},null,{"$f":"SUM(R184:R188)","v":{"v":13.7581084,"d":"13.75811"}},null,{"$f":"SUM(T184:T188)","v":{"v":0,"d":"0.00000"}},{"$nulls":23},"1",null,"D","1",{"$nulls":3},"ROZPOCET",{"$nulls":11},{"$f":"SUM(BK184:BK188)","v":{"v":0,"d":"0.00"}}]
[null,null,"29","K","326214111","Murivo z lomového kameňa na sucho do drôtených košov s urovnaním hrán","m3",{"v":7.59,"d":"7.590"},null,{"$f":"ROUND(I184*H184,2)","v":{"v":0,"d":"0.00"}},null,null,"","znížená",null,{"$f":"O184*H184","v":{"v":0,"d":"0.00000"}},1.77236,{"$f":"Q184*H184","v":{"v":13.452212399999999,"d":"13.45221"}},{"v":0,"d":"0.00000"},{"$f":"S184*H184","v":{"v":0,"d":"0.00000"}},{"$nulls":23},"4",null,"K","2",{"$nulls":3},"ROZPOCET",{"$nulls":5},{"$f":"IF(N184=\"základná\",J184,0)","v":{"v":0,"d":"0.00"}},{"$f":"IF(N184=\"znížená\",J184,0)","v":{"v":0,"d":"0.00"}},{"$f":"IF(N184=\"zákl. prenesená\",J184,0)","v":{"v":0,"d":"0.00"}},{"$f":"IF(N184=\"zníž. prenesená\",J184,0)","v":{"v":0,"d":"0.00"}},{"$f":"IF(N184=\"nulová\",J184,0)","v":{"v":0,"d":"0.00"}},"2",{"$f":"ROUND(I184*H184,2)","v":{"v":0,"d":"0.00"}},"4","58"]
[null,null,"30","M","313951090","Sieť zvarovaná 11343 100x100mm d4,5mm","m2",{"v":57.5,"d":"57.500"},null,{"$f":"ROUND(I185*H185,2)","v":{"v":0,"d":"0.00"}},null,null,"","znížená",null,{"$f":"O185*H185","v":{"v":0,"d":"0.00000"}},{"v":2E-3,"d":"0.00200"},{"$f":"Q185*H185","v":{"v":0.115,"d":"0.11500"}},{"v":0,"d":"0.00000"},{"$f":"S185*H185","v":{"v":0,"d":"0.00000"}},{"$nulls":23},"8",null,"M","2",{"$nulls":3},"ROZPOCET",{"$nulls":5},{"$f":"IF(N185=\"základná\",J185,0)","v":{"v":0,"d":"0.00"}},{"$f":"IF(N185=\"znížená\",J185,0)","v":{"v":0,"d":"0.00"}},{"$f":"IF(N185=\"zákl. prenesená\",J185,0)","v":{"v":0,"d":"0.00"}},{"$f":"IF(N185=\"zníž. prenesená\",J185,0)","v":{"v":0,"d":"0.00"}},{"$f":"IF(N185=\"nulová\",J185,0)","v":{"v":0,"d":"0.00"}},"2",{"$f":"ROUND(I185*H185,2)","v":{"v":0,"d":"0.00"}},"4","60"]
[{"$nulls":3},"P",null,"Poznámka k položke:\r\n(2,2*2*11,5)+(0,3*2*11,5) = 57,5m2",{"$nulls":39},"P","2"]
[null,null,"31","K","348171111","Osadenie zábradlia oceľového do 100 kg/m","m",{"v":58.2,"d":"58.200"},null,{"$f":"ROUND(I187*H187,2)","v":{"v":0,"d":"0.00"}},null,null,"","znížená",null,{"$f":"O187*H187","v":{"v":0,"d":"0.00000"}},0.00328,{"$f":"Q187*H187","v":{"v":0.190896,"d":"0.19090"}},{"v":0,"d":"0.00000"},{"$f":"S187*H187","v":{"v":0,"d":"0.00000"}},{"$nulls":23},"4",null,"K","2",{"$nulls":3},"ROZPOCET",{"$nulls":5},{"$f":"IF(N187=\"základná\",J187,0)","v":{"v":0,"d":"0.00"}},{"$f":"IF(N187=\"znížená\",J187,0)","v":{"v":0,"d":"0.00"}},{"$f":"IF(N187=\"zákl. prenesená\",J187,0)","v":{"v":0,"d":"0.00"}},{"$f":"IF(N187=\"zníž. prenesená\",J187,0)","v":{"v":0,"d":"0.00"}},{"$f":"IF(N187=\"nulová\",J187,0)","v":{"v":0,"d":"0.00"}},"2",{"$f":"ROUND(I187*H187,2)","v":{"v":0,"d":"0.00"}},"4","62"]
[{"$nulls":3},"P",null,"Poznámka k položke:\r\nschodiskové zábradlie: 3,1*2 = 6,2m\r\noporný múr zábradlie = 52m\r\ncelkovo : 6,2+52 = 58,2m",{"$nulls":39},"P","2"]
[{"$nulls":3},"D","4","VODOROVNÉ KONŠTRUKCIE",{"$nulls":3},{"$f":"BK189","v":{"v":0,"d":"0.00"}},{"$nulls":5},{"$f":"SUM(P190:P192)","v":{"v":0,"d":"0.00000"}},null,{"$f":"SUM(R190:R192)","v":{"v":67.25642474000001,"d":"67.25642"}},null,{"$f":"SUM(T190:T192)","v":{"v":0,"d":"0.00000"}},{"$nulls":23},"1",null,"D","1",{"$nulls":3},"ROZPOCET",{"$nulls":11},{"$f":"SUM(BK190:BK192)","v":{"v":0,"d":"0.00"}}]
[null,null,"32","K","430321414","Schodišťové konštrukcie zo železobetónu tr. C25/30","m3",{"v":0.71,"d":"0.710"},null,{"$f":"ROUND(I190*H190,2)","v":{"v":0,"d":"0.00"}},null,null,"","znížená",null,{"$f":"O190*H190","v":{"v":0,"d":"0.00000"}},2.45421,{"$f":"Q190*H190","v":{"v":1.7424890999999998,"d":"1.74249"}},{"v":0,"d":"0.00000"},{"$f":"S190*H190","v":{"v":0,"d":"0.00000"}},{"$nulls":23},"4",null,"K","2",{"$nulls":3},"ROZPOCET",{"$nulls":5},{"$f":"IF(N190=\"základná\",J190,0)","v":{"v":0,"d":"0.00"}},{"$f":"IF(N190=\"znížená\",J190,0)","v":{"v":0,"d":"0.00"}},{"$f":"IF(N190=\"zákl. prenesená\",J190,0)","v":{"v":0,"d":"0.00"}},{"$f":"IF(N190=\"zníž. prenesená\",J190,0)","v":{"v":0,"d":"0.00"}},{"$f":"IF(N190=\"nulová\",J190,0)","v":{"v":0,"d":"0.00"}},"2",{"$f":"ROUND(I190*H190,2)","v":{"v":0,"d":"0.00"}},"4","64"]
[null,null,"33","K","430361212","Vystuženie konštr. schodísk B oc. 10 425","t",0.028,null,{"$f":"ROUND(I191*H191,2)","v":{"v":0,"d":"0.00"}},null,null,"","znížená",null,{"$f":"O191*H191","v":{"v":0,"d":"0.00000"}},1.06913,{"$f":"Q191*H191","v":{"v":0.02993564,"d":"0.02994"}},{"v":0,"d":"0.00000"},{"$f":"S191*H191","v":{"v":0,"d":"0.00000"}},{"$nulls":23},"4",null,"K","2",{"$nulls":3},"ROZPOCET",{"$nulls":5},{"$f":"IF(N191=\"základná\",J191,0)","v":{"v":0,"d":"0.00"}},{"$f":"IF(N191=\"znížená\",J191,0)","v":{"v":0,"d":"0.00"}},{"$f":"IF(N191=\"zákl. prenesená\",J191,0)","v":{"v":0,"d":"0.00"}},{"$f":"IF(N191=\"zníž. prenesená\",J191,0)","v":{"v":0,"d":"0.00"}},{"$f":"IF(N191=\"nulová\",J191,0)","v":{"v":0,"d":"0.00"}},"2",{"$f":"ROUND(I191*H191,2)","v":{"v":0,"d":"0.00"}},"4","66"]
[null,null,"34","K","451577121","Podkladná a výplňová vrstva z kameniva drveného hr. do 200 mm","m2",{"v":163.71,"d":"163.710"},null,{"$f":"ROUND(I192*H192,2)","v":{"v":0,"d":"0.00"}},null,null,"","znížená",null,{"$f":"O192*H192","v":{"v":0,"d":"0.00000"}},{"v":0.4,"d":"0.40000"},{"$f":"Q192*H192","v":{"v":65.48400000000001,"d":"65.48400"}},{"v":0,"d":"0.00000"},{"$f":"S192*H192","v":{"v":0,"d":"0.00000"}},{"$nulls":23},"4",null,"K","2",{"$nulls":3},"ROZPOCET",{"$nulls":5},{"$f":"IF(N192=\"základná\",J192,0)","v":{"v":0,"d":"0.00"}},{"$f":"IF(N192=\"znížená\",J192,0)","v":{"v":0,"d":"0.00"}},{"$f":"IF(N192=\"zákl. prenesená\",J192,0)","v":{"v":0,"d":"0.00"}},{"$f":"IF(N192=\"zníž. prenesená\",J192,0)","v":{"v":0,"d":"0.00"}},{"$f":"IF(N192=\"nulová\",J192,0)","v":{"v":0,"d":"0.00"}},"2",{"$f":"ROUND(I192*H192,2)","v":{"v":0,"d":"0.00"}},"4","68"]
[{"$nulls":3},"D","5","KOMUNIKÁCIE",{"$nulls":3},{"$f":"BK193","v":{"v":0,"d":"0.00"}},{"$nulls":5},{"$f":"SUM(P194:P205)","v":{"v":0,"d":"0.00000"}},null,{"$f":"SUM(R194:R205)","v":{"v":168.84366100000003,"d":"168.84366"}},null,{"$f":"SUM(T194:T205)","v":{"v":0,"d":"0.00000"}},{"$nulls":23},"1",null,"D","1",{"$nulls":3},"ROZPOCET",{"$nulls":11},{"$f":"SUM(BK194:BK205)","v":{"v":0,"d":"0.00"}}]
[null,null,"35","K","564201111","Podklad zo štrkopiesku hr. 40 mm","m2",{"v":163,"d":"163.000"},null,{"$f":"ROUND(I194*H194,2)","v":{"v":0,"d":"0.00"}},null,null,"","znížená",null,{"$f":"O194*H194","v":{"v":0,"d":"0.00000"}},0.08096,{"$f":"Q194*H194","v":{"v":13.196480000000001,"d":"13.19648"}},{"v":0,"d":"0.00000"},{"$f":"S194*H194","v":{"v":0,"d":"0.00000"}},{"$nulls":23},"4",null,"K","2",{"$nulls":3},"ROZPOCET",{"$nulls":5},{"$f":"IF(N194=\"základná\",J194,0)","v":{"v":0,"d":"0.00"}},{"$f":"IF(N194=\"znížená\",J194,0)","v":{"v":0,"d":"0.00"}},{"$f":"IF(N194=\"zákl. prenesená\",J194,0)","v":{"v":0,"d":"0.00"}},{"$f":"IF(N194=\"zníž. prenesená\",J194,0)","v":{"v":0,"d":"0.00"}},{"$f":"IF(N194=\"nulová\",J194,0)","v":{"v":0,"d":"0.00"}},"2",{"$f":"ROUND(I194*H194,2)","v":{"v":0,"d":"0.00"}},"4","70"]
[null,null,"36","K","564831111","Podklad zo štrkodrte hr. 100 mm","m2",{"v":197.3,"d":"197.300"},null,{"$f":"ROUND(I195*H195,2)","v":{"v":0,"d":"0.00"}},null,null,"","znížená",null,{"$f":"O195*H195","v":{"v":0,"d":"0.00000"}},0.18907,{"$f":"Q195*H195","v":{"v":37.303511,"d":"37.30351"}},{"v":0,"d":"0.00000"},{"$f":"S195*H195","v":{"v":0,"d":"0.00000"}},{"$nulls":23},"4",null,"K","2",{"$nulls":3},"ROZPOCET",{"$nulls":5},{"$f":"IF(N195=\"základná\",J195,0)","v":{"v":0,"d":"0.00"}},{"$f":"IF(N195=\"znížená\",J195,0)","v":{"v":0,"d":"0.00"}},{"$f":"IF(N195=\"zákl. prenesená\",J195,0)","v":{"v":0,"d":"0.00"}},{"$f":"IF(N195=\"zníž. prenesená\",J195,0)","v":{"v":0,"d":"0.00"}},{"$f":"IF(N195=\"nulová\",J195,0)","v":{"v":0,"d":"0.00"}},"2",{"$f":"ROUND(I195*H195,2)","v":{"v":0,"d":"0.00"}},"4","72"]
[{"$nulls":3},"P",null,"Poznámka k položke:\r\npodklad pod dlažbu = 163m2\r\npodklad pod asfalt = 9m2\r\npodklad pod gabión = 25,3m2\r\ncelkovo : 163+9+25,3 = 197,3m2",{"$nulls":39},"P","2"]
[null,null,"37","K","567133115","Podklad z kameniva spevn. cementom CBGM, hr. 200 mm","m2",{"v":163,"d":"163.000"},null,{"$f":"ROUND(I197*H197,2)","v":{"v":0,"d":"0.00"}},null,null,"","znížená",null,{"$f":"O197*H197","v":{"v":0,"d":"0.00000"}},0.50306,{"$f":"Q197*H197","v":81.99878},{"v":0,"d":"0.00000"},{"$f":"S197*H197","v":{"v":0,"d":"0.00000"}},{"$nulls":23},"4",null,"K","2",{"$nulls":3},"ROZPOCET",{"$nulls":5},{"$f":"IF(N197=\"základná\",J197,0)","v":{"v":0,"d":"0.00"}},{"$f":"IF(N197=\"znížená\",J197,0)","v":{"v":0,"d":"0.00"}},{"$f":"IF(N197=\"zákl. prenesená\",J197,0)","v":{"v":0,"d":"0.00"}},{"$f":"IF(N197=\"zníž. prenesená\",J197,0)","v":{"v":0,"d":"0.00"}},{"$f":"IF(N197=\"nulová\",J197,0)","v":{"v":0,"d":"0.00"}},"2",{"$f":"ROUND(I197*H197,2)","v":{"v":0,"d":"0.00"}},"4","74"]
[null,null,"38","K","573211111","Postrek živičný spojovací z cestného asfaltu 0,5-0,7 kg/m2","m2",{"v":9,"d":"9.000"},null,{"v":0,"d":"0.00"},null,null,"","znížená",null,{"v":0,"d":"0.00000"},0.00061,0.00549,{"v":0,"d":"0.00000"},{"v":0,"d":"0.00000"},{"$nulls":23},"4",null,"K","2",{"$nulls":3},"ROZPOCET",{"$nulls":5},{"v":0,"d":"0.00"},{"v":0,"d":"0.00"},{"v":0,"d":"0.00"},{"v":0,"d":"0.00"},{"v":0,"d":"0.00"},"2",{"v":0,"d":"0.00"},"4","76"]
[null,null,"39","K","577141122","Asfaltobetón š. do 3 m, hr. 50 mm","m2",{"v":9,"d":"9.000"},null,{"v":0,"d":"0.00"},null,null,"","znížená",null,{"v":0,"d":"0.00000"},{"v":0.1246,"d":"0.12460"},{"v":1.1214,"d":"1.12140"},{"v":0,"d":"0.00000"},{"v":0,"d":"0.00000"},{"$nulls":23},"4",null,"K","2",{"$nulls":3},"ROZPOCET",{"$nulls":5},{"v":0,"d":"0.00"},{"v":0,"d":"0.00"},{"v":0,"d":"0.00"},{"v":0,"d":"0.00"},{"v":0,"d":"0.00"},"2",{"v":0,"d":"0.00"},"4","78"]
[null,null,"40","K","596211112","Kladenie dlažby pre chodcov hr. 60 mm 100-300 m2","m2",{"v":163,"d":"163.000"},null,{"v":0,"d":"0.00"},null,null,"","znížená",null,{"v":0,"d":"0.00000"},{"v":0.074,"d":"0.07400"},{"v":12.062,"d":"12.06200"},{"v":0,"d":"0.00000"},{"v":0,"d":"0.00000"},{"$nulls":23},"4",null,"K","2",{"$nulls":3},"ROZPOCET",{"$nulls":5},{"v":0,"d":"0.00"},{"v":0,"d":"0.00"},{"v":0,"d":"0.00"},{"v":0,"d":"0.00"},{"v":0,"d":"0.00"},"2",{"v":0,"d":"0.00"},"4","80"]
[null,null,"41","M","592450010","Dlažba hr. 60 mm","m2",{"v":163,"d":"163.000"},null,{"v":0,"d":"0.00"},null,null,"","znížená",null,{"v":0,"d":"0.00000"},{"v":0.14,"d":"0.14000"},{"v":22.820000000000004,"d":"22.82000"},{"v":0,"d":"0.00000"},{"v":0,"d":"0.00000"},{"$nulls":23},"8",null,"M","2",{"$nulls":3},"ROZPOCET",{"$nulls":5},{"v":0,"d":"0.00"},{"v":0,"d":"0.00"},{"v":0,"d":"0.00"},{"v":0,"d":"0.00"},{"v":0,"d":"0.00"},"2",{"v":0,"d":"0.00"},"4","82"]
[null,null,"42","K","596211114","Príplatok za kladenie z dvoch farieb hr. 60 mm","m2",{"v":166,"d":"166.000"},null,{"v":0,"d":"0.00"},null,null,"","znížená",null,{"v":0,"d":"0.00000"},{"v":0,"d":"0.00000"},{"v":0,"d":"0.00000"},{"v":0,"d":"0.00000"},{"v":0,"d":"0.00000"},{"$nulls":23},"4",null,"K","2",{"$nulls":3},"ROZPOCET",{"$nulls":5},{"v":0,"d":"0.00"},{"v":0,"d":"0.00"},{"v":0,"d":"0.00"},{"v":0,"d":"0.00"},{"v":0,"d":"0.00"},"2",{"v":0,"d":"0.00"},"4","84"]
[null,null,"43","K","596213116","Kladenie bet. dlažby pre nevidiacich do lôžka z ťaženého kameniva hr. 6 cm","m2",{"v":3,"d":"3.000"},null,{"v":0,"d":"0.00"},null,null,"","znížená",null,{"v":0,"d":"0.00000"},{"v":0.112,"d":"0.11200"},{"v":0.336,"d":"0.33600"},{"v":0,"d":"0.00000"},{"v":0,"d":"0.00000"},{"$nulls":23},"4",null,"K","2",{"$nulls":3},"ROZPOCET",{"$nulls":5},{"v":0,"d":"0.00"},{"v":0,"d":"0.00"},{"v":0,"d":"0.00"},{"v":0,"d":"0.00"},{"v":0,"d":"0.00"},"2",{"v":0,"d":"0.00"},"4","86"]
[null,null,"44","M","592462844","Dlažba betónová pre nevidiacich SLP s vodiacou líniou prírodná 200x200x60mm (25ks/m2)","m2",{"v":1,"d":"1.000"},null,{"v":0,"d":"0.00"},null,null,"","znížená",null,{"v":0,"d":"0.00000"},{"v":0,"d":"0.00000"},{"v":0,"d":"0.00000"},{"v":0,"d":"0.00000"},{"v":0,"d":"0.00000"},{"$nulls":23},"8",null,"M","2",{"$nulls":3},"ROZPOCET",{"$nulls":5},{"v":0,"d":"0.00"},{"v":0,"d":"0.00"},{"v":0,"d":"0.00"},{"v":0,"d":"0.00"},{"v":0,"d":"0.00"},"2",{"v":0,"d":"0.00"},"4","88"]
[null,null,"45","M","592488108","Dlažba pre nevidiacich 20x20x6cm nopková červená","m2",{"v":2,"d":"2.000"},null,{"v":0,"d":"0.00"},null,null,"","znížená",null,{"v":0,"d":"0.00000"},{"v":0,"d":"0.00000"},{"v":0,"d":"0.00000"},{"v":0,"d":"0.00000"},{"v":0,"d":"0.00000"},{"$nulls":23},"8",null,"M","2",{"$nulls":3},"ROZPOCET",{"$nulls":5},{"v":0,"d":"0.00"},{"v":0,"d":"0.00"},{"v":0,"d":"0.00"},{"v":0,"d":"0.00"},{"v":0,"d":"0.00"},"2",{"v":0,"d":"0.00"},"4","90"]
[{"$nulls":3},"D","9","OSTATNÉ KONŠTRUKCIE A PRÁCE",{"$nulls":3},{"$f":"BK206","v":{"v":0,"d":"0.00"}},{"$nulls":5},{"$f":"SUM(P207:P226)","v":{"v":0,"d":"0.00000"}},null,{"$f":"SUM(R207:R226)","v":{"v":66.17962560000001,"d":"66.17963"}},null,{"$f":"SUM(T207:T226)","v":{"v":0.15191999999999997,"d":"0.15192"}},{"$nulls":23},"1",null,"D","1",{"$nulls":3},"ROZPOCET",{"$nulls":11},{"$f":"SUM(BK207:BK226)","v":{"v":0,"d":"0.00"}}]
[null,null,"46","K","914001111","Osadenie zvislých cestných dopravných značiek na stĺpiky, konzoly alebo objekty","kus",{"v":5,"d":"5.000"},null,{"$f":"ROUND(I207*H207,2)","v":{"v":0,"d":"0.00"}},null,null,"","znížená",null,{"$f":"O207*H207","v":{"v":0,"d":"0.00000"}},{"v":0.2457,"d":"0.24570"},{"$f":"Q207*H207","v":{"v":1.2285,"d":"1.22850"}},{"v":0,"d":"0.00000"},{"$f":"S207*H207","v":{"v":0,"d":"0.00000"}},{"$nulls":23},"4",null,"K","2",{"$nulls":3},"ROZPOCET",{"$nulls":5},{"$f":"IF(N207=\"základná\",J207,0)","v":{"v":0,"d":"0.00"}},{"$f":"IF(N207=\"znížená\",J207,0)","v":{"v":0,"d":"0.00"}},{"$f":"IF(N207=\"zákl. prenesená\",J207,0)","v":{"v":0,"d":"0.00"}},{"$f":"IF(N207=\"zníž. prenesená\",J207,0)","v":{"v":0,"d":"0.00"}},{"$f":"IF(N207=\"nulová\",J207,0)","v":{"v":0,"d":"0.00"}},"2",{"$f":"ROUND(I207*H207,2)","v":{"v":0,"d":"0.00"}},"4","92"]
[null,null,"47","K","914511111","Montáž stĺpika dopravných značiek dĺžky do 3,5 m s betónovým základom","kus",{"v":2,"d":"2.000"},null,{"v":0,"d":"0.00"},null,null,"","znížená",null,{"v":0,"d":"0.00000"},0.10941,0.21882,{"v":0,"d":"0.00000"},{"v":0,"d":"0.00000"},{"$nulls":23},"4",null,"K","2",{"$nulls":3},"ROZPOCET",{"$nulls":5},{"v":0,"d":"0.00"},{"v":0,"d":"0.00"},{"v":0,"d":"0.00"},{"v":0,"d":"0.00"},{"v":0,"d":"0.00"},"2",{"v":0,"d":"0.00"},"4","94"]
[null,null,"48","M","404137140","Upínacia svorka na stĺpik US 60","kus",{"v":10,"d":"10.000"},null,{"v":0,"d":"0.00"},null,null,"","znížená",null,{"v":0,"d":"0.00000"},{"v":3.5E-4,"d":"0.00035"},{"v":0.0035,"d":"0.00350"},{"v":0,"d":"0.00000"},{"v":0,"d":"0.00000"},{"$nulls":23},"8",null,"M","2",{"$nulls":3},"ROZPOCET",{"$nulls":5},{"v":0,"d":"0.00"},{"v":0,"d":"0.00"},{"v":0,"d":"0.00"},{"v":0,"d":"0.00"},{"v":0,"d":"0.00"},"2",{"v":0,"d":"0.00"},"4","96"]
[null,null,"49","M","404421309","Značka dopravná 325 - 335 Zn plech reflex. tr. 2 lis. okraj 600x600 mm","kus",{"v":3,"d":"3.000"},null,{"v":0,"d":"0.00"},null,null,"","znížená",null,{"v":0,"d":"0.00000"},{"v":0.0045,"d":"0.00450"},{"v":0.013499999999999998,"d":"0.01350"},{"v":0,"d":"0.00000"},{"v":0,"d":"0.00000"},{"$nulls":23},"8",null,"M","2",{"$nulls":3},"ROZPOCET",{"$nulls":5},{"v":0,"d":"0.00"},{"v":0,"d":"0.00"},{"v":0,"d":"0.00"},{"v":0,"d":"0.00"},{"v":0,"d":"0.00"},"2",{"v":0,"d":"0.00"},"4","98"]
[null,null,"50","M","404422103","Dodatková tabuľka 501 - 509 Zn plech reflex. tr. 2 lis. okraj 231 x 420 mm","kus",{"v":2,"d":"2.000"},null,{"v":0,"d":"0.00"},null,null,"","znížená",null,{"v":0,"d":"0.00000"},{"v":0.003,"d":"0.00300"},{"v":0.006,"d":"0.00600"},{"v":0,"d":"0.00000"},{"v":0,"d":"0.00000"},{"$nulls":23},"8",null,"M","2",{"$nulls":3},"ROZPOCET",{"$nulls":5},{"v":0,"d":"0.00"},{"v":0,"d":"0.00"},{"v":0,"d":"0.00"},{"v":0,"d":"0.00"},{"v":0,"d":"0.00"},"2",{"v":0,"d":"0.00"},"4","100"]
[null,null,"51","M","404459600","Stĺpik Fe 60/3 s povrchovou úpravou","m",{"v":7,"d":"7.000"},null,{"v":0,"d":"0.00"},null,null,"","znížená",null,{"v":0,"d":"0.00000"},{"v":2E-3,"d":"0.00200"},{"v":0.014,"d":"0.01400"},{"v":0,"d":"0.00000"},{"v":0,"d":"0.00000"},{"$nulls":23},"8",null,"M","2",{"$nulls":3},"ROZPOCET",{"$nulls":5},{"v":0,"d":"0.00"},{"v":0,"d":"0.00"},{"v":0,"d":"0.00"},{"v":0,"d":"0.00"},{"v":0,"d":"0.00"},"2",{"v":0,"d":"0.00"},"4","102"]
[null,null,"52","K","915321111","Predformátované vodorovné dopravné značenie, prechod pre chodcov","m2",{"v":10.32,"d":"10.320"},null,{"v":0,"d":"0.00"},null,null,"","znížená",null,{"v":0,"d":"0.00000"},{"v":7e-05,"d":"0.00007"},{"v":7.224E-4,"d":"0.00072"},{"v":0,"d":"0.00000"},{"v":0,"d":"0.00000"},{"$nulls":23},"4",null,"K","2",{"$nulls":3},"ROZPOCET",{"$nulls":5},{"v":0,"d":"0.00"},{"v":0,"d":"0.00"},{"v":0,"d":"0.00"},{"v":0,"d":"0.00"},{"v":0,"d":"0.00"},"2",{"v":0,"d":"0.00"},"4","104"]
[null,null,"53","K","915321115","Predformátované vodorovné dopravné značenie, vodiaci pás pre slabozrakých","m",{"v":11,"d":"11.000"},null,{"v":0,"d":"0.00"},null,null,"","znížená",null,{"v":0,"d":"0.00000"},0.00014,0.00154,{"v":0,"d":"0.00000"},{"v":0,"d":"0.00000"},{"$nulls":23},"4",null,"K","2",{"$nulls":3},"ROZPOCET",{"$nulls":5},{"v":0,"d":"0.00"},{"v":0,"d":"0.00"},{"v":0,"d":"0.00"},{"v":0,"d":"0.00"},{"v":0,"d":"0.00"},"2",{"v":0,"d":"0.00"},"4","106"]
[null,null,"54","K","915701111","Zhotovenie vodor. značenia krytu náterovými hmotami, čiary, zebry, šípky, nápisy","m2",{"v":10.32,"d":"10.320"},null,{"v":0,"d":"0.00"},null,null,"","znížená",null,{"v":0,"d":"0.00000"},0.00014,{"v":1.4448E-3,"d":"0.00144"},{"v":0,"d":"0.00000"},{"v":0,"d":"0.00000"},{"$nulls":23},"4",null,"K","2",{"$nulls":3},"ROZPOCET",{"$nulls":5},{"v":0,"d":"0.00"},{"v":0,"d":"0.00"},{"v":0,"d":"0.00"},{"v":0,"d":"0.00"},{"v":0,"d":"0.00"},"2",{"v":0,"d":"0.00"},"4","108"]
[null,null,"55","K","915711111","Vodorovné značenie krytov striek. farbou, deliace čiary š. 120 mm","m",{"v":11,"d":"11.000"},null,{"v":0,"d":"0.00"},null,null,"","znížená",null,{"v":0,"d":"0.00000"},{"v":9e-05,"d":"0.00009"},0.00099,{"v":0,"d":"0.00000"},{"v":0,"d":"0.00000"},{"$nulls":23},"4",null,"K","2",{"$nulls":3},"ROZPOCET",{"$nulls":5},{"v":0,"d":"0.00"},{"v":0,"d":"0.00"},{"v":0,"d":"0.00"},{"v":0,"d":"0.00"},{"v":0,"d":"0.00"},"2",{"v":0,"d":"0.00"},"4","110"]
[null,null,"56","K","917862111","Osad. chodník. obrubníka betón. stojatého s oporou do lôžka z betónu tr. C 12/15","m",{"v":220,"d":"220.000"},null,{"v":0,"d":"0.00"},null,null,"","znížená",null,{"v":0,"d":"0.00000"},0.13553,{"v":29.8166,"d":"29.81660"},{"v":0,"d":"0.00000"},{"v":0,"d":"0.00000"},{"$nulls":23},"4",null,"K","2",{"$nulls":3},"ROZPOCET",{"$nulls":5},{"v":0,"d":"0.00"},{"v":0,"d":"0.00"},{"v":0,"d":"0.00"},{"v":0,"d":"0.00"},{"v":0,"d":"0.00"},"2",{"v":0,"d":"0.00"},"4","112"]
[null,null,"57","M","592174320","Obrubník chodníkový 1000x100x300mm","kus",{"v":220,"d":"220.000"},null,{"v":0,"d":"0.00"},null,null,"","znížená",null,{"v":0,"d":"0.00000"},{"v":0.064,"d":"0.06400"},{"v":14.08,"d":"14.08000"},{"v":0,"d":"0.00000"},{"v":0,"d":"0.00000"},{"$nulls":23},"8",null,"M","2",{"$nulls":3},"ROZPOCET",{"$nulls":5},{"v":0,"d":"0.00"},{"v":0,"d":"0.00"},{"v":0,"d":"0.00"},{"v":0,"d":"0.00"},{"v":0,"d":"0.00"},"2",{"v":0,"d":"0.00"},"4","114"]
[null,null,"58","K","918101111","Lôžko pod obrubníky, krajníky, obruby z betónu tr. C 12/15","m3",{"v":8.8,"d":"8.800"},null,{"v":0,"d":"0.00"},null,null,"","znížená",null,{"v":0,"d":"0.00000"},2.36285,20.79308,{"v":0,"d":"0.00000"},{"v":0,"d":"0.00000"},{"$nulls":23},"4",null,"K","2",{"$nulls":3},"ROZPOCET",{"$nulls":5},{"v":0,"d":"0.00"},{"v":0,"d":"0.00"},{"v":0,"d":"0.00"},{"v":0,"d":"0.00"},{"v":0,"d":"0.00"},"2",{"v":0,"d":"0.00"},"4","116"]
[null,null,"59","K","966075141","Odstránenie rôznych konštrukcií na mostoch, kovové zábradlie vcelku","m",{"v":8.44,"d":"8.440"},null,{"v":0,"d":"0.00"},null,null,"","znížená",null,{"v":0,"d":"0.00000"},{"v":1.1E-4,"d":"0.00011"},{"v":0.0009284,"d":"0.00093"},{"v":0.018,"d":"0.01800"},{"v":0.15191999999999997,"d":"0.15192"},{"$nulls":23},"4",null,"K","2",{"$nulls":3},"ROZPOCET",{"$nulls":5},{"v":0,"d":"0.00"},{"v":0,"d":"0.00"},{"v":0,"d":"0.00"},{"v":0,"d":"0.00"},{"v":0,"d":"0.00"},"2",{"v":0,"d":"0.00"},"4","118"]
[null,null,"60","K","979082213","Vodorovná doprava sute po suchu do 1 km","t",4.612,null,{"v":0,"d":"0.00"},null,null,"","znížená",null,{"v":0,"d":"0.00000"},{"v":0,"d":"0.00000"},{"v":0,"d":"0.00000"},{"v":0,"d":"0.00000"},{"v":0,"d":"0.00000"},{"$nulls":23},"4",null,"K","2",{"$nulls":3},"ROZPOCET",{"$nulls":5},{"v":0,"d":"0.00"},{"v":0,"d":"0.00"},{"v":0,"d":"0.00"},{"v":0,"d":"0.00"},{"v":0,"d":"0.00"},"2",{"v":0,"d":"0.00"},"4","120"]
[null,null,"61","K","979082219","Príplatok za každý ďalší 1 km sute","t",41.508,null,{"v":0,"d":"0.00"},null,null,"","znížená",null,{"v":0,"d":"0.00000"},{"v":0,"d":"0.00000"},{"v":0,"d":"0.00000"},{"v":0,"d":"0.00000"},{"v":0,"d":"0.00000"},{"$nulls":23},"4",null,"K","2",{"$nulls":3},"ROZPOCET",{"$nulls":5},{"v":0,"d":"0.00"},{"v":0,"d":"0.00"},{"v":0,"d":"0.00"},{"v":0,"d":"0.00"},{"v":0,"d":"0.00"},"2",{"v":0,"d":"0.00"},"4","122"]
[null,null,"62","K","979087212","Nakladanie sute na dopravný prostriedok","t",4.612,null,{"v":0,"d":"0.00"},null,null,"","znížená",null,{"v":0,"d":"0.00000"},{"v":0,"d":"0.00000"},{"v":0,"d":"0.00000"},{"v":0,"d":"0.00000"},{"v":0,"d":"0.00000"},{"$nulls":23},"4",null,"K","2",{"$nulls":3},"ROZPOCET",{"$nulls":5},{"v":0,"d":"0.00"},{"v":0,"d":"0.00"},{"v":0,"d":"0.00"},{"v":0,"d":"0.00"},{"v":0,"d":"0.00"},"2",{"v":0,"d":"0.00"},"4","124"]
[null,null,"63","K","979131409","Poplatok za ulož.a znešk.staveb.sute na vymedzených skládkach \"O\"-ostatný odpad","t",4.612,null,{"v":0,"d":"0.00"},null,null,"","znížená",null,{"v":0,"d":"0.00000"},{"v":0,"d":"0.00000"},{"v":0,"d":"0.00000"},{"v":0,"d":"0.00000"},{"v":0,"d":"0.00000"},{"$nulls":23},"4",null,"K","2",{"$nulls":3},"ROZPOCET",{"$nulls":5},{"v":0,"d":"0.00"},{"v":0,"d":"0.00"},{"v":0,"d":"0.00"},{"v":0,"d":"0.00"},{"v":0,"d":"0.00"},"2",{"v":0,"d":"0.00"},"4","126"]
[null,null,"64","K","979131415","Poplatok za uloženie vykopanej zeminy","m3",{"v":99.4,"d":"99.400"},null,{"v":0,"d":"0.00"},null,null,"","znížená",null,{"v":0,"d":"0.00000"},{"v":0,"d":"0.00000"},{"v":0,"d":"0.00000"},{"v":0,"d":"0.00000"},{"v":0,"d":"0.00000"},{"$nulls":23},"4",null,"K","2",{"$nulls":3},"ROZPOCET",{"$nulls":5},{"v":0,"d":"0.00"},{"v":0,"d":"0.00"},{"v":0,"d":"0.00"},{"v":0,"d":"0.00"},{"v":0,"d":"0.00"},"2",{"v":0,"d":"0.00"},"4","128"]
[null,null,"65","K","998223011","Presun hmôt pre pozemné komunikácie, kryt dláždený","t",{"v":361.43,"d":"361.430"},null,{"v":0,"d":"0.00"},null,null,"","znížená",null,{"v":0,"d":"0.00000"},{"v":0,"d":"0.00000"},{"v":0,"d":"0.00000"},{"v":0,"d":"0.00000"},{"v":0,"d":"0.00000"},{"$nulls":23},"4",null,"K","2",{"$nulls":3},"ROZPOCET",{"$nulls":5},{"v":0,"d":"0.00"},{"v":0,"d":"0.00"},{"v":0,"d":"0.00"},{"v":0,"d":"0.00"},{"v":0,"d":"0.00"},"2",{"v":0,"d":"0.00"},"4","130"]
[{"$nulls":3},"D","D2","PRÁCE A DODÁVKY PSV",{"$nulls":3},{"$f":"BK227","v":{"v":0,"d":"0.00"}},{"$nulls":5},{"$f":"P228+P232","v":{"v":0,"d":"0.00000"}},null,{"$f":"R228+R232","v":{"v":0.6717349499999999,"d":"0.67173"}},null,{"$f":"T228+T232","v":{"v":0,"d":"0.00000"}},{"$nulls":23},"1",null,"D","0",{"$nulls":3},"ROZPOCET",{"$nulls":11},{"$f":"BK228+BK232","v":{"v":0,"d":"0.00"}}]
[{"$nulls":3},"D","767","Konštrukcie doplnk. kovové stavebné",{"$nulls":3},{"$f":"BK228","v":{"v":0,"d":"0.00"}},{"$nulls":5},{"$f":"SUM(P229:P231)","v":{"v":0,"d":"0.00000"}},null,{"$f":"SUM(R229:R231)","v":{"v":0.6689581499999999,"d":"0.66896"}},null,{"$f":"SUM(T229:T231)","v":{"v":0,"d":"0.00000"}},{"$nulls":23},"2",null,"D","1",{"$nulls":3},"ROZPOCET",{"$nulls":11},{"$f":"SUM(BK229:BK231)","v":{"v":0,"d":"0.00"}}]
[null,null,"66","K","767995108","Montáž atypických stavebných doplnk. konštrukcií nad 500 kg","kg",637.103,null,{"$f":"ROUND(I229*H229,2)","v":{"v":0,"d":"0.00"}},null,null,"","znížená",null,{"$f":"O229*H229","v":{"v":0,"d":"0.00000"}},{"v":5e-05,"d":"0.00005"},{"$f":"Q229*H229","v":{"v":0.03185515,"d":"0.03186"}},{"v":0,"d":"0.00000"},{"$f":"S229*H229","v":{"v":0,"d":"0.00000"}},{"$nulls":23},"16",null,"K","2",{"$nulls":3},"ROZPOCET",{"$nulls":5},{"$f":"IF(N229=\"základná\",J229,0)","v":{"v":0,"d":"0.00"}},{"$f":"IF(N229=\"znížená\",J229,0)","v":{"v":0,"d":"0.00"}},{"$f":"IF(N229=\"zákl. prenesená\",J229,0)","v":{"v":0,"d":"0.00"}},{"$f":"IF(N229=\"zníž. prenesená\",J229,0)","v":{"v":0,"d":"0.00"}},{"$f":"IF(N229=\"nulová\",J229,0)","v":{"v":0,"d":"0.00"}},"2",{"$f":"ROUND(I229*H229,2)","v":{"v":0,"d":"0.00"}},"16","132"]
[{"$nulls":3},"P",null,"Poznámka k položke:\r\nschodisko zábradlie:\r\nsĺpiky - 5kusov, dĺžka 1,5m, tyč priemeru 40mm (hmotnosť 2,57kg/m)\r\n(5*1,5*2*2,57) = 38,55kg\r\nmadlo - dĺžka 3,1m, tyč priemeru 40mm (hmotnosť 2,57kg/m)\r\n(3,1*2*2*2,57) = 31,868kg\r\nschodisko celkovo : 38,55 + 31,868 = 70,418kg\r\noporný múr zábradlie:\r\nsĺpiky - 43kusov, dĺžka 1,5m, tyč priemeru 40mm (hmotnosť 2,57kg/m)\r\n(43*1,5*2,57) = 165,765kg\r\nmadlo - dĺžka 52m, tyč priemeru 40mm (hmotnosť 2,57kg/m)\r\n(52*3*2,57) = 400,92kg\r\noporný múr celkovo : 165,765 + 400,92 = 566,685kg\r\noceľové konštrukcie celkovo : 70,418 + 566,685 = 637,103kg",{"$nulls":39},"P","2"]
[null,null,"67","M","553000010","Oceľové konštrukcie - predbežná cena","kg",637.103,null,{"$f":"ROUND(I231*H231,2)","v":{"v":0,"d":"0.00"}},null,null,"","znížená",null,{"$f":"O231*H231","v":{"v":0,"d":"0.00000"}},{"v":1E-3,"d":"0.00100"},{"$f":"Q231*H231","v":{"v":0.637103,"d":"0.63710"}},{"v":0,"d":"0.00000"},{"$f":"S231*H231","v":{"v":0,"d":"0.00000"}},{"$nulls":23},"32",null,"M","2",{"$nulls":3},"ROZPOCET",{"$nulls":5},{"$f":"IF(N231=\"základná\",J231,0)","v":{"v":0,"d":"0.00"}},{"$f":"IF(N231=\"znížená\",J231,0)","v":{"v":0,"d":"0.00"}},{"$f":"IF(N231=\"zákl. prenesená\",J231,0)","v":{"v":0,"d":"0.00"}},{"$f":"IF(N231=\"zníž. prenesená\",J231,0)","v":{"v":0,"d":"0.00"}},{"$f":"IF(N231=\"nulová\",J231,0)","v":{"v":0,"d":"0.00"}},"2",{"$f":"ROUND(I231*H231,2)","v":{"v":0,"d":"0.00"}},"16","134"]
[{"$nulls":3},"D","783","Nátery",{"$nulls":3},{"$f":"BK232","v":{"v":0,"d":"0.00"}},{"$nulls":5},{"$f":"SUM(P233:P235)","v":{"v":0,"d":"0.00000"}},null,{"$f":"SUM(R233:R235)","v":{"v":2.7768000000000003E-3,"d":"0.00278"}},null,{"$f":"SUM(T233:T235)","v":{"v":0,"d":"0.00000"}},{"$nulls":23},"2",null,"D","1",{"$nulls":3},"ROZPOCET",{"$nulls":11},{"$f":"SUM(BK233:BK235)","v":{"v":0,"d":"0.00"}}]
[null,null,"68","K","783222100","Nátery kov. stav. doplnk. konštr. syntet. dvojnásobné","m2",{"v":11.57,"d":"11.570"},null,{"$f":"ROUND(I233*H233,2)","v":{"v":0,"d":"0.00"}},null,null,"","znížená",null,{"$f":"O233*H233","v":{"v":0,"d":"0.00000"}},0.00016,{"$f":"Q233*H233","v":{"v":1.8512000000000001E-3,"d":"0.00185"}},{"v":0,"d":"0.00000"},{"$f":"S233*H233","v":{"v":0,"d":"0.00000"}},{"$nulls":23},"16",null,"K","2",{"$nulls":3},"ROZPOCET",{"$nulls":5},{"$f":"IF(N233=\"základná\",J233,0)","v":{"v":0,"d":"0.00"}},{"$f":"IF(N233=\"znížená\",J233,0)","v":{"v":0,"d":"0.00"}},{"$f":"IF(N233=\"zákl. prenesená\",J233,0)","v":{"v":0,"d":"0.00"}},{"$f":"IF(N233=\"zníž. prenesená\",J233,0)","v":{"v":0,"d":"0.00"}},{"$f":"IF(N233=\"nulová\",J233,0)","v":{"v":0,"d":"0.00"}},"2",{"$f":"ROUND(I233*H233,2)","v":{"v":0,"d":"0.00"}},"16","136"]
[{"$nulls":3},"P",null,"Poznámka k položke:\r\nzábradlie schodisko : 0,05*32,4 = 1,62m2\r\nzábradlie oporný múr : 0,05*199 = 9,95m2\r\ncelkovo : 1,62 + 9,95 = 11,57m2",{"$nulls":39},"P","2"]
[null,null,"69","K","783226100","Nátery kov. stav. doplnk. konštr. syntet. základné","m2",{"v":11.57,"d":"11.570"},null,{"$f":"ROUND(I235*H235,2)","v":{"v":0,"d":"0.00"}},null,null,"","znížená",null,{"$f":"O235*H235","v":{"v":0,"d":"0.00000"}},{"v":8e-05,"d":"0.00008"},{"$f":"Q235*H235","v":{"v":9.2560000000000006E-4,"d":"0.00093"}},{"v":0,"d":"0.00000"},{"$f":"S235*H235","v":{"v":0,"d":"0.00000"}},{"$nulls":23},"16",null,"K","2",{"$nulls":3},"ROZPOCET",{"$nulls":5},{"$f":"IF(N235=\"základná\",J235,0)","v":{"v":0,"d":"0.00"}},{"$f":"IF(N235=\"znížená\",J235,0)","v":{"v":0,"d":"0.00"}},{"$f":"IF(N235=\"zákl. prenesená\",J235,0)","v":{"v":0,"d":"0.00"}},{"$f":"IF(N235=\"zníž. prenesená\",J235,0)","v":{"v":0,"d":"0.00"}},{"$f":"IF(N235=\"nulová\",J235,0)","v":{"v":0,"d":"0.00"}},"2",{"$f":"ROUND(I235*H235,2)","v":{"v":0,"d":"0.00"}},"16","138"]
[{"$nulls":3},"D","D3","OSTATNÉ",{"$nulls":3},{"$f":"BK236","v":{"v":0,"d":"0.00"}},{"$nulls":5},{"$f":"P237","v":{"v":0,"d":"0.00000"}},null,{"$f":"R237","v":{"v":0,"d":"0.00000"}},null,{"$f":"T237","v":{"v":0,"d":"0.00000"}},{"$nulls":23},"1",null,"D","0",{"$nulls":3},"ROZPOCET",{"$nulls":11},{"$f":"BK237","v":{"v":0,"d":"0.00"}}]
[{"$nulls":3},"D","OST","vedľajšie rozpočtové náklady",{"$nulls":3},{"$f":"BK237","v":{"v":0,"d":"0.00"}},{"$nulls":5},{"$f":"P238","v":{"v":0,"d":"0.00000"}},null,{"$f":"R238","v":{"v":0,"d":"0.00000"}},null,{"$f":"T238","v":{"v":0,"d":"0.00000"}},{"$nulls":23},"4",null,"D","1",{"$nulls":3},"ROZPOCET",{"$nulls":11},{"$f":"BK238","v":{"v":0,"d":"0.00"}}]
[null,null,"70","K","003123","Geodetické práce po výstavbe","EUR",{"v":500,"d":"500.000"},null,{"$f":"ROUND(I238*H238,2)","v":{"v":0,"d":"0.00"}},null,null,"","znížená",null,{"$f":"O238*H238","v":{"v":0,"d":"0.00000"}},{"v":0,"d":"0.00000"},{"$f":"Q238*H238","v":{"v":0,"d":"0.00000"}},{"v":0,"d":"0.00000"},{"$f":"S238*H238","v":{"v":0,"d":"0.00000"}},{"$nulls":23},"262144",null,"K","2",{"$nulls":3},"ROZPOCET",{"$nulls":5},{"$f":"IF(N238=\"základná\",J238,0)","v":{"v":0,"d":"0.00"}},{"$f":"IF(N238=\"znížená\",J238,0)","v":{"v":0,"d":"0.00"}},{"$f":"IF(N238=\"zákl. prenesená\",J238,0)","v":{"v":0,"d":"0.00"}},{"$f":"IF(N238=\"zníž. prenesená\",J238,0)","v":{"v":0,"d":"0.00"}},{"$f":"IF(N238=\"nulová\",J238,0)","v":{"v":0,"d":"0.00"}},"2",{"$f":"ROUND(I238*H238,2)","v":{"v":0,"d":"0.00"}},"262144","140"]